日本の全駅名 - Statistics

General Stats
  • This quiz has been taken 1,180 times
  • The average score is 458 of 8972
Answer Stats
市町村 Answer % Correct
庄原市
72%
加西市
65%
千代田区 東京
64%
大阪市 大阪
62%
大阪市
61%
浜松市 浜松
58%
台東区 上野
57%
赤村
57%
京都市 京都
56%
角田市
55%
呉市
55%
新宿区 新宿
55%
津市
55%
横浜市 横浜
54%
名古屋市 | 四日市市
53%
港区 品川
53%
名古屋市 名古屋
53%
大阪市 新大阪
51%
亀山市 | 関市
48%
みどり市 | 田原市 | 神戸市 神戸
48%
名古屋市 | 沼津市 | 高松市
47%
仙台市 仙台
47%
渋谷区 渋谷
46%
さいたま市 大宮
46%
広島市 広島
45%
上越市 | 大和高田市 | 横浜市 | +3 others 高田
44%
千代田区 秋葉原
44%
出雲市 | 矢掛町 小田
44%
森町 | 貝塚市
44%
大津市 大津
44%
豊島区 池袋
44%
富士市 富士
44%
千葉市 千葉
43%
柏市
43%
佐々町 | 千代田区 神田
42%
鹿児島市 神田(交通局前)
42%
水戸市 水戸
42%
那珂市
42%
潟上市 天王
42%
大阪市 | 福島市 福島
42%
札幌市 さっぽろ
41%
旭市 | 高知市
41%
宇都宮市 宇都宮
41%
川崎市 川崎
41%
岡山市 岡山
40%
金沢市 金沢
40%
坂町
40%
横浜市 新横浜
40%
港区 新橋
40%
静岡市 静岡
40%
相生市 | 郡上市 相生
40%
品川区 大崎
40%
長野市 長野
40%
荒川区 日暮里
40%
熱海市 熱海
40%
富山市 富山
40%
札幌市 札幌
39%
いわき市 | 福島市
39%
岐阜市 岐阜
38%
高知市 鹿児
38%
鹿児島市 鹿児島
38%
小田原市 小田原
38%
新潟市 新潟
38%
荒川区 西日暮里
38%
渋谷区 代々木
38%
福岡市 博多
38%
飯田市 飯田
38%
豊橋市 豊橋
38%
品川区 目黒
38%
千代田区 有楽町
38%
宇治市 宇治
37%
大和市 | 桜川市 大和
37%
みどり市 | 上田市 | 中野区 中野
37%
函館市 函館
37%
八王子市 八王子
37%
多治見市
37%
港区 浜松町
37%
旭川市 旭川
36%
横須賀市 横須賀
36%
熊本市 熊本
36%
高崎市 高崎
36%
港区 高輪ゲートウェイ
36%
三島市 三島
36%
秋田市 秋田
36%
成田市 成田
36%
三豊市 みの
35%
大和郡山市 | 郡山市 郡山
35%
台東区 御徒町
35%
新宿区 高田馬場
35%
新宿区 新大久保
35%
大船渡市
35%
船橋市 船橋
35%
広島市 | 豊島区 大塚
35%
岡山市 | 港区 田町
35%
米原市 米原
35%
いわき市 いわき
34%
品川区 五反田
34%
堺市
34%
稚内市 稚内
34%
長崎市 | 高知市 長崎
34%
奈良市 奈良
34%
姫路市 姫路
34%
倉敷市 | 福井市 福井
34%
日野市 豊田
34%
豊島区 目白
34%
大阪市 野田
34%
茨木市 茨木
33%
さいたま市 浦和
33%
豊島区 駒込
33%
渋谷区 恵比寿
33%
かほく市 | 立川市 | 高松市 高松
33%
文京区 | 春日市 春日
33%
松山市 | 糸田町 松山
33%
盛岡市 盛岡
33%
青森市 青森
33%
長岡市 長岡
33%
八戸市 八戸
33%
台東区 鶯谷
33%
掛川市 掛川
32%
渋谷区 原宿
32%
鎌倉市 大船
32%
廿日市市 廿日市
32%
立川市 立川
32%
和歌山市 和歌山
32%
大阪市 なんば
31%
御所市
31%
四日市市 四日市
31%
鹿児島市 鹿児島中央
31%
北斗市 新函館北斗
31%
北区 赤羽
31%
豊島区 巣鴨
31%
宇治市 | 新宿区 | 明石市 | 潟上市 大久保
31%
北区 田端
31%
尼崎市 尼崎
31%
吉野川市
30%
宮崎市 宮崎
30%
八幡市 | 橋本市 | 相模原市 | 福岡市 橋本
30%
熊本市 | 豊岡市 | 豊川市 国府
30%
北九州市 | 宇治市 小倉
30%
名古屋市 | 大阪市 | 静岡市 清水
30%
西宮市 西宮
30%
台東区 浅草
30%
敦賀市 敦賀
30%
大阪市 梅田
30%
大田区 蒲田
29%
高槻市 高槻
29%
山形市 山形
29%
松本市 松本
29%
広島市 | 草津市 草津
29%
大田区 | 湖西市 大森
29%
横浜市 鶴見
29%
足立区 北千住
29%
つくば市 つくば
28%
光市
28%
甲府市 甲府
28%
高知市 高知
28%
三田市 | 港区 三田
28%
山口市 | 瀬戸市 山口
28%
市川市 市川
28%
我孫子市 | 高知市 新木
28%
成田市 成田空港(第1旅客ターミナル)
28%
前橋市 前橋
28%
中津市 | 大阪市 中津
28%
大阪市 天王寺
28%
藤沢市 藤沢
28%
中央区 | 大阪市 日本橋
28%
北九州市 | 浜松市 | 豊川市 八幡
28%
彦根市 彦根
28%
府中市 | 徳島市 府中
28%
川崎市 武蔵小杉
28%
浦安市 舞浜
28%
芦屋市 芦屋
27%
倉敷市 | 名古屋市 | 神戸市
27%
北区 王子
27%
岡崎市 岡崎
27%
下関市 下関
27%
海老名市 海老名
27%
鎌倉市 鎌倉
27%
札幌市 | 神戸市 元町
27%
呉市
27%
根室市 根室
27%
佐賀市 佐賀
27%
神戸市 新神戸
27%
千歳市 | 南房総市 千歳
27%
川口市 川口
27%
町田市 町田
27%
高岡市 福岡
27%
明石市 明石
27%
大阪市 あびこ
26%
さいたま市 さいたま新都心
26%
名古屋市 | 福岡市 金山
26%
千代田区 御茶ノ水
26%
八王子市 | 本巣市 高尾
26%
佐世保市 佐世保
26%
安城市 三河安城
26%
三条市 | 京都市 | 高松市 三条
26%
三鷹市 三鷹
26%
小山市 小山
26%
松江市 松江
26%
青森市 新青森
26%
船橋市 西船橋
26%
半田市 | 新潟市 | 盛岡市 青山
26%
川越市 川越
26%
千代田区 飯田橋
26%
東広島市 河内
25%
中央区 | 大阪市 京橋
25%
大津市
25%
近江八幡市 近江八幡
25%
横浜市 戸塚
25%
霧島市 | 高松市 国分
25%
千葉市 | 掛川市 桜木
25%
南相馬市 鹿島
25%
大阪市 | 宇土市 | 江東区 | +2 others 住吉
25%
松戸市 松戸
25%
沼津市 沼津
25%
山口市 新山口
25%
伊予市 | 札幌市 | 桐生市 | 豊橋市 新川
25%
江東区 新木場
25%
千代田区 水道橋
25%
福岡市 西新
25%
明石市 西明石
25%
前橋市 | 港区 | 福岡市 | 都留市 赤坂
25%
倉敷市 倉敷
25%
太田市 | 高松市 太田
25%
大月市 大月
25%
大熊町 大野
25%
加東市 | 那須烏山市
25%
さいたま市 南浦和
25%
清里町
25%
杉並区 荻窪
24%
会津若松市 会津若松
24%
久留米市 久留米
24%
熊谷市 熊谷
24%
足利市
24%
国立市 国立
24%
横浜市 桜木町
24%
八王子市 | 吹田市 | 郡上市 山田
24%
新宿区 四ツ谷
24%
糸魚川市 糸魚川
24%
京都市 | 大津市 | 小野市 | +2 others 小野
24%
新庄市 新庄
24%
吹田市 吹田
24%
品川区 大井町
24%
いの町 | 横浜市 中山
24%
調布市 調布
24%
鳥取市 鳥取
24%
福岡市 天神
24%
徳島市 徳島
24%
ニセコ町 ニセコ
23%
豊橋市 芦原
23%
我孫子市 我孫子
23%
釧路市 釧路
23%
国分寺市 国分寺
23%
神戸市 三ノ宮
23%
上田市 上田
23%
新宿区 新宿三丁目
23%
釧路市 新富士
23%
大垣市 大垣
23%
指宿市 | 板橋区 大山
23%
枚方市 津田
23%
横浜市 東神奈川
23%
荒川区 南千住
23%
札幌市 | 白石市 | 芦北町 白石
23%
板橋区 板橋
23%
札幌市 平和
23%
三原市 | 名古屋市 | 大刀洗町 | 長野市 本郷
23%
千葉市 幕張
23%
鈴鹿市
23%
燕市
22%
武蔵野市 吉祥寺
22%
高岡市 高岡
22%
黒部市 黒部
22%
鯖江市 鯖江
22%
宇城市 | 小平市 小川
22%
青梅市 青梅
22%
富山市 | 津市 千里
22%
大阪市 大阪梅田
22%
大分市 大分
22%
那須塩原市 那須塩原
22%
二宮町 二宮
22%
さいたま市 武蔵浦和
22%
小金井市 武蔵小金井
22%
平塚市 平塚
22%
北上市 北上
22%
木古内町 木古内
22%
越谷市 越谷
21%
墨田区 押上(スカイツリー前)
21%
江戸川区 葛西
21%
大田区 京急蒲田
21%
墨田区 錦糸町
21%
西宮市 甲子園
21%
杉並区 高円寺
21%
小田原市 国府津
21%
京都市 山科
21%
大垣市
21%
取手市 取手
21%
出雲市 出雲市
21%
小松市 小松
21%
小樽市 小樽
21%
下関市 新下関
21%
蒲郡市 西浦
21%
弘前市 石川
21%
摂津市 摂津
21%
仙台市 | 宮古市 | 薩摩川内市 川内
21%
銚子市 銚子
21%
中野区 東中野
21%
大阪市 難波
21%
二戸市 二戸
21%
丹波市 | 柏原市 | 米原市 柏原
21%
富士見町 富士見
21%
福山市 福山
21%
美里町 | 高知市 北浦
21%
足立区 綾瀬
20%
安芸市 安芸
20%
安城市 安城
20%
浦安市 | 琴浦町 浦安
20%
大網白里市 | 深谷市 永田
20%
奈良市 近鉄奈良
20%
軽井沢町 軽井沢
20%
中川町 佐久
20%
佐倉市 佐倉
20%
神戸市 三宮
20%
三原市 三原
20%
京都市 四条
20%
京都市 | 北区 十条
20%
ひたちなか市 勝田
20%
妙高市 | 朝来市 新井
20%
大阪市 新今宮
20%
逗子市 逗子
20%
杉並区 西荻窪
20%
大阪市 西九条
20%
足利市 足利
20%
大磯町 大磯
20%
大阪市 大阪難波
20%
千代田区 | 松山市 大手町
20%
大阪市 淡路
20%
長岡京市 長岡京
20%
光市 | 島田市 島田
20%
東根市 東根
20%
京都市 | 生駒市 東山
20%
湯河原町 湯河原
20%
日野市 | 日野町 | 須坂市 日野
20%
日立市 日立
20%
萩市
20%
武蔵野市 武蔵境
20%
さいたま市 北浦和
20%
大阪市 本町
20%
網走市 網走
20%
さいたま市 与野
20%
蕨市
20%
伊東市 伊東
19%
湯沢町 越後湯沢
19%
刈谷市 刈谷
19%
横浜市 関内
19%
中央区 銀座
19%
京都市 | 大和郡山市 | 大阪市 九条
19%
京都市
19%
名古屋市 | 周南市 | 戸田市 戸田
19%
諫早市
19%
八雲町 | 大山崎町 | 稲沢市 山崎
19%
所沢市 所沢
19%
新宿区 信濃町
19%
みなかみ町 水上
19%
川口市 西川口
19%
台東区 浅草橋
19%
千葉市 蘇我
19%
水俣市
19%
長浜市 長浜
19%
習志野市 津田沼
19%
三好市
19%
大阪市 鶴橋
19%
東浦町 東浦
19%
日光市 日光
19%
函南町 函南
19%
福知山市 福知山
19%
米子市 米子
19%
茨木市 | 豊川市 豊川
19%
北見市 北見
19%
北広島市 北広島
19%
本庄市 本庄
19%
京都市
19%
あさぎり町 あさぎり
18%
粕屋町 伊賀
18%
一関市 一ノ関
18%
三条市 燕三条
18%
塩尻市 塩尻
18%
奥多摩町 奥多摩
18%
加古川市 加古川
18%
千葉市 海浜幕張
18%
茅ヶ崎市 茅ケ崎
18%
田尻町 関西空港
18%
岩国市 岩国
18%
横須賀市 久里浜
18%
川崎市 京急川崎
18%
京田辺市 京田辺
18%
桐生市 桐生
18%
弘前市 弘前
18%
西宮市 甲子園口
18%
高山市 高山
18%
岡山市 高島
18%
小田原市 根府川
18%
三郷市 | 三郷町 | 尾張旭市 三郷
18%
長崎市 市役所
18%
上尾市 上尾
18%
千歳市 新千歳空港
18%
倉敷市 新倉敷
18%
西郷村 新白河
18%
神戸市 神戸三宮
18%
横浜市 神奈川
18%
神戸市 須磨
18%
さいたま市 西浦和
18%
八王子市 西八王子
18%
苫小牧市 青葉
18%
相模原市 相模原
18%
渋谷区 代々木上原
18%
奈良市 大和西大寺
18%
鳥羽市 鳥羽
18%
藤沢市 辻堂
18%
鶴岡市 鶴岡
18%
大阪市 天満
18%
加西市 田原
18%
さいたま市 東浦和
18%
東海村 東海
18%
栃木市 栃木
18%
草津市 南草津
18%
稚内市 南稚内
18%
中央区 | 広島市 八丁堀
18%
浜田市 浜田
18%
名古屋市 名鉄名古屋
18%
神戸市 六甲
18%
港区 六本木
18%
秋田市 和田
18%
大阪市 JR難波
18%
泉佐野市 りんくうタウン
17%
杉並区 阿佐ケ谷
17%
あわら市 芦原温泉
17%
伊勢崎市 伊勢崎
17%
伊達市 伊達
17%
伊丹市 伊丹
17%
京都市 稲荷
17%
むつ市 下北
17%
江戸川区 葛西臨海公園
17%
蒲郡市 蒲郡
17%
久喜市 久喜
17%
五條市 | 京都市 五条
17%
大阪市 今宮
17%
安城市 | 桜井市 | 箕面市 桜井
17%
函館市 | 千葉市 | 広島市 | +5 others 市役所前
17%
江戸川区 小岩
17%
下野市 小金井
17%
松島町 松島
17%
焼津市 焼津
17%
常滑市 常滑
17%
浦安市 新浦安
17%
横浜市 新子安
17%
葛飾区 新小岩
17%
川崎市 新川崎
17%
伊達市 | 宇治市 | 登米市 | 草加市 新田
17%
深谷市 深谷
17%
真鶴町 真鶴
17%
岡山市 瀬戸
17%
国分寺市 西国分寺
17%
千葉市 千葉みなと
17%
富田林市 | 岩国市 川西
17%
帯広市 帯広
17%
大阪市 大阪城公園
17%
中津川市 中津川
17%
目黒区 中目黒
17%
土浦市 土浦
17%
島本町 島本
17%
小金井市 東小金井
17%
周南市 徳山
17%
京都市 二条
17%
一宮市 尾張一宮
17%
別府市 | 加古川市 | 福岡市 別府
17%
大阪市 弁天町
17%
宝塚市 宝塚
17%
鎌倉市 北鎌倉
17%
木津川市 | 神戸市 木津
17%
流山市 流山
17%
諫早市 諫早
17%
茨木市 JR総持寺
17%
横浜市 みなとみらい
16%
安中市 安中
16%
横浜市 磯子
16%
千葉市 稲毛
16%
和歌山市 紀伊
16%
江東区 亀戸
16%
亀山市 | 姫路市 亀山
16%
墨田区 | 菊川市 菊川
16%
横浜市 菊名
16%
吉野町 | 大牟田市 吉野
16%
牛久市 牛久
16%
名古屋市 近鉄名古屋
16%
島田市 金谷
16%
桑名市 桑名
16%
千葉市 | 富山市 | 広島市 | +4 others 県庁前
16%
大崎市 古川
16%
海老名市 厚木
16%
室蘭市 室蘭
16%
名古屋市 | 守山市 守山
16%
上越市 上越妙高
16%
上野原市 上野原
16%
伊賀市 新居
16%
札幌市 新札幌
16%
松戸市 新松戸
16%
中央区 新日本橋
16%
生駒市 生駒
16%
新宿区 西新宿
16%
大津市 石山
16%
前橋市
16%
大津市 膳所
16%
小田原市 早川
16%
袋井市 袋井
16%
大牟田市 大牟田
16%
池田市 | 池田町 | 熊本市 池田
16%
秩父市 秩父
16%
四万十市 中村
16%
朝霞市 朝霞
16%
長万部町 長万部
16%
球磨村
16%
横浜市 東戸塚
16%
北区 東十条
16%
那覇市 那覇空港
16%
船橋市 南船橋
16%
福知山市 二俣
16%
南丹市 | 横浜市 日吉
16%
尾道市 尾道
16%
神戸市 兵庫
16%
米沢市 米沢
16%
江東区 豊洲
16%
墨田区 両国
16%
練馬区 練馬
16%
飯山市
16%
和歌山市 和歌山市
16%
和光市 和光市
16%
大阪市 コスモスクエア
15%
堺市 なかもず
15%
宇部市 宇部
15%
江東区 越中島
15%
今別町 奥津軽いまべつ
15%
横須賀市 横須賀中央
15%
王寺町 王寺
15%
宇都宮市 | 神戸市 | 高松市 岡本
15%
音威子府村 音威子府
15%
加賀市 加賀温泉
15%
花巻市 花巻
15%
宮津市 喜多
15%
亀岡市 亀岡
15%
廿日市市 宮島口
15%
犬山市 犬山
15%
古河市 古河
15%
鴻巣市 鴻巣
15%
会津美里町 | 横浜市 根岸
15%
堺市 堺市
15%
大阪市 桜島
15%
八戸市
15%
春日部市 春日部
15%
川崎市 昭和
15%
新宮市 新宮
15%
高岡市 新高岡
15%
新潟市 新津
15%
千葉市 西千葉
15%
品川区 西大井
15%
京都市 西大路
15%
大阪市 西梅田
15%
港区 青山一丁目
15%
石巻市 石巻
15%
下野市 | 長崎市 石橋
15%
渋谷区 千駄ケ谷
15%
新宿区 早稲田
15%
相模原市 相模湖
15%
大阪市 | 雲仙市 大正
15%
新発田市 中浦
15%
さいたま市 中浦和
15%
横浜市 長津田
15%
根室市 東根室
15%
船橋市 東船橋
15%
さいたま市 東大宮
15%
豊橋市 東田
15%
大阪市 東淀川
15%
苫小牧市 苫小牧
15%
神戸市
15%
さいたま市 | 名寄市 | 日進市 日進
15%
中央区 馬喰町
15%
飯山市 飯山
15%
四日市市 | 足利市 | 高槻市 富田
15%
富良野市 富良野
15%
京都市 | 名古屋市 伏見
15%
松山市 | 江戸川区 平井
15%
横浜市 保土ケ谷
15%
市川市 本八幡
15%
枚方市 枚方市
15%
千葉市 幕張本郷
15%
箕面市 箕面
15%
渋谷区 明治神宮前〈原宿〉
15%
野洲市 野洲
15%
新宿区 落合
15%
鈴鹿市 鈴鹿
15%
岩手町 いわて沼宮内
14%
占冠村 トマム
14%
牛久市 ひたち野うしく
14%
高松市 一宮
14%
茨木市 茨木市
14%
さいたま市 浦和美園
14%
千代田区 永田町
14%
安中市 | 広島市 横川
14%
下諏訪町 下諏訪
14%
みやま市
14%
小田原市 鴨宮
14%
葛飾区 亀有
14%
木更津市 | 福岡市 祇園
14%
大阪市 玉造
14%
長浜市 近江塩津
14%
伊予市
14%
横浜市 元町・中華街
14%
戸田市 戸田公園
14%
佐倉市 公園
14%
山陽小野田市 厚狭
14%
那須塩原市 黒磯
14%
米原市 坂田
14%
荒川区 三河島
14%
坂井市 | 大阪市 三国
14%
横浜市 山手
14%
目黒区 自由が丘
14%
大阪市 十三
14%
千代田区 | 小川町 小川町
14%
小竹町 小竹
14%
若狭町 上中
14%
前橋市 新前橋
14%
神戸市 新長田
14%
大阪市 森ノ宮
14%
奥州市 水沢
14%
世田谷区 世田谷
14%
港区 赤坂見附
14%
飯田市 千代
14%
豊中市 千里中央
14%
川越市 川越市
14%
八千代市 | 村上市 村上
14%
渋谷区 代々木公園
14%
大仙市 大曲
14%
川崎市 大川
14%
大府市 大府
14%
岡崎市 | 港区 | 福山市 大門
14%
男鹿市 男鹿
14%
大阪市 塚本
14%
川崎市 登戸
14%
静岡市 東静岡
14%
川口市 東川口
14%
藤枝市 藤枝
14%
名古屋市 熱田
14%
白河市 白河
14%
八代市 八代
14%
南丹市 八木
14%
港区 表参道
14%
東大阪市 布施
14%
磐田市 | 豊岡市 豊岡
14%
いの町 | 京都市 | 仙台市 | 真岡市 北山
14%
大分市 | 福知山市
14%
さいたま市 与野本町
14%
横浜市 洋光台
14%
大阪市 淀屋橋
14%
神戸市 六甲道
14%
横須賀市 YRP野比
14%
えびの市 えびの
13%
東根市 さくらんぼ東根
13%
西宮市 さくら夙川
13%
大阪市 ユニバーサルシティ
13%
阿蘇市 阿蘇
13%
袋井市 | 雲仙市 愛野
13%
伊勢市 伊勢市
13%
宇佐市 宇佐
13%
京都市 烏丸
13%
越谷市 越谷レイクタウン
13%
出雲市
13%
甲州市 塩山
13%
岡谷市 岡谷
13%
船橋市 下総中山
13%
世田谷区 下北沢
13%
下呂市 下呂
13%
加茂市 | 木津川市 | 鳥羽市 加茂
13%
川越市 霞ヶ関
13%
京都市 京都河原町
13%
静岡市 興津
13%
葛飾区 金町
13%
久喜市 栗橋
13%
恵庭市 恵庭
13%
港区 虎ノ門
13%
御殿場市 御殿場
13%
向日市 向日町
13%
江戸川区 江戸川
13%
横浜市 港南台
13%
甲賀市 甲南
13%
高槻市 高槻市
13%
千代田区 国会議事堂前
13%
一宮市 | 田原本町 黒田
13%
佐野市 佐野
13%
大阪市 桜ノ宮
13%
津山市 三浦
13%
三浦市 三崎口
13%
山梨市 山梨市
13%
四街道市 四街道
13%
新宿区 市ヶ谷
13%
鹿嶋市 鹿島神宮
13%
小浜市 小浜
13%
印西市 | 宝塚市 | 小林市 小林
13%
沼田市 沼田
13%
諏訪市 上諏訪
13%
札幌市 新さっぽろ
13%
鳥栖市 新鳥栖
13%
札幌市 | 滑川町 森林公園
13%
深川市 深川
13%
名古屋市 神宮前
13%
岐阜市 西岐阜
13%
西尾市 西尾
13%
横浜市 石川町
13%
高槻市 摂津富田
13%
泉佐野市 泉佐野
13%
相模原市 相模大野
13%
静岡市 草薙
13%
大田区 多摩川
13%
名古屋市 | 福知山市 大江
13%
大阪市 大阪上本町
13%
江東区 | 郡上市 大島
13%
辰野町 辰野
13%
大和市 中央林間
13%
常滑市 中部国際空港
13%
江東区 潮見
13%
東大阪市 | 神戸市 長田
13%
鳥栖市 鳥栖
13%
我孫子市 天王台
13%
大田区 田園調布
13%
東金市 東金
13%
千歳市 南千歳
13%
流山市 南流山
13%
一宮市 二子
13%
東近江市 能登川
13%
赤穂市 播州赤穂
13%
松戸市 馬橋
13%
八王子市 八王子みなみ野
13%
八尾市 八尾
13%
飯能市 飯能
13%
磐田市 磐田
13%
富岡町 富岡
13%
府中市 府中本町
13%
久留米市 | 八王子市 北野
13%
さいたま市 北与野
13%
横浜市 本郷台
13%
名寄市 名寄
13%
名取市 名取
13%
世田谷区 明大前
13%
姫路市 網干
13%
木更津市 木更津
13%
熊谷市 籠原
13%
大田区 羽田空港第3ターミナル
13%
横浜市 あざみ野
12%
香南市 よしかわ
12%
近江八幡市 安土
12%
鴨川市 安房鴨川
12%
下田市 伊豆急下田
12%
豊川市 伊奈
12%
稲沢市 稲沢
12%
北区 | 千葉市 | 名古屋市 | +2 others 栄町
12%
遠軽町 遠軽
12%
桶川市 桶川
12%
八頭町 河原
12%
静岡市 蒲原
12%
茅野市 茅野
12%
関ケ原町 関ケ原
12%
館山市 館山
12%
吹田市 岸辺
12%
岩見沢市 岩見沢
12%
吉川市 吉川
12%
東大阪市 | 燕市 吉田
12%
八王子市 京王八王子
12%
葛飾区 京成高砂
12%
台東区 京成上野
12%
大阪市 | 洋野町 玉川
12%
四日市市 近鉄四日市
12%
横浜市 金沢八景
12%
横浜市 金沢文庫
12%
千代田区 九段下
12%
栗東市 栗東
12%
京都市 | 桂川町 桂川
12%
南相馬市 原ノ町
12%
古賀市 古賀
12%
函館市 五稜郭
12%
江別市 | 高砂市 高砂
12%
八王子市 高尾山口
12%
津山市 | 足立区 高野
12%
今治市 今治
12%
坂出市 坂出
12%
世田谷区 三軒茶屋
12%
世田谷区 | 山元町 | 川西市 山下
12%
市川市 市川塩浜
12%
城陽市 | 立山町 寺田
12%
七尾市 七尾
12%
守口市 守口
12%
酒田市 酒田
12%
十日町市 十日町
12%
春日井市 春日井
12%
練馬区 小竹向原
12%
松阪市 松阪
12%
大阪市 心斎橋
12%
花巻市 新花巻
12%
横浜市 新高島
12%
習志野市 新習志野
12%
横浜市 新杉田
12%
八代市 新八代
12%
千代田区 神保町
12%
神戸市 須磨海浜公園
12%
大津市 | 大津町 瀬田
12%
江戸川区 西葛西
12%
焼津市 西焼津
12%
東広島市 | 筑北村 西条
12%
中富良野町 西中
12%
新宿区 西武新宿
12%
江東区 | 糸魚川市 青海
12%
笛吹市 石和温泉
12%
神戸市 摂津本山
12%
摂津市 千里丘
12%
占冠村 占冠
12%
札幌市 大通
12%
滝川市 滝川
12%
南陽市 | 横浜市 中川
12%
中野区 中野坂上
12%
朝日町 朝日
12%
出雲市 直江
12%
品川区 天王洲アイル
12%
岡崎市 東岡崎
12%
松戸市 東松戸
12%
新宿区 東新宿
12%
文京区 東大前
12%
富士市 東田子の浦
12%
大阪市 東梅田
12%
日光市 東武日光
12%
大阪市 動物園前
12%
越谷市 南越谷
12%
彦根市 南彦根
12%
さいたま市 南与野
12%
二本松市 二本松
12%
山武市 日向
12%
泉佐野市 日根野
12%
松江市 乃木
12%
昭島市 拝島
12%
柏崎市 柏崎
12%
白岡市 白岡
12%
三木町 | 文京区 | 新潟市 白山
12%
白浜町 白浜
12%
北区 尾久
12%
富士宮市 富士宮
12%
富士吉田市 富士山
12%
富士市 富士川
12%
越前市 武生
12%
神戸市 舞子
12%
浜松市 弁天島
12%
豊富町 豊富
12%
松戸市 北松戸
12%
大阪市 北新地
12%
大阪市 | 網走市 北浜
12%
一宮市 木曽川
12%
北九州市 門司
12%
京都市 嵐山
12%
流山市 流山おおたかの森
12%
高岡市
12%
大阪市 JR淡路
12%
常滑市 りんくう常滑
11%
大阪市 芦原橋
11%
伊勢原市 伊勢原
11%
稲城市 稲城
11%
南魚沼市 浦佐
11%
延岡市 延岡
11%
横手市 横手
11%
おいらせ町 下田
11%
河内長野市 河内長野
11%
千葉市 | 奈良市 | 札幌市 学園前
11%
滑川市 滑川
11%
富士市 吉原
11%
宮崎市 宮崎空港
11%
横須賀市 京急久里浜
11%
大阪狭山市 狭山
11%
高島市 近江今津
11%
米原市 近江長岡
11%
倶知安町 倶知安
11%
君津市 君津
11%
千葉市 検見川
11%
広島市 五日市
11%
文京区 後楽園
11%
清水町 | 神戸市 御影
11%
松浦市 | 磐田市 御厨
11%
藤沢市 江ノ島
11%
出雲市 | 江南市 江南
11%
川崎市 溝の口
11%
甲賀市 甲賀
11%
神戸市 甲南山手
11%
行田市 行田
11%
香芝市 香芝
11%
茅ヶ崎市 香川
11%
高崎市 高崎問屋町
11%
川崎市 | 綾部市 高津
11%
出雲市 | 松山市 | 石岡市 高浜
11%
佐久市 佐久平
11%
砂川市 砂川
11%
南部町 三戸
11%
新座市 志木
11%
下野市 自治医大
11%
京都市 七条
11%
南国市 | 豊田市 | 近江八幡市 篠原
11%
甲州市 勝沼ぶどう郷
11%
美馬市 小島
11%
北杜市 小淵沢
11%
松田町 松田
11%
山武市 | 島原市 | 鳥羽市 松尾
11%
藤沢市 湘南台
11%
上郡町 上郡
11%
一宮町 上総一ノ宮
11%
北区 上中里
11%
高島市 新旭
11%
静岡市 新蒲原
11%
千葉市 新検見川
11%
三田市 新三田
11%
湖西市 新所原
11%
熊本市 | 高崎市 新町
11%
神戸市 垂水
11%
水俣市 水俣
11%
西宮市 西宮北口
11%
秩父市 西武秩父
11%
葛飾区 青砥
11%
石岡市 石岡
11%
北区 赤羽岩淵
11%
水戸市 赤塚
11%
港区 泉岳寺
11%
船橋市 船橋法典
11%
豊中市 | 高砂市 曽根
11%
相馬市 相馬
11%
草加市 草加
11%
村山市 | 須坂市 村山
11%
沼津市 大岡
11%
大館市 大館
11%
いすみ市 | 広島市 | 美作市 大原
11%
名古屋市 大高
11%
神戸市 大石
11%
函館市 | 大町町 | 富山市 | +3 others 大町
11%
大津市 大津京
11%
橿原市 大和八木
11%
箕輪町
11%
中央区 築地
11%
堺市 中百舌鳥
11%
朝霞市 朝霞台
11%
荒川区 町屋
11%
尼崎市 塚口
11%
大阪市 天下茶屋
11%
大田区 天空橋
11%
天童市 天童
11%
浜松市 天竜川
11%
横須賀市 田浦
11%
長浜市 田村
11%
安曇野市 田沢
11%
柏市 南柏
11%
世田谷区 二子玉川
11%
豊橋市 二川
11%
千代田区 日比谷
11%
箱根町 箱根湯本
11%
北区 浮間舟渡
11%
武雄市 武雄温泉
11%
福生市 福生
11%
瑞穂市 穂積
11%
足立区 北綾瀬
11%
戸田市 北戸田
11%
北区 北赤羽
11%
柏市 北柏
11%
北本市 北本
11%
厚木市 本厚木
11%
千葉市 本千葉
11%
神戸市 摩耶
11%
千葉市 幕張豊砂
11%
枕崎市 枕崎
11%
鳴門市 鳴門
11%
江東区 木場
11%
笠間市 友部
11%
静岡市 由比
11%
尼崎市 立花
11%
龍ケ崎市 龍ケ崎市
11%
大田区 羽田空港第1ターミナル
11%
大田区 羽田空港第2ターミナル
11%
うきは市 うきは
10%
横浜市 たまプラーザ
10%
大阪市 ドーム前
10%
豊川市 愛知御津
10%
旭川市 旭川四条
10%
小野市 粟生
10%
静岡市 安倍川
10%
松阪市 伊勢中川
10%
横須賀市 衣笠
10%
井原市 | 豊橋市 井原
10%
静岡市 井川
10%
佐倉市 | 高崎市 井野
10%
一戸町 一戸
10%
千葉市 稲毛海岸
10%
伊勢市 宇治山田
10%
玉野市 宇野
10%
宇和島市 宇和島
10%
羽生市 羽生
10%
塩竈市 塩釜
10%
富士河口湖町 河口湖
10%
横浜市 海芝浦
10%
福岡市 | 貝塚市 貝塚
10%
仙北市 角館
10%
目黒区 学芸大学
10%
名古屋市 笠寺
10%
鎌ケ谷市 鎌ヶ谷
10%
銚子市 観音
10%
丸亀市 丸亀
10%
岸和田市 岸和田
10%
岩沼市 岩沼
10%
京都市 | 山口市 | 岩倉市 岩倉
10%
寄居町 寄居
10%
京都市 祇園四条
10%
八尾市 久宝寺
10%
宮古市 宮古
10%
南陽市 | 廿日市市 | 長岡市 宮内
10%
広島市 | 知立市 | 足立区 牛田
10%
横浜市 京急鶴見
10%
成田市 京成成田
10%
習志野市 京成津田沼
10%
大府市 共和
10%
境港市 境港
10%
中央区 銀座一丁目
10%
中央区 月島
10%
千葉市 検見川浜
10%
五所川原市 五所川原
10%
御坊市 御坊
10%
土浦市 荒川沖
10%
高萩市 高萩
10%
日高市 高麗
10%
大阪市 | 東近江市 桜川
10%
三浦市 三浦海岸
10%
上野原市 四方津
10%
士別市 士別
10%
小野市 | 福智町 市場
10%
指宿市 指宿
10%
大阪市 寺田町
10%
守口市 守口市
10%
守谷市 守谷
10%
横浜市 | 都留市 十日市場
10%
出水市 出水
10%
京都市 出町柳
10%
勝浦市 勝浦
10%
横浜市 小机
10%
小平市 小平
10%
由布市 | 豊中市 庄内
10%
昭島市 昭島
10%
松山市 松山市
10%
上川町 上川
10%
横浜市 上大岡
10%
台東区 上野御徒町
10%
常陸太田市 常陸太田
10%
川崎市 尻手
10%
安城市 新安城
10%
越谷市 新越谷
10%
新見市 新見
10%
千代田区 新御茶ノ水
10%
台東区 新御徒町
10%
新座市 新座
10%
東村山市 新秋津
10%
静岡市 新静岡
10%
奈良市 新大宮
10%
新得町 新得
10%
白岡市 新白岡
10%
新宿区 神楽坂
10%
大村市 諏訪
10%
垂井町 垂井
10%
稲沢市 清洲
10%
仙北市 | 川崎市 生田
10%
北九州市 | 柏崎市 西山
10%
足立区 西新井
10%
さいたま市 西大宮
10%
世田谷区 千歳烏山
10%
名古屋市 千種
10%
川西市 川西能勢口
10%
双葉町 双葉
10%
町田市 相原
10%
多治見市 多治見
10%
横浜市 大口
10%
大阪市 大阪港
10%
大阪市 大阪城北詰
10%
七飯町 大沼
10%
品川区 大森海岸
10%
いなべ市 | 伊達市 | 富山市 大泉
10%
名古屋市 大曽根
10%
三木市 | 大村市 大村
10%
江東区 辰巳
10%
知立市 知立
10%
板橋区 地下鉄成増
10%
練馬区 地下鉄赤塚
10%
京都市 | 朝来市 竹田
10%
新宿区 中井
10%
明石市 朝霧
10%
大阪市 長居
10%
上越市 直江津
10%
四日市市 | 大津市 | 安平町 | 秋田市 追分
10%
名古屋市 鶴舞
10%
大阪市 天満橋
10%
天理市 天理
10%
仙北市 田沢湖
10%
登別市 登別
10%
都城市 都城
10%
新宿区 都庁前
10%
みなかみ町 土合
10%
さいたま市 土呂
10%
加古川市 東加古川
10%
江東区 東京テレポート
10%
室蘭市 東室蘭
10%
逗子市 東逗子
10%
東村山市 東村山
10%
豊島区 東池袋
10%
姫路市 東姫路
10%
宮代町 東武動物公園
10%
京都市 桃山
10%
大阪市 桃谷
10%
湯沢市 湯沢
10%
名古屋市 | 横浜市 藤が丘
10%
相模原市 藤野
10%
松山市 南町
10%
市川市 二俣新町
10%
韮崎市 韮崎
10%
港区 乃木坂
10%
港区 白金高輪
10%
八雲町 八雲
10%
川崎市 八丁畷
10%
千代田区 半蔵門
10%
清須市 枇杷島
10%
川崎市 武蔵溝ノ口
10%
府中市 分倍河原
10%
宿毛市 | 東近江市 | 松本市 | 釜石市 平田
10%
大田区 平和島
10%
藤沢市 片瀬江ノ島
10%
豊中市 豊中
10%
豊田市 豊田市
10%
松戸市 北小金
10%
上尾市 北上尾
10%
品川区 北品川
10%
川越市 本川越
10%
つくば市 | 吹田市 万博記念公園
10%
一宮市 名鉄一宮
10%
岐阜市 名鉄岐阜
10%
茂原市 茂原
10%
北九州市 門司港
10%
門真市 門真市
10%
江東区 門前仲町
10%
弥富市 弥富
10%
安曇野市 | 江東区 有明
10%
静岡市 用宗
10%
立山町 立山
10%
甲斐市 竜王
10%
蓮田市 蓮田
10%
島田市 六合
10%
大田区 羽田空港第1・第2ターミナル
10%
楢葉町 Jヴィレッジ
10%
足利市 あしかがフラワーパーク
9%
上山市 かみのやま温泉
9%
札幌市 すすきの
9%
横浜市 センター北
9%
墨田区 とうきょうスカイツリー
9%
姫路市 ひめじ別所
9%
富士見市 ふじみ野
9%
高島市 マキノ
9%
佐倉市 ユーカリが丘
9%
西条市 伊予西条
9%
彦根市 稲枝
9%
笠間市 稲田
9%
宇多津町 宇多津
9%
横浜市 羽沢横浜国大
9%
横須賀市 浦賀
9%
墨田区 曳舟
9%
姫路市 英賀保
9%
大月市 猿橋
9%
神戸市 | 高松市 塩屋
9%
伊達市 | 名古屋市 黄金
9%
深谷市 岡部
9%
世田谷区 下高井戸
9%
下松市 | 岸和田市 下松
9%
彦根市 河瀬
9%
東大阪市 河内永和
9%
京都市 | 高松市 花園
9%
海田町 海田市
9%
笠松町 笠松
9%
橿原市 橿原神宮前
9%
中央区 茅場町
9%
新潟市
9%
小山市 間々田
9%
館林市 館林
9%
光市 岩田
9%
沼田市 岩本
9%
喜多方市 喜多方
9%
気仙沼市 気仙沼
9%
吉川市 吉川美南
9%
久慈市 久慈
9%
さいたま市 宮原
9%
魚津市 魚津
9%
多摩市 京王多摩センター
9%
横浜市 京急新子安
9%
横浜市 京急東神奈川
9%
串本町 串本
9%
志摩市 賢島
9%
川崎市 元住吉
9%
港区 虎ノ門ヒルズ
9%
厚岸町 厚岸
9%
三田市 | 広野町 広野
9%
吹田市 江坂
9%
江別市 江別
9%
横浜市 綱島
9%
香取市 香取
9%
神戸市 高速神戸
9%
板橋区 高島平
9%
日高市 高麗川
9%
中津市 | 西宮市 今津
9%
文京区 根津
9%
香取市 佐原
9%
八代市 坂本
9%
大阪市 堺筋本町
9%
千代田区 桜田門
9%
蒲郡市 三河三谷
9%
蒲郡市 三河大塚
9%
唐津市 | 宝塚市 山本
9%
京都市 市原
9%
市川市 市川大野
9%
筑紫野市
9%
港区 汐留
9%
鹿嶋市 鹿島サッカースタジアム
9%
雫石町 雫石
9%
名古屋市 柴田
9%
札幌市 手稲
9%
酒々井町 酒々井
9%
東村山市 秋津
9%
船橋市 習志野
9%
西宮市 夙川
9%
小牧市 小牧
9%
山陽小野田市 小野田
9%
台東区 上野広小路
9%
豊岡市 城崎温泉
9%
常陸大宮市 常陸大宮
9%
寝屋川市 寝屋川市
9%
旭川市 新旭川
9%
横浜市 新羽
9%
神戸市 新開地
9%
三郷市 新三郷
9%
新宿区 新宿西口
9%
松田町 新松田
9%
新城市 新城
9%
水俣市 新水俣
9%
大村市 新大村
9%
大阪市 新福島
9%
諫早市 森山
9%
富士市 神谷
9%
中央区 人形町
9%
二本松市 | 横浜市 杉田
9%
山武市 成東
9%
江東区 清澄白河
9%
清瀬市 清瀬
9%
岡崎市 西岡崎
9%
大子町 西金
9%
新宿区 西早稲田
9%
大阪市 西中島南方
9%
品川区 青物横丁
9%
練馬区 石神井公園
9%
東大阪市 石切
9%
南陽市 赤湯
9%
摂津市 摂津市
9%
名取市 仙台空港
9%
川西市 川西池田
9%
仙台市 泉中央
9%
高崎市 倉賀野
9%
倉吉市 倉吉
9%
大阪市 相川
9%
茨木市 総持寺
9%
新見市 足立
9%
太宰府市 太宰府
9%
東海市 太田川
9%
渋谷区 代官山
9%
大田区 大岡山
9%
豊中市 大阪空港
9%
大山崎町 大山崎
9%
嬬恋村 大前
9%
横浜市 | 神戸市 大倉山
9%
かつらぎ町 | 大津市 大谷
9%
大野城市 大野城
9%
竹原市 竹原
9%
大阪市 中之島
9%
知多市 | 高知市 朝倉
9%
長岡京市 長岡天神
9%
仙台市 長町
9%
大月市 鳥沢
9%
津山市 津山
9%
東御市 田中
9%
大阪市 田辺
9%
目黒区 都立大学
9%
唐津市 唐津
9%
江東区 | 舞鶴市 東雲
9%
岡山市 東岡山
9%
所沢市 東所沢
9%
千葉市 東千葉
9%
宇都宮市 東武宇都宮
9%
江東区 東陽町
9%
文京区 湯島
9%
岡崎市 藤川
9%
取手市 藤代
9%
洞爺湖町 洞爺
9%
久喜市 南栗橋
9%
渋谷区 南新宿
9%
名古屋市 南大高
9%
横浜市 日本大通り
9%
能代市 能代
9%
横浜市 馬車道
9%
亀岡市 馬堀
9%
春日市 博多南
9%
名古屋市 八田
9%
東近江市 八日市
9%
半田市 半田
9%
名古屋市 尾頭橋
9%
江府町 武庫
9%
あきる野市 武蔵五日市
9%
品川区 武蔵小山
9%
川崎市 武蔵中原
9%
八王子市 片倉
9%
沼津市 片浜
9%
杉並区 方南町
9%
磐田市 豊田町
9%
田原市 豊島
9%
堺市
9%
鴻巣市 北鴻巣
9%
朝霞市 北朝霞
9%
幌延町 幌延
9%
港区 麻布十番
9%
箕面市 箕面萱野
9%
市川市 妙典
9%
名張市 名張
9%
いわき市 勿来
9%
大阪市 野江
9%
大東市 | 大田原市 野崎
9%
大阪市 野田阪神
9%
矢板市 矢板
9%
岡山市 柳川
9%
伊達市 | 大月市 梁川
9%
七尾市 和倉温泉
9%
湖西市 鷲津
9%
東大阪市 JR河内永和
9%
香芝市 JR五位堂
9%
大阪市 JR野江
9%
仙台市 あおば通
8%
大津市 おごと温泉
8%
横浜市 | 西尾市 こどもの国
8%
恵庭市 サッポロビール庭園
8%
十日町市 しんざ
8%
横浜市 センター南
8%
調布市 つつじヶ丘
8%
姫路市 はりま勝原
8%
阿南市 阿南
8%
大阪市 阿倍野
8%
廿日市市 阿品
8%
刈谷市 逢妻
8%
芦別市 芦別
8%
綾部市 綾部
8%
大阪市 安治川口
8%
伊賀市 伊賀上野
8%
伊賀市 伊賀神戸
8%
伊達市 伊達紋別
8%
羽村市 羽村
8%
益田市 益田
8%
福井市 越前花堂
8%
遠野市 遠野
8%
甲斐市 塩崎
8%
京丹波町 | 安芸市 下山
8%
仙台市 | 熊本市 河原町
8%
青梅市 河辺
8%
海南市 海南
8%
大阪市 海老江
8%
釜石市 釜石
8%
横浜市 鴨居
8%
備前市 寒河
8%
寒川町 寒川
8%
一宮市 | 観音寺市 観音寺
8%
名古屋市 | 富山市 丸の内
8%
日光市 鬼怒川温泉
8%
和歌山市 宮前
8%
明石市 魚住
8%
佐倉市 京成佐倉
8%
船橋市 京成船橋
8%
琴平町 琴平
8%
成田市 空港第2ビル(第2旅客ターミナル)
8%
札幌市 桑園
8%
恵那市 恵那
8%
犬山市 犬山遊園
8%
市原市 五井
8%
室蘭市 御崎
8%
幸田町 幸田
8%
文京区 江戸川橋
8%
市川市 行徳
8%
寝屋川市 香里園
8%
東大阪市 | 柏原市 高井田
8%
春日井市 高蔵寺
8%
浜松市 高塚
8%
日野市 高幡不動
8%
江東区 国際展示場
8%
横浜市 国道
8%
まんのう町 | 名古屋市 | 川崎市 | 有田町 黒川
8%
蘭越町 昆布
8%
佐伯市 佐伯
8%
最上町 最上
8%
堺市 堺東
8%
世田谷区 桜上水
8%
世田谷区 桜新町
8%
渋谷区 笹塚
8%
品川区 鮫洲
8%
台東区 三ノ輪
8%
中央区 三越前
8%
蒲郡市 三河塩津
8%
名古屋市 | 永平寺町 山王
8%
大東市 四条畷
8%
横浜市 子安
8%
さいたま市 指扇
8%
鹿沼市 鹿沼
8%
長野市 篠ノ井
8%
丹波篠山市 篠山口
8%
北九州市 若松
8%
坂戸市 若葉
8%
渋川市 渋川
8%
渋谷区 初台
8%
女川町 女川
8%
美里町 小牛田
8%
小樽市 小樽築港
8%
京田辺市 松井山手
8%
世田谷区 | 大村市 松原
8%
松島町 松島海岸
8%
白山市 松任
8%
日立市 常陸多賀
8%
大町市 信濃大町
8%
各務原市 新鵜沼
8%
鎌ケ谷市 新鎌ヶ谷
8%
湖西市 新居町
8%
新居浜市 新居浜
8%
新宿区 新宿御苑前
8%
小平市 新小平
8%
静岡市 新清水
8%
文京区 新大塚
8%
中野区 新中野
8%
栃木市 新栃木
8%
松戸市 新八柱
8%
新発田市 新発田
8%
敦賀市 新疋田
8%
川崎市 新百合ヶ丘
8%
中央区 | 富山市 新富町
8%
夕張市 新夕張
8%
北九州市 | 名古屋市 | 江東区 森下
8%
深浦町 深浦
8%
上里町 神保原
8%
秦野市 秦野
8%
壬生町 壬生
8%
羽島市 須賀
8%
逗子市 逗子・葉山
8%
名古屋市 | 鴻巣市 吹上
8%
士別市 瑞穂
8%
瑞浪市 瑞浪
8%
世田谷区 成城学園前
8%
成田市 成田湯川
8%
板橋区 西高島平
8%
北名古屋市 西春
8%
豊川市 西小坂井
8%
江東区 西大島
8%
横浜市 西谷
8%
那須塩原市 西那須野
8%
大田区 西馬込
8%
舞鶴市 西舞鶴
8%
立川市 西立川
8%
神戸市 青木
8%
横浜市 青葉台
8%
沼田町 石狩沼田
8%
豊島区 千川
8%
文京区 千駄木
8%
大阪市 | 川崎市 扇町
8%
幸田町 相見
8%
渋谷区 代々木八幡
8%
大阪市 大阪天満宮
8%
七飯町 大沼公園
8%
大石田町 大石田
8%
大和高田市 大和高田
8%
さいたま市 | 島田市 | 門真市 大和田
8%
大阪市 谷町四丁目
8%
京都市 丹波橋
8%
斜里町 知床斜里
8%
筑後市 筑後船小屋
8%
品川区 中延
8%
京都市 中書島
8%
中野区 中野富士見町
8%
台東区 仲御徒町
8%
長野原町 長野原草津口
8%
津島市 津島
8%
伊賀市 柘植
8%
中川町 天塩中川
8%
宮津市 天橋立
8%
大阪市 天神橋筋六丁目
8%
台東区 | 福井市 田原町
8%
西東京市 田無
8%
播磨町 土山
8%
島原市 島原
8%
東大阪市 東花園
8%
刈谷市 東刈谷
8%
岸和田市 東岸和田
8%
東久留米市 東久留米
8%
中央区 東銀座
8%
釧路市 東釧路
8%
山梨市 東山梨
8%
東松山市 東松山
8%
成田市 東成田
8%
江東区 東大島
8%
飯能市 東飯能
8%
舞鶴市 東舞鶴
8%
いわき市 湯本
8%
若狭町 藤井
8%
京田辺市 同志社前
8%
川越市 南古谷
8%
小谷村 南小谷
8%
仙台市 南仙台
8%
町田市 南町田グランベリーパーク
8%
横浜市 二俣川
8%
台東区 | 座間市 入谷
8%
中央区 馬喰横山
8%
大田区 馬込
8%
京都市 梅小路京都西
8%
白井市 白井
8%
八街市 八街
8%
稚内市 抜海
8%
横浜市 反町
8%
葛城市 磐城
8%
美唄市 美唄
8%
氷見市 氷見
8%
練馬区 氷川台
8%
札幌市 苗穂
8%
品川区 品川シーサイド
8%
川崎市 浜川崎
8%
川崎市 武蔵新城
8%
浜松市 舞阪
8%
福岡市 福岡空港
8%
相模原市 淵野辺
8%
奈良市 平城
8%
平泉町 平泉
8%
流山市 | 練馬区 平和台
8%
高根沢町 宝積寺
8%
高砂市 宝殿
8%
大阪市 放出
8%
豊川市 豊川稲荷
8%
吹田市 北千里
8%
越前市 北府
8%
文京区 本郷三丁目
8%
枚方市 枚方公園
8%
堺市
8%
刈谷市 野田新町
8%
名古屋市 | 大阪市 矢田
8%
相模原市 矢部
8%
広島市 矢野
8%
神戸市 有馬温泉
8%
熱海市 来宮
8%
伊万里市
8%
千代田区 溜池山王
8%
北見市 留辺蘂
8%
練馬区 練馬高野台
8%
大田区 六郷土手
8%
京都市 | 宇治市 六地蔵
8%
南魚沼市 六日町
8%
港区 六本木一丁目
8%
和歌山市 和歌山港
8%
和寒町 和寒
8%
和気町 和気
8%
和泉市 和泉中央
8%
和泉市 和泉府中
8%
水戸市 偕楽園
8%
文京区 茗荷谷
8%
京田辺市 JR三山木
8%
東大阪市 JR俊徳道
8%
宇治市 JR小倉
8%
京都市 JR藤森
8%
広島市 あき亀山
7%
壬生町 おもちゃのまち
7%
富士見町 すずらんの里
7%
塩尻市 みどり湖
7%
阿久比町 阿久比
7%
大阪市 阿波座
7%
三好市 阿波池田
7%
愛別町 愛別
7%
芦屋市 芦屋川
7%
世田谷区 芦花公園
7%
安来市 安来
7%
伊万里市 伊万里
7%
いの町 伊野
7%
伊予市 伊予市
7%
江戸川区 一之江
7%
台東区 | 富山市 | 広島市 稲荷町
7%
川崎市 稲田堤
7%
伊東市 宇佐美
7%
那須烏山市 烏山
7%
由利本荘市 羽後本荘
7%
名古屋市 栄生
7%
旭川市 永山
7%
杉並区 永福町
7%
豊橋市 駅前
7%
南丹市 園部
7%
日光市 下今市
7%
松本市 下新
7%
成田市 下総松崎
7%
豊島区 下板橋
7%
加須市 加須
7%
大阪市 加島
7%
蟹江町 蟹江
7%
外ヶ浜町 蟹田
7%
港区 外苑前
7%
奈良市 学研奈良登美ヶ丘
7%
笠岡市 笠岡
7%
笠間市 笠間
7%
越谷市 蒲生
7%
坂出市 鴨川
7%
寒河江市 寒河江
7%
大阪市 関目
7%
丸森町 丸森
7%
さいたま市 岩槻
7%
千代田区 岩本町
7%
田辺市 紀伊田辺
7%
函館市 桔梗
7%
杉並区 久我山
7%
川崎市 京王稲田堤
7%
多摩市 京王永山
7%
横須賀市 京急田浦
7%
狭山市 狭山市
7%
大津市 近江舞子
7%
大阪市 近鉄日本橋
7%
八尾市 近鉄八尾
7%
目黒区 駒場東大前
7%
世田谷区 駒沢大学
7%
青梅市 軍畑
7%
世田谷区 経堂
7%
豊中市 蛍池
7%
伊豆の国市 原木
7%
船橋市 原木中山
7%
丹波篠山市 | 広島市 | 羽曳野市 古市
7%
品川区 戸越
7%
香芝市 五位堂
7%
足立区 五反野
7%
飯能市 吾野
7%
姫路市 御着
7%
青梅市 御嶽
7%
文京区 護国寺
7%
練馬区 光が丘
7%
港区 広尾
7%
江津市 江津
7%
いわき市 | 横浜市 江田
7%
甲州市 甲斐大和
7%
大垣市 | 荒尾市 荒尾
7%
長浜市 高月
7%
名古屋市 高畑
7%
高畠町 高畠
7%
仙台市 | 江津市 黒松
7%
日光市 今市
7%
京都市 嵯峨嵐山
7%
坂戸市 坂戸
7%
川崎市 鷺沼
7%
大月市 笹子
7%
堺市 三国ヶ丘
7%
三次市 三次
7%
指宿市 山川
7%
姫路市 山陽姫路
7%
新宿区 四谷三丁目
7%
千代田区 市ケ谷
7%
さくら市 氏家
7%
三原市 糸崎
7%
倉敷市 児島
7%
松江市 宍道
7%
江戸川区 篠崎
7%
甲府市 酒折
7%
伊豆市 修善寺
7%
笛吹市 春日居町
7%
大月市 初狩
7%
大空町 女満別
7%
春日井市 勝川
7%
小諸市 小諸
7%
足立区 小菅
7%
多摩市 小田急多摩センター
7%
松浦市 松浦
7%
福島市 松川
7%
枚方市 樟葉
7%
名古屋市 上小田井
7%
板橋区 上板橋
7%
いわき市 | 名古屋市 | 豊橋市 植田
7%
富士見町 信濃境
7%
川崎市 新丸子
7%
横浜市 新綱島
7%
板橋区 新高島平
7%
横浜市 新芝浦
7%
東大阪市 新石切
7%
習志野市 新津田沼
7%
品川区 新馬場
7%
広島市 新白島
7%
韮崎市 新府
7%
真岡市 真岡
7%
神戸市 神戸空港
7%
渋谷区 神泉
7%
横浜市 神奈川新町
7%
人吉市 人吉
7%
須賀川市 須賀川
7%
中央区 水天宮前
7%
江戸川区 瑞江
7%
宇都宮市 雀宮
7%
町田市 成瀬
7%
板橋区 成増
7%
大田区 整備場
7%
北杜市 清里
7%
多摩市 聖蹟桜ヶ丘
7%
京都市 西院
7%
金沢市 西金沢
7%
広島市 西広島
7%
立川市 西国立
7%
所沢市 西所沢
7%
新宿区 西新宿五丁目
7%
伊賀市 西青山
7%
指宿市 西大山
7%
清須市 西枇杷島
7%
所沢市 西武球場前
7%
足立区 青井
7%
茅野市 青柳
7%
池田市 石橋阪大前
7%
いわき市 赤井
7%
調布市 仙川
7%
世田谷区 千歳船橋
7%
足立区 千住大橋
7%
河内長野市 千代田
7%
泉大津市 泉大津
7%
堺市 浅香
7%
総社市 総社
7%
小山町 | 小田原市 足柄
7%
多賀城市 多賀城
7%
桑名市 多度
7%
多摩市 多摩センター
7%
港区 台場
7%
南山城村 | 大河原町 大河原
7%
佐世保市 大学
7%
大阪市 大国町
7%
大阪市 大阪阿部野橋
7%
大田区 大森町
7%
練馬区 大泉学園
7%
大洗町 大洗
7%
守口市 大日
7%
江別市 大麻
7%
大網白里市 大網
7%
日立市 大甕
7%
大阪市 谷町九丁目
7%
大阪市 谷町六丁目
7%
千代田区 淡路町
7%
川崎町 池尻
7%
世田谷区 池尻大橋
7%
足立区 竹ノ塚
7%
千代田区 竹橋
7%
宝塚市 中山寺
7%
名古屋市 | 広島市 中島
7%
中野区 中野新橋
7%
潮来市 潮来
7%
長井市 長井
7%
八王子市 | 静岡市 長沼
7%
東大阪市 長瀬
7%
長瀞町 長瀞
7%
さぬき市 | 枚方市 長尾
7%
長門市 長門市
7%
横須賀市 追浜
7%
大阪市 東三国
7%
青梅市 東青梅
7%
中央区 東日本橋
7%
能代市 東能代
7%
横浜市 東白楽
7%
府中市 東府中
7%
板橋区 東武練馬
7%
京都市 東福寺
7%
久喜市 東鷲宮
7%
国見町 藤田
7%
名古屋市 徳重
7%
水戸市 内原
7%
茨木市 南茨木
7%
市川市 南行徳
7%
江東区 南砂町
7%
小樽市 南小樽
7%
松本市 南松本
7%
八王子市 南大沢
7%
川崎市 二子新地
7%
千代田区 二重橋前
7%
日田市 日田
7%
日南市 日南
7%
大田区 | 生駒市 梅屋敷
7%
四日市市 | 朝日町 | 湯梨浜町
7%
横浜市 白楽
7%
港区 白金台
7%
白老町 白老
7%
渋谷区 幡ヶ谷
7%
下関市 幡生
7%
八潮市 八潮
7%
杉並区 八幡山
7%
八尾市 八尾南
7%
川口市 鳩ヶ谷
7%
大津市 比叡山坂本
7%
比布町 比布
7%
調布市 飛田給
7%
庄原市 備後落合
7%
高梁市 備中高梁
7%
標茶町 標茶
7%
府中市 府中競馬正門前
7%
京都市 伏見稲荷
7%
奈良市 平城山
7%
碧南市 碧南
7%
西東京市 保谷
7%
豊明市 豊明
7%
越谷市 北越谷
7%
当別町 北海道医療大学
7%
渋谷区 北参道
7%
仙台市 北仙台
7%
府中市 北府中
7%
枚方市 牧野
7%
横須賀市 堀ノ内
7%
足立区 堀切
7%
文京区 本駒込
7%
三豊市 | 佐世保市 | 名古屋市 本山
7%
箕面市 箕面船場阪大前
7%
妙高市 妙高高原
7%
むかわ町 鵡川
7%
名古屋市 鳴海
7%
福岡市 姪浜
7%
木曽町 木曽福島
7%
大阪市 木津川
7%
野々市市 野々市
7%
野田市 野田市
7%
野辺地町 野辺地
7%
野木町 野木
7%
横浜市 矢向
7%
弥彦村 矢作
7%
柳井市 柳井
7%
有田町 有田
7%
目黒区 祐天寺
7%
長浜市 余呉
7%
余市町 余市
7%
豊島区 要町
7%
大阪市 淀川
7%
利府町 利府
7%
たつの市 竜野
7%
豊中市 緑地公園
7%
浪江町 浪江
7%
神戸市 和田岬
7%
大田区 糀谷
7%
札幌市 あいの里教育大
6%
札幌市 あいの里公園
6%
鶴岡市 あつみ温泉
6%
横浜市 いずみ中央
6%
横浜市 いずみ野
6%
葛飾区 お花茶屋
6%
港区 お台場海浜公園
6%
町田市 すずかけ台
6%
越谷市 せんげん台
6%
市原市 ちはら台
6%
大和市 つきみ野
6%
大阪市 ドーム前千代崎
6%
西東京市 ひばりヶ丘
6%
札幌市 ほしみ
6%
つくばみらい市 みらい平
6%
仙台市 愛子
6%
松島町 | 野田市 愛宕
6%
姶良市 姶良
6%
郡山市 安積永盛
6%
熱海市 伊豆多賀
6%
三鷹市 井の頭公園
6%
稲城市 稲城長沼
6%
印西市 印旛日本医大
6%
羽咋市 羽咋
6%
小美玉市 羽鳥
6%
各務原市 鵜沼
6%
臼杵市 臼杵
6%
宝塚市 雲雀丘花屋敷
6%
越生町 越生
6%
大野市 越前大野
6%
稲沢市 奥田
6%
横瀬町 横瀬
6%
北区 王子神谷
6%
宇治市 黄檗
6%
岡崎市 岡崎公園前
6%
筑西市 下館
6%
清須市 下小田井
6%
大阪市 加美
6%
可児市 可児
6%
河津町 河津
6%
交野市 河内磐船
6%
神戸市 花隈
6%
小平市 花小金井
6%
大阪市 我孫子町
6%
会津坂下町 会津坂下
6%
南会津町 会津田島
6%
鎌倉市 鎌倉高校前
6%
松山市 鎌田
6%
坂井市 丸岡
6%
大阪市 岸里
6%
笠間市 岩間
6%
岐南町 岐南
6%
品川区 旗の台
6%
御所市 吉野口
6%
松山市 久米
6%
君津市 久留里
6%
宮津市 宮津
6%
廿日市市 宮内串戸
6%
神戸市 魚崎
6%
稲城市 京王よみうりランド
6%
八王子市 京王片倉
6%
奈良市 京終
6%
葛飾区 京成金町
6%
江戸川区 京成小岩
6%
千葉市 京成千葉
6%
市川市 京成八幡
6%
千葉市 京成幕張
6%
箱根町 強羅
6%
恵那市 極楽
6%
玉名市 玉名
6%
札幌市 琴似
6%
福智町 金田
6%
釧路町 釧路湿原
6%
熊取町 熊取
6%
桑折町 桑折
6%
韮崎市 穴山
6%
大田区 穴守稲荷
6%
穴水町 穴水
6%
剣淵町 剣淵
6%
大津市 堅田
6%
つくば市 研究学園
6%
相模原市 古淵
6%
品川区 戸越銀座
6%
長浜市 虎姫
6%
伊勢市 五十鈴川
6%
南国市 後免
6%
秩父市 御花畑
6%
大阪市 御幣島
6%
仙台市 | 高砂市 荒井
6%
東大阪市 高井田中央
6%
港区 高輪台
6%
世田谷区 豪徳寺
6%
千代田区 麹町
6%
仙台市 | 名古屋市 国際センター
6%
京都市 国際会館
6%
稲沢市 国府宮
6%
調布市 国領
6%
上越市 | 丹波市 黒井
6%
黒松内町 黒松内
6%
合志市 | 黒石市 黒石
6%
狛江市 狛江
6%
大阪市 今里
6%
龍ケ崎市 佐貫
6%
座間市 座間
6%
村上市 坂町
6%
筑紫野市 | 練馬区 桜台
6%
長崎市 | 飯田市 桜町
6%
豊島区 雑司が谷
6%
大田区 雑色
6%
外ヶ浜町 三厩
6%
京都市 三条京阪
6%
備前市 三石
6%
三沢市 | 小郡市 三沢
6%
秩父市 三峰口
6%
三木市 三木
6%
山北町 山北
6%
明石市 山陽明石
6%
大阪市 四ツ橋
6%
大津市 志賀
6%
川崎市 鹿島田
6%
七飯町 七飯
6%
調布市 柴崎
6%
芝山町 芝山千代田
6%
松戸市 秋山
6%
大阪市 住之江公園
6%
精華町 祝園
6%
東大阪市 俊徳道
6%
神戸市 春日野道
6%
新宿区 曙橋
6%
佐倉市 女子大
6%
八千代市 勝田台
6%
所沢市 小手指
6%
多治見市 小泉
6%
相模原市 小田急相模原
6%
豊浦町 小幌
6%
大阪市 | 高松市 昭和町
6%
銚子市 松岸
6%
大阪市 上新庄
6%
ふじみ野市 上福岡
6%
世田谷区 上北沢
6%
みなかみ町 | 高槻市 上牧
6%
京都市 | 倉敷市 | 宇部市 常盤
6%
大子町 常陸大子
6%
羽島市 新羽島
6%
堺市 新金岡
6%
島田市 新金谷
6%
杉並区 新高円寺
6%
練馬区 新桜台
6%
世田谷区 新代田
6%
横須賀市 新大津
6%
京田辺市 新田辺
6%
浜松市 新浜松
6%
知多市 新舞子
6%
江東区 新豊洲
6%
一宮市 新木曽川
6%
福井市 森田
6%
京都市 神宮丸太町
6%
港区 神谷町
6%
土浦市 神立
6%
須崎市 須崎
6%
広島市 瀬野
6%
京都市 清水五条
6%
向日市 西向日
6%
会津若松市 西若松
6%
川越市 西川越
6%
相生市 西相生
6%
調布市 西調布
6%
福岡市 西鉄福岡(天神)
6%
大阪市 西田辺
6%
米原市 醒ケ井
6%
佐用町 | 石井町 石井
6%
赤平市 赤平
6%
古賀市 千鳥
6%
印西市 千葉ニュータウン中央
6%
千葉市 千葉中央
6%
大阪市 千林
6%
横浜市 浅野
6%
南丹市 | 柴田町 船岡
6%
小樽市 銭函
6%
前橋市 前橋大島
6%
豊明市 前後
6%
世田谷区 祖師ヶ谷大蔵
6%
三田市 相野
6%
台東区 蔵前
6%
足利市 足利市
6%
袖ケ浦市 袖ケ浦
6%
多度津町 多度津
6%
府中市 多磨
6%
仙台市 太子堂
6%
京都市 太秦
6%
世田谷区 代田橋
6%
品川区 大崎広小路
6%
足立区 大師前
6%
大竹市 大竹
6%
北茨城市 大津港
6%
尼崎市 大物
6%
外ヶ浜町 大平
6%
むつ市 大湊
6%
大鰐町 大鰐
6%
神戸市 鷹取
6%
神戸市 谷上
6%
丹波市 谷川
6%
京都市 丹波口
6%
半田市 知多半田
6%
佐倉市 中学校
6%
名古屋市 中小田井
6%
昭島市 中神
6%
練馬区 中村橋
6%
つがる市 | 小松島市 | 横浜市 中田
6%
中富良野町 中富良野
6%
猪苗代町 猪苗代
6%
北杜市 長坂
6%
神河町 | 鎌倉市 長谷
6%
桑名市 長島
6%
津幡町 津幡
6%
豊島区 椎名町
6%
鶴ヶ島市 鶴ヶ島
6%
横浜市 鶴見市場
6%
広島市 天神川
6%
川西町 田原本
6%
墨田区 東向島
6%
杉並区 東高円寺
6%
三条市 東三条
6%
名古屋市 | 米子市 東山公園
6%
世田谷区 東松原
6%
津市 東青山
6%
仙台市 東仙台
6%
昭島市 東中神
6%
豊島区 東長崎
6%
萩市 東萩
6%
福山市 東福山
6%
福島市 東福島
6%
世田谷区 東北沢
6%
八千代市 東葉勝田台
6%
吹田市 桃山台
6%
当別町 当別
6%
世田谷区 等々力
6%
大和郡山市 | 青森市 筒井
6%
藤井寺市 藤井寺
6%
栃木市 藤岡
6%
京都市 藤森
6%
神戸市 道場
6%
南知多町 | 宮崎市 内海
6%
杉並区 南阿佐ケ谷
6%
宮崎市 南宮崎
6%
吹田市 南千里
6%
大阪市 | 宮崎市 南方
6%
南木曽町 南木曽
6%
大和市 南林間
6%
筑紫野市 二日市
6%
尼崎市 尼崎センタープール前
6%
日出町 日出
6%
北杜市 日野春
6%
入間市 入間市
6%
桑名市 播磨
6%
遠軽町 白滝
6%
白馬村 白馬
6%
匝瑳市 八日市場
6%
札幌市 発寒
6%
板橋区 板橋区役所前
6%
板橋区 板橋本町
6%
尾張旭市 尾張旭
6%
東海市 尾張横須賀
6%
尾鷲市 尾鷲
6%
美瑛町 美瑛
6%
白山市 美川
6%
美濃加茂市 美濃太田
6%
美浜町 美浜
6%
川崎市 百合ヶ丘
6%
堺市 百舌鳥
6%
名古屋市 | 東大阪市 瓢箪山
6%
練馬区 富士見台
6%
富田林市 富田林
6%
調布市 布田
6%
西宮市 武庫川
6%
川崎市 武蔵白石
6%
四街道市 物井
6%
君津市 平山
6%
大阪市 | 川西市 | 福島市 平野
6%
矢板市 片岡
6%
亀岡市 保津峡
6%
中央区 | 長崎市 宝町
6%
宇都宮市
6%
練馬区 豊島園
6%
山形市 北山形
6%
春日部市 北春日部
6%
さいたま市 北大宮
6%
豊島区 北池袋
6%
富山市 | 本宮市 本宮
6%
岡崎市 | 桐生市 本宿
6%
八戸市 本八戸
6%
札幌市 麻生
6%
鹿角市 末広
6%
函館市 | 千代田区 | 高岡市 末広町
6%
名寄市 名寄高校
6%
名古屋市 名古屋港
6%
熱海市 網代
6%
印西市 木下
6%
富岡町 夜ノ森
6%
弥彦村 弥彦
6%
矢吹町 矢吹
6%
赤穂市 有年
6%
世田谷区 用賀
6%
養老町 養老
6%
新宿区 落合南長崎
6%
蘭越町 蘭越
6%
品川区 立会川
6%
龍ケ崎市 竜ヶ崎
6%
足立区 六町
6%
亘理町 亘理
6%
草加市 獨協大学前〈草加松原〉
6%
東大阪市 JR長瀬
6%
那覇市 おもろまち
5%
海老名市 かしわ台
5%
彦根市 スクリーン
5%
北九州市 スペースワールド
5%
滑川町 つきのわ
5%
浦添市 てだこ浦西
5%
板橋区 | 豊能町 ときわ台
5%
名古屋市 ナゴヤドーム前矢田
5%
大阪市 なにわ橋
5%
佐世保市 ハウステンボス
5%
十日町市 まつだい
5%
岬町 みさき公園
5%
つくば市 みどりの
5%
八王子市 めじろ台
5%
中富良野町 ラベンダー畑
5%
阿久根市 阿久根
5%
厚木市 愛甲石田
5%
栄町 安食
5%
高島市 安曇川
5%
東伊豆町 伊豆稲取
5%
伊東市 伊豆高原
5%
伊那市 伊那市
5%
北茨城市 磯原
5%
印西市 印西牧の原
5%
宇土市 宇土
5%
黒部市 宇奈月
5%
高石市 羽衣
5%
山形市 羽前千歳
5%
宮崎市 | 桐生市 運動公園
5%
長浜市 永原
5%
湯沢町 越後中里
5%
八街市 | 常滑市 榎戸
5%
かほく市 | 三田市 横山
5%
袖ケ浦市 横田
5%
横浜市 黄金町
5%
大阪市 下新庄
5%
神崎町 下総神崎
5%
伊予市 下灘
5%
宮崎市 | 岐阜市 加納
5%
東大阪市 河内花園
5%
美浜町 河和
5%
花巻市 花巻空港
5%
横浜市 花月総持寺
5%
千代田区 霞ケ関
5%
芽室町 芽室
5%
開成町 開成
5%
生駒市 学研北生駒
5%
川崎市 梶が谷
5%
伊達市
5%
さくら市 蒲須坂
5%
寝屋川市 萱島
5%
高松市 瓦町
5%
新潟市 | 香芝市 関屋
5%
吹田市 関大前
5%
伊奈町 | 伊賀市 | 神戸市 丸山
5%
仙台市 岩切
5%
大阪市 喜連瓜破
5%
那智勝浦町 紀伊勝浦
5%
日光市 鬼怒川公園
5%
江東区 亀戸水神
5%
新潟市 亀田
5%
川崎市 宮前平
5%
調布市 京王多摩川
5%
八王子市 京王堀之内
5%
横須賀市 京急長沢
5%
墨田区 京成曳舟
5%
足立区 京成関屋
5%
習志野市 京成大久保
5%
千葉市 京成幕張本郷
5%
葛飾区 京成立石
5%
八王子市 狭間
5%
高島市 近江高島
5%
名古屋市 近鉄八田
5%
名古屋市 金城ふ頭
5%
津幡町 倶利伽羅
5%
赤磐市 熊山
5%
郡上市 郡上八幡
5%
犬山市 犬山口
5%
横須賀市 県立大学
5%
横浜市 戸部
5%
みなかみ町 後閑
5%
豊川市 御油
5%
交野市 交野市
5%
根室市 厚床
5%
豊橋市 向ヶ丘
5%
川崎市 向ヶ丘遊園
5%
府中町 向洋
5%
横浜市 弘明寺
5%
練馬区 江古田
5%
江北町 | 足立区 江北
5%
所沢市 航空公園
5%
行橋市 行橋
5%
福岡市 香椎
5%
奈良市 高の原
5%
杉並区 高井戸
5%
高松市 高松築港
5%
大分市 高城
5%
神戸市 高速長田
5%
高野町 高野山
5%
東大阪市 鴻池新田
5%
永平寺町
5%
多賀城市 国府多賀城
5%
藤沢市 鵠沼
5%
南越前町 今庄
5%
根室市 昆布盛
5%
佐々町 佐々
5%
佐世保市 佐世保中央
5%
大江町 左沢
5%
赤穂市 坂越
5%
津市 榊原温泉口
5%
幸田町 三ケ根
5%
京田辺市 三山木
5%
由仁町 | 阿賀町 三川
5%
鈴鹿市 三日市
5%
山形市 山寺
5%
市川市 市川真間
5%
志布志市 志布志
5%
北区 志茂
5%
交野市 私市
5%
大阪市 鴫野
5%
葛飾区 柴又
5%
港区 芝公園
5%
足立区 舎人
5%
川崎市 若葉台
5%
世田谷区 | 豊田市 若林
5%
那覇市 首里
5%
富士吉田市 寿
5%
あきる野市 秋川
5%
大東市 住道
5%
日立市 十王
5%
清水町 十勝清水
5%
宿毛市 宿毛
5%
勝山市 勝山
5%
松前町 松前
5%
中野区 沼袋
5%
北斗市 上磯
5%
日野町 上菅
5%
那珂市 上菅谷
5%
練馬区 上石神井
5%
君津市 上総亀山
5%
名古屋市 上飯田
5%
寝屋川市 寝屋川公園
5%
伊勢崎市 新伊勢崎
5%
広島市 新井口
5%
名古屋市 | 大牟田市 新栄町
5%
可児市 新可児
5%
札幌市 新琴似
5%
熊野市 新鹿
5%
名古屋市 新守山
5%
所沢市 新所沢
5%
大田区 新整備場
5%
千葉市 新千葉
5%
船橋市 新船橋
5%
新地町 新地
5%
日光市 新藤原
5%
豊橋市 新豊橋
5%
利府町 新利府
5%
金沢市 森本
5%
宇陀市 榛原
5%
神戸市 深江
5%
大阪市 神崎川
5%
春日井市 神領
5%
身延町 身延
5%
清須市 須ヶ口
5%
神戸市 須磨浦公園
5%
阿賀野市 水原
5%
甲賀市 水口
5%
島本町 水無瀬
5%
裾野市 裾野
5%
世田谷区 世田谷代田
5%
橿原市 畝傍
5%
名古屋市 | 枚方市 星ヶ丘
5%
摂津市 正雀
5%
横浜市 生麦
5%
北区 西ケ原
5%
杉並区 西永福
5%
横浜市 西横浜
5%
西宮市 西宮名塩
5%
大空町 西女満別
5%
品川区 西小山
5%
神戸市 西神中央
5%
板橋区 西台
5%
岡山市 西大寺
5%
府中市 西府
5%
東村山市 西武園
5%
伊賀市 青山町
5%
八幡市 石清水八幡宮
5%
森町 赤井川
5%
みどり市 赤城
5%
日進市 | 福智町 | 郡上市 赤池
5%
那覇市 赤嶺
5%
川口市 川口元郷
5%
川崎市 川崎新町
5%
川崎市 川崎大師
5%
筑西市 川島
5%
青森市 浅虫温泉
5%
目黒区 洗足
5%
船橋市 船橋競馬場
5%
江戸川区 船堀
5%
いわき市 | 丹波篠山市 草野
5%
山形市 蔵王
5%
松本市 村井
5%
町田市 多摩境
5%
日野市 多摩動物公園
5%
府中市 多磨霊園
5%
品川区 大井競馬場前
5%
上田市 | 東近江市 大学前
5%
須崎市 大間
5%
大阪市 大江橋
5%
大阪市 大阪ビジネスパーク
5%
加賀市 大聖寺
5%
南魚沼市 | 米沢市 大沢
5%
神戸市 大池
5%
大田区 大鳥居
5%
豊島区 大塚駅前
5%
廿日市市 大野浦
5%
大鰐町 大鰐温泉
5%
国立市 谷保
5%
岡崎市 男川
5%
智頭町 智頭
5%
大田区 池上
5%
名古屋市 中京競馬場前
5%
宝塚市 中山観音
5%
板橋区 中板橋
5%
川崎市 中野島
5%
富山市 猪谷
5%
大阪市 朝潮橋
5%
上富田町 朝来
5%
知多市 | 袖ケ浦市 長浦
5%
大田区 | 大阪市 長原
5%
大阪市 長堀橋
5%
柴田町 槻木
5%
横浜市 鶴見小野
5%
大阪市 鶴見緑地
5%
宇都宮市 鶴田
5%
岡山市 庭瀬
5%
川越市 的場
5%
音威子府村 天塩川温泉
5%
横浜市 田奈
5%
南箕輪村 田畑
5%
出雲市 電鉄出雲市
5%
大阪市 渡辺橋
5%
千葉市 都賀
5%
土岐市 土岐市
5%
多摩市 唐木田
5%
塩竈市 東塩釜
5%
我孫子市 東我孫子
5%
向日市 東向日
5%
あきる野市 東秋留
5%
生駒市 東生駒
5%
青森市 東青森
5%
名古屋市 東枇杷島
5%
日光市 東武ワールドスクウェア
5%
大阪市 東部市場前
5%
みなかみ町 湯檜曽
5%
当麻町 当麻
5%
米沢市
5%
相模原市 南橋本
5%
南越前町 南今庄
5%
大阪市 南森町
5%
稲城市 南多摩
5%
川越市 南大塚
5%
福島市 南福島
5%
日野市 南平
5%
横須賀市 馬堀海岸
5%
世田谷区 梅ヶ丘
5%
足立区 梅島
5%
一宮市 | 北九州市 萩原
5%
柏市 柏たなか
5%
奥多摩町 白丸
5%
白糠町 白糠
5%
鈴鹿市 白子
5%
東大阪市 八戸ノ里
5%
松戸市 八柱
5%
八幡浜市 八幡浜
5%
東広島市 八本松
5%
札幌市 発寒中央
5%
飯塚市 飯塚
5%
大阪市 美章園
5%
大垣市 美濃赤坂
5%
浜中町 浜中
5%
中央区 浜町
5%
杉並区 浜田山
5%
品川区 不動前
5%
あきる野市 武蔵引田
5%
府中市 武蔵野台
5%
武豊町 武豊
5%
総社市 服部
5%
横浜市 平沼橋
5%
横浜市 弁天橋
5%
室蘭市 母恋
5%
那須町 豊原
5%
伊丹市 北伊丹
5%
船橋市 北習志野
5%
柏崎市 北条
5%
岡山市 北長瀬
5%
八王子市 北八王子
5%
名古屋市 堀田
5%
塩竈市 本塩釜
5%
墨田区 本所吾妻橋
5%
妹背牛町 妹背牛
5%
嬬恋村 万座・鹿沢口
5%
横浜市 妙蓮寺
5%
豊川市 名電赤坂
5%
大崎市 鳴子温泉
5%
門真市 門真南
5%
大阪市 野江内代
5%
国立市 矢川
5%
柳井市 柳井港
5%
名古屋市 有松
5%
神戸市 有馬口
5%
江東区 有明テニスの森
5%
立川市 立川南
5%
立川市 立川北
5%
橋本市 林間田園都市
5%
神戸市 鈴蘭台
5%
練馬区 練馬春日町
5%
福井市 六条
5%
阪南市 和泉鳥取
5%
朝来市 和田山
5%
和木町 和木
5%
久喜市 鷲宮
5%
千曲市 姨捨
5%
四日市市 あすなろう四日市
4%
名古屋市 いりなか
4%
三田市 ウッディタウン中央
4%
鎌ケ谷市 くぬぎ山
4%
海老名市 さがみ野
4%
平戸市 たびら平戸口
4%
町田市 つくし野
4%
亀岡市 トロッコ亀岡
4%
神戸市 ハーバーランド
4%
大津市 びわ湖浜大津
4%
富士見市 みずほ台
4%
亘理町 逢隈
4%
綾川町 綾川(イオンモール綾川)
4%
大津市 | 小松市 粟津
4%
広島市 安芸中野
4%
横須賀市 安針塚
4%
横浜市 安善
4%
安田町 | 柏崎市 安田
4%
鴨川市 安房小湊
4%
鴨川市 安房天津
4%
京都市 鞍馬
4%
四国中央市 伊予三島
4%
大洲市 伊予大洲
4%
井川町 井川さくら
4%
安中市 | 金沢市 磯部
4%
刈谷市 一ツ木
4%
名古屋市 一社
4%
長野市 稲荷山
4%
伊丹市 稲野
4%
印南町 印南
4%
岡崎市 宇頭
4%
黒部市 宇奈月温泉
4%
宇部市 宇部新川
4%
京都市 烏丸御池
4%
志摩市 鵜方
4%
浦幌町 浦幌
4%
流山市 運河
4%
品川区 荏原中延
4%
白石市 越河
4%
長岡市 越後川口
4%
富山市 越中八尾
4%
京都市 円町
4%
尼崎市 園田
4%
豊田市 猿投
4%
小樽市 塩谷
4%
世田谷区 奥沢
4%
横芝光町 横芝
4%
丸亀市 | 松前町 岡田
4%
横浜市 恩田
4%
杉並区 下井草
4%
相模原市 下溝
4%
所沢市 下山口
4%
大山町 下市
4%
品川区 下神明
4%
那珂市 下菅谷
4%
板橋区 下赤塚
4%
新宿区 下落合
4%
広島市 可部
4%
常陸太田市 河合
4%
柏原市 河内堅上
4%
柏原市 河内国分
4%
東大阪市 河内小阪
4%
松原市 河内松原
4%
美浜町 河和口
4%
南会津町 会津高原尾瀬口
4%
銚子市 外川
4%
各務原市 各務原市役所前
4%
東大阪市 | 那珂市 額田
4%
豊富町 兜沼
4%
蒲郡市 蒲郡競艇場前
4%
鎌ケ谷市 鎌ヶ谷大仏
4%
千葉市 鎌取
4%
刈谷市 刈谷市
4%
四国中央市 関川
4%
大阪市 関目高殿
4%
名取市 館腰
4%
清須市 丸ノ内
4%
遠軽町 丸瀬布
4%
大阪市 岸里玉出
4%
木更津市 巌根
4%
みどり市 岩宿
4%
世田谷区 喜多見
4%
基山町 基山
4%
備前市 吉永
4%
西尾市 吉良吉田
4%
名張市 桔梗が丘
4%
名古屋市 久屋大通
4%
川崎市 久地
4%
川崎市 宮崎台
4%
山口市 宮野
4%
東金市 求名
4%
新宿区 牛込神楽坂
4%
福生市 牛浜
4%
横須賀市 京急大津
4%
横浜市 京急富岡
4%
佐倉市 京成臼井
4%
酒々井町 京成酒々井
4%
船橋市 京成西船
4%
八千代市 京成大和田
4%
船橋市 京成中山
4%
京都市 京都市役所前
4%
所沢市 狭山ヶ丘
4%
高野町 極楽橋
4%
大阪市 玉出
4%
立川市 玉川上水
4%
松江市 玉造温泉
4%
一宮市 玉野
4%
高島市 近江中庄
4%
蟹江町 近鉄蟹江
4%
京都市 近鉄丹波橋
4%
弥富市 近鉄弥富
4%
浅口市 金光
4%
入間市 金子
4%
福島市 金谷川
4%
二戸市 金田一温泉
4%
大野市 九頭竜湖
4%
世田谷区 九品仏
4%
前橋市 駒形
4%
福生市 熊川
4%
熊野市 熊野市
4%
栗山町 栗山
4%
高松市 栗林
4%
前橋市 群馬総社
4%
藤岡市 群馬藤岡
4%
大阪市 恵美須町
4%
結城市 結城
4%
銚子市 犬吠
4%
入間市 元加治
4%
小清水町 原生花園
4%
掛川市 | 筑紫野市 原田
4%
相模原市 原当麻
4%
多治見市 古虎渓
4%
門真市 古川橋
4%
名古屋市 呼続
4%
品川区 戸越公園
4%
我孫子市 湖北
4%
五泉市 五泉
4%
呉市 呉ポートピア
4%
米子市 後藤
4%
名古屋市 御器所
4%
御宿町 御宿
4%
御所市 御所
4%
御嵩町 御嵩
4%
港区 御成門
4%
札幌市 厚別
4%
川崎市 向河原
4%
幸手市 幸手
4%
流山市 江戸川台
4%
西宮市 甲東園
4%
西宮市 甲陽園
4%
東大阪市 荒本
4%
久留米市 荒木
4%
勝浦市 行川アイランド
4%
行田市 行田市
4%
香美町 香住
4%
西宮市 香櫨園
4%
那須町 高久
4%
武雄市 高橋
4%
東松山市 高坂
4%
広島市 高取
4%
松島町 高城町
4%
新宿区 国立競技場
4%
藤沢市 鵠沼海岸
4%
北九州市 黒崎
4%
那須町 黒田原
4%
長野市 今井
4%
大阪市 今宮戎
4%
北九州市 | 名古屋市 | 大阪市 今池
4%
新発田市 佐々木
4%
浜松市 佐久間
4%
佐用町 佐用
4%
ひたちなか市 佐和
4%
名古屋市 左京山
4%
上越市 犀潟
4%
西宮市 阪神国道
4%
中野区 鷺ノ宮
4%
大和市 桜ヶ丘
4%
横浜市 三ツ境
4%
三郷市 三郷中央
4%
三鷹市 三鷹台
4%
宇陀市 | 東かがわ市 三本松
4%
桜井市 三輪
4%
神戸市 山陽須磨
4%
神戸市 山陽垂水
4%
姫路市 山陽網干
4%
いわき市 四ツ倉
4%
葛飾区 四ツ木
4%
大阪市 四天王寺前夕陽ヶ丘
4%
市原市 姉ケ崎
4%
横浜市 市が尾
4%
江東区 市場前
4%
板橋区 志村坂上
4%
板橋区 志村三丁目
4%
志摩市 志摩磯部
4%
小山市 思川
4%
苫小牧市 糸井
4%
紫波町 紫波中央
4%
神河町 寺前
4%
鹿角市 鹿角花輪
4%
野田市 七光台
4%
会津若松市 七日町
4%
さいたま市 七里
4%
大阪市 柴島
4%
すさみ町 周参見
4%
酒々井町 宗吾参道
4%
佐伯市 宗太郎
4%
大阪市 住吉大社
4%
香取市 十二橋
4%
出雲市 出雲大社前
4%
坂井市 春江
4%
上越市 春日山
4%
中央区 勝どき
4%
小海町 小海
4%
豊川市 小坂井
4%
羽村市 小作
4%
魚沼市 小出
4%
富山市 | 射水市 小杉
4%
小千谷市 小千谷
4%
中央区 小伝馬町
4%
川崎市 小田栄
4%
多摩市 小田急永山
4%
豊川市 小田渕
4%
川崎市 小島新田
4%
三好市 小歩危
4%
伊勢市 | 足利市 小俣
4%
安中市 松井田
4%
福山市 松永
4%
松江市 松江しんじ湖温泉
4%
苫小牧市 沼ノ端
4%
墨田区 鐘ヶ淵
4%
杉並区 上井草
4%
熊本市 上熊本
4%
日光市 上今市
4%
上市町 上市
4%
上松町 上松
4%
名古屋市 上前津
4%
富津市 上総湊
4%
上富良野町 上富良野
4%
堺市 上野芝
4%
札幌市 上野幌
4%
城陽市 城陽
4%
ひたちなか市 常陸青柳
4%
姫路市 飾磨
4%
伊丹市 新伊丹
4%
中野区 新井薬師前
4%
王寺町 新王寺
4%
大阪市 新加美
4%
狭山市 新狭山
4%
桐生市 新桐生
4%
加須市 新古河
4%
呉市 新広
4%
中野区 新江古田
4%
荒川区 新三河島
4%
精華町 新祝園
4%
清須市 新清洲
4%
清須市 新川橋
4%
各務原市 新那加
4%
周南市 新南陽
4%
柏市 新柏
4%
板橋区 新板橋
4%
富山市 新富山口
4%
豊田市 新豊田
4%
大阪市 森小路
4%
札幌市 真駒内
4%
仙北市 | 岩国市 | 雲仙市 神代
4%
西宮市 仁川
4%
仁木町 仁木
4%
富山市 水橋
4%
倉敷市 水島
4%
大阪市 崇禅寺
4%
杉戸町 杉戸高野台
4%
大阪市 杉本町
4%
横浜市 瀬谷
4%
桑名市 | 横浜市 星川
4%
宝塚市 清荒神
4%
清里町 清里町
4%
遠軽町 生田原
4%
倉敷市 西阿知
4%
京都市 西京極
4%
神戸市 西元町
4%
門真市 西三荘
4%
長岡京市 西山天王山
4%
出雲市 西出雲
4%
大泉町 西小泉
4%
岡山市 西川原
4%
豊島区 西巣鴨
4%
帯広市 西帯広
4%
神戸市 西代
4%
大阪市 西大橋
4%
久留米市 西鉄久留米
4%
唐津市 西唐津
4%
富山市 西富山
4%
富士宮市 西富士宮
4%
北見市 西北見
4%
北見市 西留辺蘂
4%
西脇市 西脇市
4%
登米市 石越
4%
三宅町 石見
4%
熊谷市 | 福知山市 石原
4%
京都市 | 北九州市 石田
4%
小矢部市 石動
4%
港区 赤羽橋
4%
北九州市 折尾
4%
大田区 雪が谷大塚
4%
長門市 仙崎
4%
福岡市 千早
4%
千葉市 千葉寺
4%
吹田市 千里山
4%
大阪市 千林大宮
4%
奥多摩町 川井
4%
長野市 川中島
4%
弟子屈町 川湯温泉
4%
泉崎村 泉崎
4%
廿日市市 前空
4%
船橋市 前原
4%
甲府市 善光寺
4%
善通寺市 善通寺
4%
寒川町 倉見
4%
相模原市 相武台下
4%
座間市 相武台前
4%
大和市 相模大塚
4%
桐生市 相老
4%
佐野市 | 川西市 多田
4%
釧路市 大楽毛
4%
さいたま市 大宮公園
4%
福岡市 | 長崎市 大橋
4%
大桑村 | 日光市 大桑
4%
佐倉市 大佐倉
4%
大阪狭山市 大阪狭山市
4%
日出町 大神
4%
芽室町 大成
4%
越谷市 大袋
4%
大田市 大田市
4%
福井市 大土呂
4%
栃木市 大平下
4%
常滑市 大野町
4%
稲沢市 大里
4%
大和郡山市 大和小泉
4%
桜井市 大和朝倉
4%
守口市 滝井
4%
滝沢市 滝沢
4%
只見町 只見
4%
草加市 谷塚
4%
泉南市 樽井
4%
武豊町 知多武豊
4%
世田谷区 池ノ上
4%
中央区 築地市場
4%
糸島市 筑前前原
4%
秩父別町 秩父別
4%
倉敷市 茶屋町
4%
岐阜市 茶所
4%
弘前市 中央弘前
4%
前橋市 中央前橋
4%
福岡市 中洲川端
4%
倉敷市 中庄
4%
那珂市 中菅谷
4%
中之条町 中之条
4%
浜松市 中部天竜
4%
広島市 中野東
4%
尼崎市 猪名寺
4%
京都市 鳥羽街道
4%
鳥取市 鳥取大学前
4%
横須賀市 津久井浜
4%
今別町 津軽二股
4%
津市 津新町
4%
川崎市 津田山
4%
津和野町 津和野
4%
大阪市 鶴ケ丘
4%
横浜市 鶴ヶ峰
4%
秦野市 鶴巻温泉
4%
富士見市 鶴瀬
4%
春日井市 定光寺
4%
大阪市 伝法
4%
田川市 田川後藤寺
4%
佐野市 田島
4%
田布施町 田布施
4%
宮崎市 | 田野町 田野
4%
富山市 電鉄富山
4%
中野区 都立家政
4%
砺波市 砺波
4%
守口市 土居
4%
香美市 土佐山田
4%
湯沢町 土樽
4%
標茶町 塘路
4%
稲沢市 島氏永
4%
墨田区 東あずま
4%
高石市 東羽衣
4%
秦野市 東海大学前
4%
金沢市 東金沢
4%
京都市 東寺
4%
船橋市 東中山
4%
尾道市 東尾道
4%
福生市 東福生
4%
東松島市 東名
4%
相模原市 東林間
4%
京都市 桃山御陵前
4%
湯浅町 湯浅
4%
藤沢市 藤沢本町
4%
愛西市 藤浪
4%
綾川町
4%
松山市 道後温泉
4%
名古屋市 道徳
4%
藤井寺市 道明寺
4%
東大阪市 徳庵
4%
北名古屋市 徳重・名古屋芸大
4%
川崎市 読売ランド前
4%
奈井江町 奈井江
4%
塩尻市 奈良井
4%
那智勝浦町 那智
4%
いわき市 内郷
4%
内灘町 内灘
4%
南阿蘇村 南阿蘇水の生まれる里白水高原
4%
岩国市 南岩国
4%
甲府市 南甲府
4%
安城市 | 春日部市 南桜井
4%
酒々井町 南酒々井
4%
南越前町 南条
4%
吹田市 南吹田
4%
横浜市 南太田
4%
大阪市 南巽
4%
北茨城市 南中郷
4%
大阪市 南田辺
4%
川口市 南鳩ヶ谷
4%
富山市 南富山
4%
みなべ町 南部
4%
清須市 二ツ杁
4%
長万部町 二股
4%
京都市 二条城前
4%
港区 日の出
4%
日向市 日向市
4%
青梅市 日向和田
4%
備前市 日生
4%
入善町 入善
4%
横浜市 能見台
4%
宝塚市 売布神社
4%
米子市 伯耆大山
4%
柏市 柏の葉キャンパス
4%
扶桑町 柏森
4%
帯広市 柏林台
4%
大館市 | 枕崎市 | 阿久比町 白沢
4%
広島市 白島
4%
瑞穂町 箱根ケ崎
4%
名古屋市 八事
4%
八千代市 八千代台
4%
八千代市 八千代緑が丘
4%
市原市 八幡宿
4%
鹿角市 八幡平
4%
奥多摩町 鳩ノ巣
4%
八頭町
4%
神戸市 板宿
4%
板野町 板野
4%
あわら市 | 相模原市 番田
4%
郡山市 磐梯熱海
4%
大阪市 肥後橋
4%
飛騨市 飛騨古川
4%
明日香村 飛鳥
4%
福山市 備後赤坂
4%
新見市 備中神代
4%
岡崎市 美合
4%
十日町市 美佐島
4%
美深町 美深
4%
日野市 百草園
4%
厚真町 浜厚真
4%
新温泉町 浜坂
4%
小清水町 浜小清水
4%
千葉市 浜野
4%
富士河口湖町 富士急ハイランド
4%
杉並区 富士見ヶ丘
4%
刈谷市 富士松
4%
江南市 布袋
4%
扶桑町 扶桑
4%
尼崎市 武庫之荘
4%
練馬区 武蔵関
4%
日高市 武蔵高萩
4%
あきる野市 武蔵増戸
4%
嵐山町 武蔵嵐山
4%
宝塚市 武田尾
4%
春日部市 武里
4%
神戸市 舞子公園
4%
京都市 伏見桃山
4%
豊中市 服部天神
4%
名古屋市 平安通
4%
天龍村 平岡
4%
日野市 平山城址公園
4%
熊本市 平成
4%
鹿児島市 平川
4%
大阪市 | 村上市 平林
4%
安曇野市 穂高
4%
宝塚市 宝塚南口
4%
斑鳩町 法隆寺
4%
新潟市 豊栄
4%
名古屋市 豊田本町
4%
防府市 防府
4%
深川市 北一已
4%
堺市 北花田
4%
茅ヶ崎市 北茅ケ崎
4%
横須賀市 北久里浜
4%
松本市 北松本
4%
大田区 北千束
4%
長野市 北長野
4%
葛飾区 堀切菖蒲園
4%
名古屋市 本笠寺
4%
名古屋市 本星崎
4%
本巣市 本巣
4%
板橋区 本蓮沼
4%
弟子屈町 摩周
4%
岡山市 万富
4%
神戸市 湊川
4%
名古屋市 名古屋城
4%
各務原市 名電各務原
4%
岡崎市 名電山中
4%
豊川市 名電長沢
4%
大山町 | 東海市 名和
4%
毛呂山町 毛呂
4%
長浜市 木ノ本
4%
一宮市 木曽川堤
4%
扶桑町 木津用水
4%
あま市 木田
4%
三戸町 目時
4%
南牧村 野辺山
4%
江別市 野幌
4%
倉敷市 弥生
4%
稲城市 矢野口
4%
岩国市 柳瀬
4%
志木市 柳瀬川
4%
加須市 柳生
4%
岐阜市 | 登米市 柳津
4%
由布市 由布院
4%
瀬戸内市 邑久
4%
千葉市 誉田
4%
京都市 洛西口
4%
比布町 蘭留
4%
里庄町 里庄
4%
横浜町 陸奥横浜
4%
仙台市 陸前原ノ町
4%
多賀城市 陸前山王
4%
大田区 流通センター
4%
楢葉町 竜田
4%
三木市 | 旭川市 | 目黒区 緑が丘
4%
大阪市 緑橋
4%
鈴鹿市 鈴鹿市
4%
板橋区 蓮根
4%
大田区 蓮沼
4%
横浜市 六浦
4%
藤沢市 六会日大前
4%
各務原市 | 松阪市 六軒
4%
泉南市 和泉砂川
4%
狛江市 和泉多摩川
4%
音威子府村 筬島
4%
鰺ヶ沢町 鰺ケ沢
4%
廿日市市 JA広島病院前
4%
神戸市 アイランドセンター
3%
湖西市 アスモ前
3%
丸森町 あぶくま
3%
川根本町 アプトいちしろ
3%
あわら市 あわら湯のまち
3%
深浦町 ウェスパ椿山
3%
上越市 うらがわら
3%
糸魚川市 えちご押上ひすい海岸
3%
さぬき市 オレンジタウン
3%
上越市 くびき
3%
名古屋市 ささしまライブ
3%
大阪市 だいどう豊里
3%
坂城町 テクノさかき
3%
大阪市 トレードセンター前
3%
京都市 トロッコ嵯峨
3%
京都市 トロッコ保津峡
3%
京都市 トロッコ嵐山
3%
高知市 はりまや橋
3%
川崎市 はるひ野
3%
大阪市 フェリーターミナル
3%
三田市 フラワータウン
3%
大阪市 ポートタウン西
3%
大阪市 ポートタウン東
3%
上越市 ほくほく大島
3%
西和賀町 ほっとゆだ
3%
寄居町 みなみ寄居
3%
横浜市 ゆめが丘
3%
当別町 ロイズタウン
3%
ひたちなか市 阿字ヶ浦
3%
大紀町 阿曽
3%
海陽町 阿波海南
3%
北見市 愛し野
3%
横瀬町 芦ヶ久保
3%
大阪市 芦原町
3%
遠軽町 安国
3%
二本松市 安達
3%
八頭町 安部
3%
安平町 安平
3%
長野市 安茂里
3%
津市 伊勢奥津
3%
横浜市 伊勢佐木長者町
3%
東伊豆町 伊豆熱川
3%
東大阪市 衣摺加美北
3%
杉並区 井荻
3%
横浜市 井土ヶ谷
3%
春日部市 一ノ割
3%
津市 一身田
3%
横須賀市 逸見
3%
狭山市 稲荷山公園
3%
札幌市 稲積公園
3%
宇都宮市 宇都宮駅東口
3%
宇美町 宇美
3%
桜川市 | 犬山市 羽黒
3%
各務原市 | 辰野町 羽場
3%
羽島市 羽島市役所前
3%
高岡市 雨晴
3%
各務原市 鵜沼宿
3%
長崎市 浦上
3%
弘前市 | 豊橋市 運動公園前
3%
品川区 荏原町
3%
愛西市 永和
3%
村上市 越後寒川
3%
新潟市 越後石山
3%
新潟市 越後曽根
3%
朝日町 越中宮崎
3%
射水市 越中大門
3%
喜多方市 塩川
3%
北区 王子駅前
3%
越前市 王子保
3%
豊中市 岡町
3%
高松市 屋島
3%
大田市 温泉津
3%
大田区 下丸子
3%
精華町 下狛
3%
幌延町 下沼
3%
下仁田町 下仁田
3%
東庄町 下総橘
3%
銚子市 下総豊里
3%
豊橋市 下地
3%
亀山市 | 和歌山市 加太
3%
八尾市 河内山本
3%
松原市 河内天美
3%
大阪市 河堀口
3%
長浜市 河毛
3%
大阪市 花園町
3%
みどり市 花輪
3%
四日市市 霞ヶ浦
3%
生駒市 | 神戸市 霞ヶ丘
3%
大阪市 我孫子前
3%
柳津町 会津柳津
3%
船橋市 海神
3%
国見町 貝田
3%
香美町
3%
上越市 柿崎
3%
名古屋市 覚王山
3%
角田市 角田
3%
神戸市 学園都市
3%
富良野市 学田
3%
富士市 岳南江尾
3%
川越市 笠幡
3%
橿原市 橿原神宮西口
3%
糸魚川市 梶屋敷
3%
常滑市 | 柳川市 蒲池
3%
瑞浪市 釜戸
3%
刈羽村 刈羽
3%
朝倉市 甘木
3%
妙高市 関山
3%
大阪市 関目成育
3%
南房総市 岩井
3%
唐津市 | 神戸市 岩屋
3%
南足柄市 岩原
3%
盛岡市 岩手飯岡
3%
岩出市 岩出
3%
横浜市 希望ヶ丘
3%
和歌山市 紀伊中ノ島
3%
紀北町 紀伊長島
3%
和歌山市 紀和
3%
紀の川市 貴志
3%
甲賀市 貴生川
3%
市川市 鬼越
3%
名古屋市 亀島
3%
福岡市 吉塚
3%
南丹市 | 吉富町 吉富
3%
吉野町 吉野神宮
3%
杵築市 杵築
3%
宝塚市 逆瀬川
3%
いわき市 久ノ浜
3%
白河市 久田野
3%
青梅市 宮ノ平
3%
宮崎市 宮崎神宮
3%
寒川町 宮山
3%
仙台市 宮城野原
3%
宮田村 宮田
3%
あわら市 牛ノ谷
3%
新宿区 牛込柳町
3%
南魚沼市 魚沼丘陵
3%
東近江市 京セラ前
3%
姫路市 京口
3%
京都市 京阪山科
3%
千葉市 京成稲毛
3%
府中市 競艇場前
3%
伊勢崎市 境町
3%
鏡石町 鏡石
3%
岩国市 錦町
3%
琴平町 琴電琴平
3%
香芝市 近鉄下田
3%
大和郡山市 近鉄郡山
3%
四日市市 近鉄富田
3%
旭川市 近文
3%
金ケ崎町 金ケ崎
3%
甲府市 金手
3%
仁木町 銀山
3%
館山市 九重
3%
西宮市 苦楽園口
3%
仙台市 苦竹
3%
橋本市 隅田
3%
いちき串木野市 串木野
3%
周南市 櫛ケ浜
3%
四万十町 窪川
3%
荒川区 熊野前
3%
川崎市 栗平
3%
高松市 栗林公園
3%
郡山市 郡山富田
3%
恵庭市 恵み野
3%
足立区 見沼代親水公園
3%
見附市 見附
3%
豊岡市 玄武洞
3%
真庭市 | 知多市 古見
3%
奥多摩町 古里
3%
網走市 呼人
3%
川口市 戸塚安行
3%
北九州市 戸畑
3%
南丹市 胡麻
3%
松戸市 五香
3%
本宮市 五百川
3%
富山市 呉羽
3%
雲仙市 吾妻
3%
神戸市 御崎公園
3%
岩手町 御堂
3%
京都市 御陵
3%
大田区 御嶽山
3%
枚方市 光善寺
3%
成田市 公津の杜
3%
盛岡市 好摩
3%
塩尻市 広丘
3%
廿日市市 広電宮島口
3%
広島市 広島駅
3%
尼崎市 杭瀬
3%
豊岡市 江原
3%
津市 江戸橋
3%
滝川市 江部乙
3%
名古屋市 港北
3%
幌延町 糠南
3%
荒川区 荒川区役所前
3%
荒川区 荒川遊園地前
3%
八尾市 高安
3%
東海市 高横須賀
3%
大和市 高座渋谷
3%
伊勢崎市 剛志
3%
島田市 合格
3%
仙台市 | 四万十市 国見
3%
伊勢崎市 国定
3%
市川市 国府台
3%
長万部町 国縫
3%
一宮市 今伊勢
3%
長井市 今泉
3%
今別町 今別
3%
日野町 根雨
3%
愛西市 佐屋
3%
富津市 佐貫町
3%
徳島市 佐古
3%
佐野市 佐野市
3%
岐阜市 細畑
3%
中津川市 坂下
3%
山元町 坂元
3%
飛騨市 坂上
3%
坂城町 坂城
3%
音威子府村 咲来
3%
名古屋市 桜山
3%
名古屋市 桜本町
3%
荒川区 三ノ輪橋
3%
知立市 三河知立
3%
田原市 三河田原
3%
宇城市 三角
3%
神戸市 三宮・花時計前
3%
坂井市 三国港
3%
船橋市 三咲
3%
三春町 三春
3%
松山市 三津
3%
三島市 三島田町
3%
河内長野市 三日市町
3%
渋谷区 参宮橋
3%
綾部市 山家
3%
四日市市 山城
3%
足利市 山前
3%
阪南市 山中渓
3%
喜多方市 山都
3%
神戸市 山陽塩屋
3%
京都市 四条大宮
3%
宮崎市 子供の国
3%
糸魚川市 市振
3%
各務原市 市民公園前
3%
那覇市 | 鹿児島市 市立病院前
3%
佐倉市 志津
3%
本庄市 児玉
3%
東広島市 寺家
3%
知多市 寺本
3%
札幌市 自衛隊前
3%
大阪市 汐見橋
3%
横須賀市 汐入
3%
大崎市 鹿島台
3%
鹿部町 鹿部
3%
あま市 七宝
3%
宇陀市 室生口大野
3%
足立区 舎人公園
3%
海老名市 社家
3%
名古屋市 車道
3%
高浜町 若狭高浜
3%
東大阪市 若江岩田
3%
若桜町 若桜
3%
新宿区 若松河田
3%
岐阜市 手力
3%
京都市 蹴上
3%
半田市 住吉町
3%
鹿角市 十和田南
3%
秦野市 渋沢
3%
川崎市 宿河原
3%
出雲崎町 出雲崎
3%
尼崎市 出屋敷
3%
大阪市 出来島
3%
愛西市 勝幡
3%
八王子市 小宮
3%
下関市 小串
3%
小郡市 小郡
3%
下関市 小月
3%
南相馬市 小高
3%
小国町 小国
3%
墨田区 小村井
3%
仙台市 小鶴新田
3%
結城市 小田林
3%
白山市 小舞子
3%
小牧市 小牧原
3%
小牧市 小牧口
3%
日立市 小木津
3%
小野町 小野新町
3%
浜松市 小和田
3%
大田区 昭和島
3%
世田谷区 松陰神社前
3%
永平寺町 松岡
3%
松戸市 松戸新田
3%
小郡市 | 湯梨浜町 松崎
3%
大崎市 松山町
3%
京都市 松尾大社
3%
大田区 沼部
3%
奈良市 菖蒲池
3%
武豊町 上ゲ
3%
府中市 上下
3%
京都市 上桂
3%
相模原市 上溝
3%
名古屋市 上社
3%
横浜市 上星川
3%
勝浦市 上総興津
3%
大多喜町 上総中野
3%
大月市 上大月
3%
世田谷区 上町
3%
境港市 | 岡山市 上道
3%
東大和市 上北台
3%
岩見沢市 上幌向
3%
美浜町 上野間
3%
世田谷区 上野毛
3%
南砺市 城端
3%
前橋市 城東
3%
広島市 城北
3%
大阪市 城北公園通
3%
中野市 信州中野
3%
和泉市 信太山
3%
前橋市 心臓血管センター
3%
川口市 新井宿
3%
各務原市 新加納
3%
川越市 新河岸
3%
新潟市 新潟大学前
3%
黒部市 新黒部
3%
鹿沼市 新鹿沼
3%
葛飾区 新柴又
3%
小金井市 新小金井
3%
名古屋市 新瑞橋
3%
釧路市 新大楽毛
3%
栃木市 新大平下
3%
会津美里町 新鶴
3%
松本市 新島々
3%
東海市 新日鉄前
3%
福井市 新福井
3%
鉾田市 新鉾田
3%
茂原市 新茂原
3%
神河町 | 阿南市 新野
3%
堺市 深井
3%
大阪市 深江橋
3%
真室川町 真室川
3%
阿賀野市 神山
3%
逗子市 神武寺
3%
福山市 神辺
3%
加古川市 神野
3%
糸魚川市 親不知
3%
長門市 人丸
3%
にかほ市 仁賀保
3%
七飯町 仁山
3%
須坂市 須坂
3%
常総市 水海道
3%
貝塚市 水間観音
3%
浜松市 水窪
3%
甲賀市 水口城南
3%
大野城市 水城
3%
熊本市 水前寺
3%
高松市 水田
3%
瀬戸市 水野
3%
名古屋市 瑞穂運動場西
3%
名古屋市 瑞穂運動場東
3%
市川市 菅野
3%
太田市 世良田
3%
瀬戸市 瀬戸市
3%
遠軽町 瀬戸瀬
3%
栗原市 瀬峰
3%
橿原市 畝傍御陵前
3%
半田市 成岩
3%
札幌市 星置
3%
交野市 星田
3%
飯能市 正丸
3%
野田市 清水公園
3%
庄内町 清川
3%
岩国市 清流新岩国
3%
西宮市 生瀬
3%
朝来市 生野
3%
奈良市 西ノ京
3%
常滑市 西ノ口
3%
西粟倉村 西粟倉
3%
塩竈市 西塩釜
3%
岩国市 西岩国
3%
飯能市 西吾野
3%
高岡市 西高岡
3%
東広島市 西高屋
3%
浜松市 西鹿島
3%
北九州市 西小倉
3%
安中市 西松井田
3%
足立区 西新井大師西
3%
世田谷区 西太子堂
3%
大阪市 西長堀
3%
筑紫野市 西鉄二日市
3%
田原本町 西田原本
3%
神戸市 西灘
3%
入善町 西入善
3%
白井市 西白井
3%
西尾市 西尾口
3%
立川市 西武立川
3%
木津川市 西木津
3%
柏崎市 青海川
3%
宮崎市 青島
3%
栃木市 静和
3%
青梅市 石神前
3%
南魚沼市 石打
3%
一宮市 石刀
3%
岩倉市 石仏
3%
宗像市 赤間
3%
名張市 赤目口
3%
盛岡市 仙北町
3%
千曲市 千曲
3%
文京区 千石
3%
南房総市 千倉
3%
弘前市 千年
3%
長野原町 川原湯温泉
3%
由仁町 川端
3%
川南町 川南
3%
四国中央市 川之江
3%
田舎館村 川部
3%
由利本荘市 川辺
3%
明和町 川俣
3%
名古屋市 川名
3%
堺市 泉ヶ丘
3%
堺市 浅香山
3%
大田区 洗足池
3%
塩尻市 洗馬
3%
船橋市 船橋日大前
3%
藤沢市 善行
3%
仁木町 然別
3%
鶴岡市 鼠ケ関
3%
倉敷市 倉敷市
3%
佐世保市 早岐
3%
早島町 早島
3%
名古屋市 相生山
3%
北見市 相内
3%
名古屋市 総合リハビリセンター
3%
網走市 藻琴
3%
常滑市 多屋
3%
士別市 多寄
3%
東村山市 多摩湖
3%
名古屋市 太閤通
3%
大阪市 太子橋今市
3%
京都市 太秦天神川
3%
芦屋市 打出
3%
大子町 袋田
3%
松山市 大浦
3%
神戸市 大開
3%
香取市 大戸
3%
福岡市 大濠公園
3%
柏原市 大阪教育大前
3%
津市 大三
3%
岩倉市 大山寺
3%
川崎市 大師橋
3%
京田辺市 大住
3%
三島市 大場
3%
名古屋市 大須観音
3%
大多喜町 大多喜
3%
真室川町 大滝
3%
郡上市 大中
3%
七飯町 大中山
3%
名古屋市 大同町
3%
防府市 大道
3%
柳井市 大畠
3%
三好市 大歩危
3%
南足柄市 大雄山
3%
北秋田市 鷹ノ巣
3%
北秋田市 鷹巣
3%
青梅市 沢井
3%
岸和田市 蛸地蔵
3%
鹿児島市 谷山
3%
習志野市 谷津
3%
丹波篠山市 丹波大山
3%
日光市 男鹿高原
3%
寄居町 男衾
3%
美浜町 知多奥田
3%
名寄市 智恵文
3%
名古屋市 池下
3%
筑紫野市 筑紫
3%
美唄市 茶志内
3%
浜中町 茶内
3%
札幌市 中の島
3%
天龍村 中井侍
3%
府中市 中河原
3%
みやき町 中原
3%
大阪市 中崎町
3%
外ヶ浜町 中小国
3%
胎内市 中条
3%
名古屋市 中村公園
3%
名古屋市 中村日赤
3%
各務原市 苧ヶ瀬
3%
荒川区 町屋駅前
3%
長久手市 長久手古戦場
3%
藤沢市 長後
3%
直方市 直方
3%
津久見市 津久見
3%
堺市 津久野
3%
青森市 津軽新城
3%
阿賀町 津川
3%
船橋市 塚田
3%
堺市 栂・美木多
3%
三好市
3%
町田市 鶴川
3%
さいたま市 鉄道博物館
3%
横浜市 天王町
3%
福岡市 天神南
3%
飯田市 天竜峡
3%
田上町 田上
3%
大崎市 田尻
3%
名取市 杜せきのした
3%
みやま市 | 館林市 渡瀬
3%
森町 渡島砂原
3%
大阪市 都島
3%
都留市 都留市
3%
都留市 都留文科大学前
3%
福岡市 土井
3%
広島市 | 松山市 | 豊田市 土橋
3%
秋田市 土崎
3%
智頭町 土師
3%
藤井寺市 土師ノ里
3%
大津市 唐崎
3%
福岡市 唐人町
3%
下郷町 塔のへつり
3%
旭川市 東旭川
3%
船橋市 東海神
3%
滑川市 東滑川
3%
江東区 東京ビッグサイト
3%
飯能市 東吾野
3%
小浜市 東小浜
3%
和歌山市 | 松江市 東松江
3%
仙台市 東照宮
3%
豊川市 東上
3%
新潟市 東新潟
3%
森町 東森
3%
神戸市 東須磨
3%
白石市 東白石
3%
富山市 東富山
3%
名古屋市 東名古屋港
3%
京都市 | 恵那市 東野
3%
南相馬市 桃内
3%
菰野町 湯の山温泉
3%
函館市 湯の川
3%
日光市 湯西川温泉
3%
那智勝浦町 湯川
3%
山口市 湯田温泉
3%
山ノ内町 湯田中
3%
南越前町 湯尾
3%
糸魚川市 筒石
3%
春日部市 藤の牛島
3%
福岡市 | 藤崎町 藤崎
3%
岩国市 藤生
3%
加賀市 動橋
3%
下関市 特牛
3%
奈半利町 奈半利
3%
ひたちなか市 那珂湊
3%
館山市 那古船形
3%
千代田区 内幸町
3%
内子町 内子
3%
東海市 南加木屋
3%
日南市 南郷
3%
幌延町 南幌延
3%
横浜市 南万騎が原
3%
各務原市 二十軒
3%
香芝市 二上
3%
青梅市 二俣尾
3%
横浜市 日ノ出町
3%
猪名川町 日生中央
3%
名古屋市 | 愛西市 日比野
3%
西脇市 日本へそ公園
3%
相馬市 日立木
3%
郡山市 日和田
3%
狭山市 入曽
3%
指宿市 | 東広島市 入野
3%
深川市 納内
3%
大阪市 萩ノ茶屋
3%
東村山市 萩山
3%
白河市 白坂
3%
東広島市 白市
3%
白川町 白川口
3%
生駒市 白庭台
3%
鳥羽市 白木
3%
函館市 函館駅前
3%
札幌市 八軒
3%
墨田区 八広
3%
名古屋市 八事日赤
3%
養父市 八鹿
3%
八千代市 八千代中央
3%
東海市 八幡新田
3%
渋川市 八木原
3%
仙台市 八木山動物公園
3%
橿原市 八木西口
3%
八郎潟町 八郎潟
3%
霧島市 隼人
3%
四万十市 半家
3%
板倉町 板倉東洋大前
3%
旭市 飯岡
3%
船橋市 飯山満
3%
飯島町 飯島
3%
磐梯町 磐梯町
3%
倶知安町 比羅夫
3%
名古屋市 | 大津市 比良
3%
大津町 肥後大津
3%
庄原市 備後庄原
3%
世田谷区 尾山台
3%
美祢市 美祢
3%
中津川市 美乃坂本
3%
美浜町 美浜緑苑
3%
美幌町 美幌
3%
小諸市 美里
3%
宮代町 姫宮
3%
大阪市 姫島
3%
堺市 百舌鳥八幡
3%
亘理町 浜吉田
3%
富津市 浜金谷
3%
堺市 浜寺公園
3%
南房総市 | 登別市 富浦
3%
防府市 富海
3%
武豊町 富貴
3%
富山市 富山駅
3%
奈良市 富雄
3%
我孫子市 布佐
3%
弘前市 撫牛子
3%
西宮市 武庫川団地前
3%
日高市 武蔵横手
3%
大田区 武蔵新田
3%
恵那市 武並
3%
小田原市 風祭
3%
名寄市 風連
3%
福井市 福井口
3%
福津市 福間
3%
福崎町 福崎
3%
周南市 福川
3%
福岡市 福大前
3%
西尾市 福地
3%
東金市 福俵
3%
大阪市 文の里
3%
日光市 文挟
3%
川崎市 平間
3%
札幌市 | 赤平市 平岸
3%
名古屋市 平針
3%
宇都宮市 平石
3%
大和郡山市 平端
3%
境港市 米子空港
3%
西尾市 米津
3%
名古屋市 米野
3%
碧南市 碧南中央
3%
別府市 別府大学
3%
勝山市 | 鋸南町 保田
3%
豊浦町 豊浦
3%
安曇野市 豊科
3%
豊頃町 豊頃
3%
柏市 豊四季
3%
札幌市 豊水すすきの
3%
吹田市 | 行橋市 豊津
3%
長野市 豊野
3%
旭川市 北永山
3%
大阪市 北加賀屋
3%
高崎市 北高崎
3%
坂戸市 北坂戸
3%
鯖江市 北鯖江
3%
小谷村 北小谷
3%
和泉市 北信太
3%
横浜市 北新横浜
3%
延岡市 北川
3%
京都市 北大路
3%
大阪市 北巽
3%
秩父別町 北秩父別
3%
藤岡市 北藤岡
3%
白石市 北白川
3%
北九州市 | 武雄市 北方
3%
堺市 北野田
3%
京都市 墨染
3%
普代村 堀内
3%
登別市 幌別
3%
名古屋市 本陣
3%
山口市 本由良
3%
岡山市 妹尾
3%
幕別町 幕別
3%
いわき市 末続
3%
春日井市 味美
3%
有田市 箕島
3%
一宮市 妙興寺
3%
霧島市 霧島神宮
3%
名古屋市 名城公園
3%
神戸市 名谷
3%
安曇野市 明科
3%
可児市 | 恵那市 明智
3%
西宮市 鳴尾・武庫川女子大前
3%
山形市 面白山高原
3%
茂木町 茂木
3%
楢葉町 木戸
3%
雲南市 木次
3%
木津川市 木津川台
3%
宇治市 | 神戸市 木幡
3%
京都市 木野
3%
西宮市 門戸厄神
3%
海老名市 門沢橋
3%
芦別市 野花南
3%
美浜町 野間
3%
西会津町 野沢
3%
中野区 野方
3%
東大阪市 弥刀
3%
広島市 矢賀
3%
大田区 矢口渡
3%
矢祭町 矢祭山
3%
岡崎市 矢作橋
3%
由利本荘市 矢島
3%
矢巾町 矢幅
3%
東松島市 矢本
3%
福岡市 薬院
3%
船橋市 薬園台
3%
甲賀市 油日
3%
稚内市 勇知
3%
岩国市 由宇
3%
由仁町 由仁
3%
鎌倉市 由比ヶ浜
3%
北栄町 由良
3%
遊佐町 遊佐
3%
庄内町 余目
3%
横浜市 踊場
3%
養父市 養父
3%
中津川市 落合川
3%
根室市 落石
3%
三田市 藍本
3%
山田町 陸中山田
3%
奥州市 陸中折居
3%
南阿蘇村 | 基山町 立野
3%
流山市 流山セントラルパーク
3%
京都市 龍谷大前深草
3%
横浜市 緑園都市
3%
室蘭市 輪西
3%
海南市 冷水浦
3%
豊浦町 礼文
3%
川崎市 鈴木町
3%
智頭町 恋山形
3%
松戸市 六実
3%
和歌山市 和歌山大学前
3%
宮代町 和戸
3%
貝塚市 和泉橋本
3%
横浜市 和田町
3%
大津市 和邇
3%
登別市 鷲別
3%
横浜市 屏風浦
3%
仙台市 榴ケ岡
3%
東海市 聚楽園
3%
小田原市 螢田
3%
南丹市 鍼灸大学前
3%
香美町 餘部
3%
神戸市 鵯越
3%
神戸市 アイランド北口
2%
香南市 あかおか
2%
小竹町 あかぢ
2%
八峰町 あきた白神
2%
西粟倉村 あわくら温泉
2%
松山市 いよ立花
2%
千葉市 おゆみ野
2%
呉市 かるが浜
2%
京都市 くいな橋
2%
基山町 けやき台
2%
豊岡市 コウノトリの郷
2%
新潟市 さつき野
2%
古賀市 ししぶ
2%
富士市 ジヤトコ前(ジヤトコ1地区前)
2%
熊谷市 ソシオ流通センター
2%
越前市 たけふ新
2%
江東区 テレコムセンター
2%
札幌市 バスセンター前
2%
佐賀市 バルーンさが
2%
札幌市 ひばりが丘
2%
大和郡山市 ファミリー公園前
2%
彦根市 フジテック前
2%
神戸市 ポートターミナル
2%
神戸市 マリンパーク
2%
千葉市 みどり台
2%
神戸市 みなと元町
2%
松戸市 みのり台
2%
本巣市 モレラ岐阜
2%
西和賀町 ゆだ錦秋湖
2%
みどり市 阿左美
2%
北秋田市 阿仁マタギ
2%
津市 阿漕
2%
廿日市市 阿品東
2%
長久手市 愛・地球博記念公園
2%
那覇市 旭橋
2%
尾張旭市 旭前
2%
安曇野市 梓橋
2%
由利本荘市 鮎川
2%
燕市 粟生津
2%
下関市 安岡
2%
呉市 安芸阿賀
2%
愛別町 安足間
2%
壬生町 安塚
2%
柏原市 安堂
2%
大町市 安曇沓掛
2%
鋸南町 安房勝山
2%
須崎市 安和
2%
鞍手町 鞍手
2%
京都市 鞍馬口
2%
伊賀市 伊賀上津
2%
当麻町 伊香牛
2%
鈴鹿市 伊勢若松
2%
松阪市 伊勢中原
2%
朝日町 伊勢朝日
2%
和歌山市 伊太祈曽
2%
伊豆の国市 伊豆長岡
2%
東伊豆町 伊豆北川
2%
四国中央市 伊予寒川
2%
宇和島市 伊予吉田
2%
今治市 伊予桜井
2%
伊予市 伊予上灘
2%
松山市 伊予北条
2%
天龍村 為栗
2%
広島市 井原市
2%
三木町 井戸
2%
広島市 | 白山市 井口
2%
大阪市 井高野
2%
福岡市 井尻
2%
小平市 一橋学園
2%
京都市 一乗寺
2%
生駒市 一分
2%
香春町 | 鶴ヶ島市 一本松
2%
名古屋市 稲永
2%
豊川市 稲荷口
2%
印南町 稲原
2%
札幌市 稲穂
2%
湯沢市 院内
2%
名古屋市 烏森
2%
筑後市 羽犬塚
2%
大仙市 羽後長野
2%
田上町 羽生田
2%
中山町 羽前長崎
2%
飯豊町 羽前椿
2%
泉佐野市 羽倉崎
2%
大田区 鵜の木
2%
勝浦市 鵜原
2%
紀宝町 鵜殿
2%
黒部市 浦山
2%
浜松市 浦川
2%
浦添市 浦添前田
2%
糸魚川市 浦本
2%
那珂市 瓜連
2%
秩父市 影森
2%
永平寺町 永平寺口
2%
南九州市 頴娃
2%
益子町 益子
2%
関川村 越後下関
2%
新潟市 越後赤塚
2%
福井市 越前開発
2%
舟橋村 越中舟橋
2%
潮来市 延方
2%
銚子市 猿田
2%
遠賀町 遠賀川
2%
森町 遠州森
2%
釧路町 遠矢
2%
名古屋市 塩釜口
2%
和寒町 塩狩
2%
南魚沼市 塩沢
2%
三次市 塩町
2%
まんのう町 塩入
2%
四日市市 塩浜
2%
仙台市 奥新川
2%
川根本町 奥大井湖上
2%
一戸町 奥中山高原
2%
大阪市 横堤
2%
神戸市 王子公園
2%
橿原市 岡寺
2%
神戸市 岡場
2%
喜多方市 荻野
2%
千曲市 屋代
2%
東北町 乙供
2%
半田市 乙川
2%
釧路市 音別
2%
横浜市 下永谷
2%
大淀町 下市口
2%
日光市 下小代
2%
広島市 下深川
2%
海南市 下津
2%
伊那市 | 松本市 下島
2%
横浜市 下飯田
2%
身延町 下部温泉
2%
橋本市 下兵庫
2%
福知山市 下夜久野
2%
高根沢町 下野花岡
2%
日光市 下野大沢
2%
高石市 伽羅橋
2%
白山市 加賀笠間
2%
新発田市 加治
2%
さいたま市 加茂宮
2%
東海市 加木屋中ノ池
2%
可児市 可児川
2%
山口市 嘉川
2%
四日市市 河原田
2%
交野市 河内森
2%
加須市 花崎
2%
神戸市 花山
2%
一関市 花泉
2%
福井市 花堂
2%
大阪市 我孫子道
2%
下郷町 会津下郷
2%
南会津町 会津荒海
2%
金山町 会津川口
2%
黒潮町 海の王迎
2%
大町市 海ノ口
2%
市原市 海士有木
2%
銚子市 海鹿島
2%
海陽町 海部
2%
岡垣町 海老津
2%
富山市 開発
2%
指宿市 開聞
2%
階上町 階上
2%
貝塚市 貝塚市役所前
2%
川崎市 柿生
2%
飛騨市 角川
2%
豊島区 学習院下
2%
橋本市 学文路
2%
掛川市 掛川市役所前
2%
銚子市 笠上黒生
2%
笠置町 笠置
2%
かつらぎ町 笠田
2%
市川三郷町 鰍沢口
2%
成田市 滑河
2%
佐野市 葛生
2%
大阪市 蒲生四丁目
2%
浅口市 鴨方
2%
小田原市 栢山
2%
神戸市 苅藻
2%
苅田町 苅田
2%
筑北村 冠着
2%
桜井市 巻向
2%
旭市 干潟
2%
京都市 観月橋
2%
日光市 間藤
2%
関市 関口
2%
米沢市 関根
2%
京都市 丸太町
2%
岩手町 岩手川口
2%
栃木市 岩舟
2%
桜川市 岩瀬
2%
みなべ町 岩代
2%
名古屋市 岩塚
2%
岩美町 岩美
2%
立山町 岩峅寺
2%
御嵩町 顔戸
2%
郡山市 喜久田
2%
富田林市 喜志
2%
名古屋市 | 大洲市 喜多山
2%
鹿児島市 喜入
2%
和歌山市 紀ノ川
2%
御坊市 紀伊御坊
2%
高野町 紀伊細川
2%
田辺市 紀伊新庄
2%
高野町 紀伊神谷
2%
日高町 紀伊内原
2%
白浜町 紀伊日置
2%
串本町 紀伊姫
2%
串本町 紀伊有田
2%
由良町 紀伊由良
2%
和歌山市 紀三井寺
2%
熊本市 亀井
2%
美咲町 亀甲
2%
別府市 亀川
2%
下関市 吉見
2%
大船渡市 | 高浜市 吉浜
2%
大槌町 吉里吉里
2%
柏市 逆井
2%
大田区 久が原
2%
丹波市 久下村
2%
津市 久居
2%
北斗市 久根別
2%
大田市 久手
2%
西宮市 久寿川
2%
成田市 久住
2%
東村山市 久米川
2%
岸和田市 久米田
2%
八尾市 久宝寺口
2%
世田谷区 宮の坂
2%
札幌市 宮の沢
2%
伊勢市 宮川
2%
阿蘇市 宮地
2%
枚方市 宮之阪
2%
美作市 宮本武蔵
2%
神戸市 旧居留地・大丸前
2%
豊川市 牛久保
2%
新温泉町 居組
2%
宇部市 居能
2%
大津市 京阪石山
2%
大津市 京阪膳所
2%
函館市 | 北九州市 競馬場前
2%
柳津町 郷戸
2%
一宮市 玉ノ井
2%
御所市 玉手
2%
町田市 玉川学園前
2%
寄居町 玉淀
2%
鬼北町 近永
2%
京田辺市 近鉄宮津
2%
御所市 近鉄御所
2%
桑名市 近鉄長島
2%
橿原市 金橋
2%
大阪狭山市 金剛
2%
岡山市 金川
2%
大牟田市 銀水
2%
北九州市 九州工大前
2%
九度山町 九度山
2%
宮古市 区界
2%
大竹市 玖波
2%
森町 駒ケ岳
2%
駒ヶ根市 駒ケ根
2%
神戸市 駒ヶ林
2%
新地町 駒ケ嶺
2%
大阪市 駒川中野
2%
串間市 串間
2%
松阪市 櫛田
2%
志摩市 沓掛
2%
岩見沢市 栗丘
2%
岩見沢市 栗沢
2%
高松市 栗林公園北口
2%
長野原町 群馬大津
2%
高崎市 群馬八幡
2%
八頭町 郡家
2%
鹿児島市 郡元
2%
交野市 郡津
2%
三木市 恵比須
2%
網走市 桂台
2%
千葉市 | 志摩市 穴川
2%
大津市 | 東員町 穴太
2%
川西町 結崎
2%
富山市 | 新発田市 月岡
2%
札幌市 月寒中央
2%
神戸市 月見山
2%
南部町 剣吉
2%
柏原市 堅下
2%
長野市 権堂
2%
松戸市 | 高松市 元山
2%
京都市 元田中
2%
粕屋町 原町
2%
広島市 原爆ドーム前
2%
美濃加茂市 古井
2%
紫波町 古館
2%
串本町 古座
2%
由仁町 古山
2%
新潟市 古津
2%
飯山市 戸狩野沢温泉
2%
鳥取市 湖山
2%
菰野町 菰野
2%
白老町 虎杖浜
2%
弥富市 五ノ三
2%
川崎市 五月台
2%
伊勢市 五十鈴ケ丘
2%
南魚沼市 五日町
2%
大洲市 五郎
2%
美郷町 後三年
2%
御嵩町 御嵩口
2%
枚方市 御殿山
2%
大山町 御来屋
2%
美唄市 光珠内
2%
堺市 光明池
2%
宇部市 厚東
2%
浦幌町 厚内
2%
安芸高田市 | 豊島区 向原
2%
おいらせ町 向山
2%
京都市 向島
2%
岬町 孝子
2%
松戸市 幸谷
2%
広川町 広川ビーチ
2%
会津若松市 広田
2%
廿日市市 広電阿品
2%
廿日市市 広電廿日市
2%
広島市 広島港(宇品)
2%
宇都宮市 江曽島
2%
江府町 江尾
2%
名古屋市 港区役所
2%
川崎市 港町
2%
横浜市 港南中央
2%
姫路市 溝口
2%
湖南市 甲西
2%
北杜市 甲斐小泉
2%
北杜市 甲斐大泉
2%
名古屋市 荒子
2%
荒川区 荒川車庫前
2%
荒川区 荒川二丁目
2%
橿原市 香久山
2%
香春町 香春
2%
高岡市 高岡やぶなみ
2%
名古屋市 高岳
2%
高原町 高原
2%
船橋市 高根公団
2%
船橋市 高根木戸
2%
豊橋市 高師
2%
高石市 高師浜
2%
高森町 高森
2%
三豊市 | 山形市 高瀬
2%
高石市 高石
2%
高知市 高知駅前
2%
岐阜市 高田橋
2%
大和高田市 高田市
2%
横浜市 高島町
2%
高鍋町 高鍋
2%
府中市 高木
2%
橋本市 高野口
2%
柏市 高柳
2%
栃木市 合戦場
2%
八雲町 黒岩
2%
海南市 黒江
2%
みよし市 黒笹
2%
新潟市 黒山
2%
横手市 | 由利本荘市 黒沢
2%
西脇市 黒田庄
2%
信濃町 黒姫
2%
鎌倉市 腰越
2%
大阪市 | 村上市 今川
2%
松浦市 今福
2%
大阪市 今福鶴見
2%
佐川町 佐川
2%
香美町 佐津
2%
名古屋市 砂田橋
2%
姫路市 妻鹿
2%
釧路町 細岡
2%
太田市 | 掛川市 細谷
2%
あわら市 細呂木
2%
生駒市 菜畑
2%
坂祝町 坂祝
2%
阿久比町 坂部
2%
筑北村 坂北
2%
大津市 坂本比叡山口
2%
横浜市 阪東橋
2%
五泉市 咲花
2%
仙台市 作並
2%
旭川市 桜岡
2%
富山市 | 静岡市 桜橋
2%
中野市 | 寄居町 桜沢
2%
西尾市 桜町前
2%
福岡市 笹原
2%
東庄町 笹川
2%
清里町 札弦
2%
幕別町 札内
2%
福岡市 雑餉隈
2%
横浜市 三ツ沢下町
2%
横浜市 三ツ沢上町
2%
湖南市 三雲
2%
高浜市 三河高浜
2%
蒲郡市 三河鹿島
2%
西尾市 三河鳥羽
2%
豊田市 三河八橋
2%
豊田市 三河豊田
2%
各務原市 三柿野
2%
みよし市 三好ヶ丘
2%
堺市 三国ケ丘
2%
長野市 三才
2%
宇治市 三室戸
2%
鶴岡市 三瀬
2%
大台町 三瀬谷
2%
三田市 三田本町
2%
三島市 三島広小路
2%
三島市 三島二日町
2%
浜田市 三保三隅
2%
若狭町 三方
2%
太田市 三枚橋
2%
新宮市 三輪崎
2%
一関市 山ノ目
2%
八雲町 山越
2%
城陽市 山城青谷
2%
井手町 山城多賀
2%
精華町 山田川
2%
明石市 山陽魚住
2%
秋田市 四ツ小屋
2%
京都市 四宮
2%
山口市 四辻
2%
市川三郷町 市川大門
2%
延岡市 市棚
2%
いちき串木野市 市来
2%
八尾市 志紀
2%
岩見沢市 志文
2%
志摩市 志摩横山
2%
志摩市 志摩神明
2%
北九州市 枝光
2%
小清水町 止別
2%
甲賀市 紫香楽宮跡
2%
甲賀市 寺庄
2%
長岡市 寺泊
2%
太田市 治良門橋
2%
橿原市 耳成
2%
名古屋市 自由ヶ丘
2%
鹿児島市 鹿児島中央駅前
2%
笠間市 宍戸
2%
堺市 七道
2%
鎌倉市 七里ヶ浜
2%
習志野市 実籾
2%
篠栗町 篠栗
2%
札幌市 篠路
2%
豊中市 柴原阪大前
2%
香美町 柴山
2%
港区 芝浦ふ頭
2%
白老町 社台
2%
葛城市 尺土
2%
四万十町 若井
2%
おおい町 若狭本郷
2%
高浜町 若狭和田
2%
名古屋市 守山自衛隊前
2%
栗東市 手原
2%
姫路市 手柄
2%
平内町 狩場沢
2%
八戸市 種差海岸
2%
洋野町 種市
2%
西宮市 洲先
2%
大阪市 住吉東
2%
南木曽町 十二兼
2%
豊頃町 十弗
2%
盛岡市 渋民
2%
知立市 重原
2%
奥出雲町 出雲横田
2%
出雲市 出雲神西
2%
大阪市 出戸
2%
名古屋市 春田
2%
春日市 春日原
2%
岸和田市 春木
2%
小山町 駿河小山
2%
山形市 楯山
2%
堺市 初芝
2%
流山市 初石
2%
鎌ケ谷市 初富
2%
松本市 | 高山市
2%
白糠町 庶路
2%
新温泉町 諸寄
2%
遊佐町 女鹿
2%
大野市 勝原
2%
刈谷市 小垣江
2%
滝沢市 小岩井
2%
香取市 小見川
2%
日光市 小佐越
2%
船橋市 小室
2%
北九州市 小森江
2%
新潟市 小針
2%
大泉町 | 富山市 小泉町
2%
深谷市 小前田
2%
共和町 小沢
2%
名古屋市 小田井
2%
名古屋市 小幡
2%
小布施町 小布施
2%
平内町 小湊
2%
渋川市 小野上
2%
渋川市 小野上温泉
2%
小野市 小野町
2%
白山市 | 青森市 小柳
2%
大阪市 小路
2%
那覇市 小禄
2%
名古屋市 庄内通
2%
名古屋市 庄内緑地公園
2%
京都市 | 松阪市 松ヶ崎
2%
松浦市 松浦発電所前
2%
大阪市 松屋町
2%
宇城市 松橋
2%
松山市 松山駅前
2%
松戸市 松飛台
2%
藤沢市 湘南江の島
2%
にかほ市 象潟
2%
芦別市 上芦別
2%
横浜市 上永谷
2%
南魚沼市 上越国際スキー場前
2%
西尾市 上横須賀
2%
上越市 上下浜
2%
豊田市 上挙母
2%
佐用町 上月
2%
日光市 上三依塩原温泉口
2%
山口市 上山口
2%
大子町 上小川
2%
福知山市 上川口
2%
君津市 上総松丘
2%
神戸市 上沢
2%
長瀞町 上長瀞
2%
京都市 上鳥羽口
2%
浜松市 上島
2%
厚岸町 上尾幌
2%
盛岡市 上米内
2%
東北町 上北町
2%
松戸市 上本郷
2%
富山市 上本町
2%
福知山市 上夜久野
2%
伊賀市 上野市
2%
下呂市 上呂
2%
伊東市 城ヶ崎海岸
2%
松戸市 常盤平
2%
那珂市 常陸鴻巣
2%
ひたちなか市 常陸津田
2%
名古屋市 浄心
2%
豊田市 浄水
2%
山陽小野田市 埴生
2%
阿久比町 植大
2%
苫小牧市 植苗
2%
熊本市 植木
2%
甲賀市 信楽
2%
八尾市 信貴山口
2%
松川村 信濃松川
2%
辰野町 信濃川島
2%
前橋市 | 秋田市 新屋
2%
泉南市 新家
2%
香美市 新改
2%
浦幌町 新吉野
2%
魚津市 新魚津
2%
大阪市 新今宮駅前
2%
神戸市 新在家
2%
守谷市 新守谷
2%
大阪市 新深江
2%
熊本市 新水前寺
2%
函館市 | 碧南市 新川町
2%
新宿区 新線新宿
2%
大洲市 新谷
2%
行橋市 新田原
2%
飯塚市 新飯塚
2%
弘前市 | 桐生市 新里
2%
松本市 森口
2%
稲沢市 森上
2%
岬町 深日港
2%
岬町 深日町
2%
名古屋市 神沢
2%
神戸市 神鉄道場
2%
神戸市 神鉄六甲
2%
大阪市 針中野
2%
明石市 人丸前
2%
人吉市 人吉温泉
2%
四万十町 | 高根沢町 仁井田
2%
山口市 仁保
2%
姫路市 仁豊野
2%
西条市 壬生川
2%
あま市 甚目寺
2%
北九州市 陣原
2%
豊川市 諏訪町
2%
神戸市 須磨寺
2%
盛岡市 厨川
2%
水巻町 水巻
2%
香取市 水郷
2%
甲賀市 水口松尾
2%
甲賀市 水口石橋
2%
坂町 水尻
2%
熊本市 水前寺公園
2%
本巣市 水鳥
2%
大阪市 瑞光四丁目
2%
名古屋市 瑞穂区役所
2%
熊本市 崇城大学前
2%
飛騨市 杉原
2%
豊橋市 杉山
2%
瀬戸市 瀬戸口
2%
府中市 是政
2%
総社市 清音
2%
一関市 清水原
2%
平内町 清水川
2%
松山市 清水町
2%
宮崎市 清武
2%
生駒市 生駒山上
2%
日南町 生山
2%
黒部市 生地
2%
麻績村 聖高原
2%
南九州市 西頴娃
2%
燕市 西燕
2%
可児市 西可児
2%
桐生市 西桐生
2%
熊本市 西熊本
2%
広島市 | 阿南市 西原
2%
福岡市 西戸崎
2%
御坊市 西御坊
2%
旭川市 西御料
2%
明石市 西江井ヶ島
2%
鯖江市 西鯖江
2%
白糠町 西庶路
2%
白山市 西松任
2%
新発田市 西新発田
2%
旭川市 西神楽
2%
神戸市 西神南
2%
庄内町 西袋
2%
坂戸市 西大家
2%
大洲市 西大洲
2%
大分市 西大分
2%
京都市 西大路御池
2%
大阪市 西天下茶屋
2%
千葉市 西登戸
2%
都城市 西都城
2%
いなべ市 西藤原
2%
敦賀市 西敦賀
2%
明石市 西二見
2%
西尾市 西幡豆
2%
所沢市 西武園ゆうえんち
2%
西東京市 西武柳沢
2%
神戸市 西舞子
2%
平内町 西平内
2%
神戸市 西鈴蘭台
2%
根室市 西和田
2%
津和野町 青原
2%
津島市 青塚
2%
小平市 青梅街道
2%
富津市 青堀
2%
仙台市 青葉山
2%
神戸市 石屋川
2%
南九州市 石垣
2%
石巻市 石巻あゆみ野
2%
大津市 石山寺
2%
丹波市 石生
2%
大田区 石川台
2%
森町 石倉
2%
宇城市 石打ダム
2%
花巻市 石鳥谷
2%
堺市 | 海津市 石津
2%
湖南市 石部
2%
琴浦町 赤碕
2%
むつ市 赤川
2%
荒川区 赤土小学校前
2%
岐阜市 切通
2%
小谷村 千国
2%
大阪市 千船
2%
亀岡市 千代川
2%
大阪市 千鳥橋
2%
大田区 千鳥町
2%
川根本町 千頭
2%
たつの市 千本
2%
川越町 川越富洲原
2%
毛呂山町 川角
2%
野田市 川間
2%
岡谷市 川岸
2%
津市 川合高岡
2%
日光市 川治温泉
2%
日光市 川治湯元
2%
熊本市 川尻
2%
名古屋市 | 相良村 川村
2%
吉野川市 川田
2%
伊万里市 | 須賀川市 川東
2%
秋田市 泉外旭川
2%
新庄市 泉田
2%
名古屋市 浅間町
2%
海陽町 浅川
2%
田村市 船引
2%
豊橋市 船町
2%
奥州市 前沢
2%
石巻市 前谷地
2%
長野市 善光寺下
2%
渋川市 祖母島
2%
旭市 倉橋
2%
安平町 早来
2%
滝沢市 巣子
2%
神戸市 総合運動公園
2%
出雲市 荘原
2%
柏市 増尾
2%
福井市 足羽
2%
足立区 足立小台
2%
富山市 速星
2%
北上市 村崎野
2%
館林市 多々良
2%
多賀町 多賀大社前
2%
多気町 多気
2%
多久市 多久
2%
岬町 多奈川
2%
太良町 多良
2%
鴨川市 太海
2%
太地町 太地
2%
当別町 太美
2%
札幌市 太平
2%
奈良市 帯解
2%
嬬恋村 袋倉
2%
いなべ市 大安
2%
姫路市 大塩
2%
新城市 大海
2%
富津市 大貫
2%
みどり市 大間々
2%
坂井市 大関
2%
豊浦町 大岸
2%
岩美町 大岩
2%
新潟市 大形
2%
岡山市 大元
2%
大山町 大山口
2%
久留米市 大城
2%
千葉市 大森台
2%
船橋市 大神宮下
2%
大豊町 大杉
2%
今治市 大西
2%
会津若松市 大川ダム公園
2%
日光市 大谷向
2%
上越市 大池いこいの森
2%
大津市 大津市役所前
2%
宇和島市 大内
2%
魚沼市 大白川
2%
人吉市 大畑
2%
桜井市 大福
2%
大分市 大分大学前
2%
有田町 大木
2%
秩父市 大野原
2%
浜松市 大嵐
2%
吉野町 大和上市
2%
葛城市 大和新庄
2%
堺市 大和川
2%
京都市 | 横手市 醍醐
2%
小平市 鷹の台
2%
神戸市 滝の茶屋
2%
富田林市 | 柳津町 滝谷
2%
船橋市 滝不動
2%
加東市 滝野
2%
知多市 巽ヶ丘
2%
山北町 谷峨
2%
上越市 谷浜
2%
本巣市 樽見
2%
東かがわ市 丹生
2%
神川町 丹荘
2%
丹波市 丹波竹田
2%
岬町 淡輪
2%
北見市 端野
2%
八代市
2%
佐倉市 地区センター
2%
名寄市 智北
2%
鳥羽市 池の浦
2%
鳴門市 池谷
2%
名古屋市 築地口
2%
富津市 竹岡
2%
福岡市 竹下
2%
港区 竹芝
2%
豊田市 竹村
2%
小川町 竹沢
2%
豊岡市 竹野
2%
大阪市 中ふ頭
2%
愛別町 中愛別
2%
岡崎市 中岡崎
2%
軽井沢町 中軽井沢
2%
真庭市 中国勝山
2%
佐世保市 中佐世保
2%
日光市 中三依温泉
2%
斜里町 中斜里
2%
津幡町 中津幡
2%
札幌市 中島公園
2%
鳥羽市 中之郷
2%
横浜市 仲町台
2%
忠岡町 忠岡
2%
猪苗代町 猪苗代湖畔
2%
箱根町 彫刻の森
2%
伊勢市 朝熊
2%
小樽市 朝里
2%
豊川市 長山
2%
新城市 長篠城
2%
鹿嶋市 長者ヶ浜潮騒はまなす公園前
2%
いすみ市 長者町
2%
長泉町 長泉なめり
2%
瀬戸内市 長船
2%
泉佐野市 長滝
2%
桜井市 長谷寺
2%
千歳市 長都
2%
八戸市 長苗代
2%
下関市 長府
2%
天理市 長柄
2%
山陽小野田市 長門本山
2%
伊達市 長和
2%
新城市 鳥居
2%
五所川原市 津軽五所川原
2%
中泊町 津軽中里
2%
津南町 津南
2%
岩国市 通津
2%
白浜町 椿
2%
三好市 坪尻
2%
大和市 鶴間
2%
市川町 鶴居
2%
大分市 鶴崎
2%
名古屋市 鶴里
2%
大阪市 帝塚山
2%
福島市 庭坂
2%
平川市 碇ケ関
2%
飯田市
2%
呉市 天応
2%
大阪市 天王寺駅前
2%
河内長野市 天見
2%
宇佐市 天津
2%
天童市 天童南
2%
田舎館村 田んぼアート
2%
宮崎市 田吉
2%
小牧市 田県神社前
2%
串本町 田子
2%
田舎館村 田舎館
2%
佐野市 田沼
2%
岐阜市 田神
2%
神戸市 田尾寺
2%
泰阜村 田本
2%
田野畑村 田野畑
2%
南木曽町 田立
2%
宮古市 田老
2%
魚津市 電鉄魚津
2%
黒部市 電鉄黒部
2%
二戸市 斗米
2%
森町 渡島沼尻
2%
北斗市 渡島当別
2%
豊島区 都電雑司ヶ谷
2%
都農町 都農
2%
姫路市 砥堀
2%
千葉市 土気
2%
高知市 土佐一宮
2%
黒潮町 土佐佐賀
2%
島原市 島原港
2%
恵庭市 島松
2%
津市 東一身田
2%
東員町 東員
2%
東栄町 東栄
2%
袖ケ浦市 東横田
2%
中央市 東花輪
2%
貝塚市 東貝塚
2%
さいたま市 東岩槻
2%
江東区 東京国際クルーズターミナル
2%
宗像市 東郷
2%
結城市 東結城
2%
泉佐野市 東佐野
2%
札幌市 東札幌
2%
大泉町 東小泉
2%
松阪市 東松阪
2%
庄原市 東城
2%
新潟市 東新津
2%
水戸市 東水戸
2%
北見市 東相内
2%
大垣市 東大垣
2%
東大和市 東大和市
2%
滝川市 東滝川
2%
豊島区 東池袋四丁目
2%
津山市 東津山
2%
明石市 東二見
2%
西尾市 東幡豆
2%
福岡市 東比恵
2%
栃木市 東武金崎
2%
小川町 東武竹沢
2%
足利市 東武和泉
2%
西東京市 東伏見
2%
名古屋市 東別院
2%
別府市 東別府
2%
仙台市 東北福祉大前
2%
西宮市 東鳴尾
2%
川崎市 東門前
2%
東松島市 東矢本
2%
津市 桃園
2%
京都市 桃山南口
2%
函館市 湯の川温泉
2%
諫早市 湯江
2%
新城市 湯谷温泉
2%
葛城市 当麻寺
2%
明石市 藤江
2%
枚方市 藤阪
2%
神戸市 道場南口
2%
七尾市 | 鈴鹿市 徳田
2%
南部町 苫米地
2%
阿武町 奈古
2%
各務原市 那加
2%
黒部市 内山
2%
新潟市 内野
2%
三田市 南ウッディタウン
2%
安城市 南安城
2%
伊東市 南伊東
2%
宇都宮市 南宇都宮
2%
羽生市 南羽生
2%
延岡市 南延岡
2%
神戸市 南魚崎
2%
熊本市 南熊本
2%
大阪市 南港口
2%
大阪市 南港東
2%
上越市 南高田
2%
南房総市 南三原
2%
四日市市 南四日市
2%
鹿児島市 南鹿児島
2%
北九州市 南小倉
2%
新庄市 南新庄
2%
生駒市 南生駒
2%
摂津市 南摂津
2%
大町市 南大町
2%
富山市 南富山駅前
2%
福岡市 南福岡
2%
四日市市
2%
天理市 二階堂
2%
伊勢市 二見浦
2%
香芝市 二上山
2%
葛城市 二上神社口
2%
上越市 二本木
2%
神戸市 二郎
2%
船橋市 二和向台
2%
奈良市 尼ヶ辻
2%
廿日市市 廿日市市役所前(平良)
2%
紫波町 日詰
2%
津和野町 日原
2%
塩尻市 日出塩
2%
知多市 日長
2%
可児市 日本ライン今渡
2%
四條畷市 忍ケ丘
2%
名古屋市 熱田神宮伝馬町
2%
黒松内町 熱郛
2%
糸魚川市 能生
2%
穴水町 能登鹿島
2%
能美市 能美根上
2%
たつの市 播磨新宮
2%
播磨町 播磨町
2%
五泉市 馬下
2%
船橋市 馬込沢
2%
福岡市 馬出九大病院前
2%
登米市 梅ケ沢
2%
野田市 梅郷
2%
豊田市 梅坪
2%
広島市 | 福岡市 梅林
2%
堺市 萩原天神
2%
白老町 萩野
2%
米子市 博労町
2%
柏原市 柏原南口
2%
安曇野市 柏矢町
2%
北見市 柏陽
2%
堺市 白鷺
2%
府中市 白糸台
2%
函館市 函館どつく前
2%
小田原市 箱根板橋
2%
福岡市 箱崎
2%
阪南市 箱作
2%
仙台市 八乙女
2%
琴浦町 八橋
2%
横浜市 八景島
2%
東村山市 | 郡上市 八坂
2%
京都市 八瀬比叡山口
2%
長生村 八積
2%
奥出雲町 八川
2%
豊田市 八草
2%
春日部市 八木崎
2%
寄居町 鉢形
2%
半田市 半田口
2%
鹿沼市 板荷
2%
米沢市 板谷
2%
福島市 飯坂温泉
2%
白馬村 飯森
2%
匝瑳市 飯倉
2%
石川町 磐城石川
2%
南相馬市 磐城太田
2%
棚倉町 磐城棚倉
2%
北見市 緋牛内
2%
鹿島市 肥前鹿島
2%
岡山市 備前西市
2%
岡山市 備中高松
2%
高梁市 備中川面
2%
岡山市 備中箕島
2%
阪南市 尾崎
2%
瀬戸市 尾張瀬戸
2%
清須市 尾張星の宮
2%
厚岸町 尾幌
2%
河内長野市 美加の台
2%
総社市 美袋
2%
名取市 美田園
2%
郡上市 美濃白鳥
2%
糸魚川市 姫川
2%
札幌市 百合が原
2%
松島町 品井沼
2%
犬山市 富岡前
2%
蟹江町 富吉
2%
米子市 | 鎌倉市 富士見町
2%
桐生市 富士山下
2%
小田原市 富水
2%
仙台市 富沢
2%
四日市市 富田浜
2%
富田林市 富田林西口
2%
高石市 富木
2%
伊達市 富野
2%
村上市 府屋
2%
渋川市 敷島
2%
近江八幡市 | 釧路市 武佐
2%
毛呂山町 武州長瀬
2%
立川市 武蔵砂川
2%
東村山市 武蔵大和
2%
入間市 武蔵藤沢
2%
横浜市 舞岡
2%
福井市 福井駅
2%
笠間市 福原
2%
福岡市 福工大前
2%
大淀町 福神
2%
福井市 福大前西福井
2%
仙台市 福田町
2%
鳥取市 福部
2%
入間市 仏子
2%
燕市 分水
2%
紀の川市 粉河
2%
糸魚川市 平岩
2%
平群町 平群
2%
小諸市 平原
2%
豊田市 平戸橋
2%
鈴鹿市 平田町
2%
洋野町 平内
2%
亀岡市 並河
2%
柏崎市 米山
2%
日進市 米野木
2%
安城市 碧海古井
2%
上田市 別所温泉
2%
横浜市 片倉町
2%
美唄市 峰延
2%
芳賀町 芳賀・高根沢工業団地
2%
蓬田村 蓬田
2%
大津市 蓬莱
2%
玖珠町 豊後森
2%
竹田市 豊後竹田
2%
春日部市 豊春
2%
砂川市 豊沼
2%
江別市 豊幌
2%
神戸市 貿易センター
2%
安城市 北安城
2%
五條市 北宇智
2%
宇和島市 北宇和島
2%
岡崎市 北岡崎
2%
日南市 北郷
2%
熊本市 北熊本
2%
市川市 北国分
2%
三条市 北三条
2%
仙台市 北四番丁
2%
鎌ケ谷市 北初富
2%
大津市 北小松
2%
加西市 北条町
2%
妙高市 北新井
2%
碧南市 北新川
2%
大町市 北大町
2%
長岡市 北長岡
2%
金沢市 北鉄金沢
2%
大阪市 北田辺
2%
郡上市 北濃
2%
京都市 北野白梅町
2%
箕面市 牧落
2%
安城市 堀内公園
2%
岩見沢市 幌向
2%
藤沢市 本鵠沼
2%
西脇市 本黒田
2%
北九州市 本城
2%
あわら市 本荘
2%
銚子市 本銚子
2%
新城市 本長篠
2%
津幡町 本津幡
2%
茂原市 本納
2%
たつの市 本竜野
2%
室蘭市 本輪西
2%
諫早市 本諫早
2%
東大阪市 枚岡
2%
網走市 鱒浦
2%
福山市 万能倉
2%
名古屋市 味鋺
2%
神戸市 湊川公園
2%
名古屋市 妙音通
2%
豊能町 妙見口
2%
神戸市 | 長岡市 妙法寺
2%
牟岐町 牟岐
2%
名古屋市 名古屋大学
2%
上越市 名立
2%
ときがわ町 明覚
2%
日光市 明神
2%
明和町 明星
2%
小松市 明峰
2%
大崎市 鳴子御殿湯
2%
名古屋市 鳴子北
2%
新宿区 面影橋
2%
赤平市 茂尻
2%
北斗市 茂辺地
2%
館林市 茂林寺前
2%
京丹後市 網野
2%
太田市 木崎
2%
塩尻市 木曽平沢
2%
つがる市 木造
2%
蘭越町 目名
2%
幌延町 問寒別
2%
島田市 門出
2%
厚岸町 門静
2%
門川町 門川
2%
足利市 野州山辺
2%
長瀞町 野上
2%
大桑村 野尻
2%
八雲町 野田生
2%
青森市 野内
2%
東松島市 野蒜
2%
名古屋市 野並
2%
姫路市 野里
2%
横浜市 弥生台
2%
山口市 矢原
2%
名古屋市 矢場町
2%
松戸市 矢切
2%
東吾妻町 矢倉
2%
青森市 矢田前
2%
加古川市 厄神
2%
大淀町 薬水
2%
北上市 | 松山市 | 長野市 柳原
2%
横手市 柳田
2%
青森市 油川
2%
一関市 油島
2%
苫小牧市 勇払
2%
上越市 有間川
2%
栗原市 有壁
2%
涌谷町 涌谷
2%
幌延町 雄信内
2%
姫路市 余部
2%
与謝野町 与謝野
2%
寄居町 用土
2%
長岡市 来迎寺
2%
八雲町 落部
2%
京都市 嵐電嵯峨
2%
小樽市 蘭島
2%
池田町 利別
2%
八戸市 陸奥市川
2%
八戸市 陸奥湊
2%
仙台市 陸前高砂
2%
石巻市 陸前山下
2%
東松島市 陸前小野
2%
東松島市 陸前赤井
2%
美里町 陸前谷地
2%
利府町 陸前浜田
2%
仙台市 陸前落合
2%
宮古市 陸中川井
2%
釜石市 陸中大橋
2%
洋野町 陸中八木
2%
野田村 陸中野田
2%
横浜市 立場
2%
立川市 立飛
2%
太田市 竜舞
2%
日光市 龍王峡
2%
小田原市 緑町
2%
藤崎町 林崎
2%
行橋市 令和コスタ行橋
2%
鈴鹿市 鈴鹿サーキット稲生
2%
神戸市 鈴蘭台西口
2%
国分寺市 恋ヶ窪
2%
下田市 蓮台寺
2%
青森市 浪岡
2%
いすみ市 浪花
2%
金ケ崎町 六原
2%
和歌山市 六十谷
2%
仙台市 六丁の目
2%
大淀町 六田
2%
名古屋市 六番町
2%
福岡市 六本松
2%
岸和田市 和泉大宮
2%
京丹波町 和知
2%
南房総市 和田浦
2%
秩父市 和銅黒谷
2%
福井市 鷲塚針原
2%
三豊市 詫間
2%
高取町 壺阪山
2%
鹿沼市 楡木
2%
鹿沼市 樅山
2%
天理市 櫟本
2%
黒部市 欅平
2%
和歌山市 竈山
2%
大町市 簗場
2%
木祖村 藪原
2%
太田市 藪塚
2%
塩尻市 贄川
2%
日南市 飫肥
2%
深浦町 驫木
2%
富山市 トヨタモビリティ富山 Gスクエア五福前
2%
会津若松市 あまや
1%
阿蘇市 いこいの村
1%
佐世保市 いのつき
1%
えびの市 えびの上江
1%
えびの市 えびの飯野
1%
宇都宮市 グリーンスタジアム前
1%
浜松市 さぎの宮
1%
鯖江市 サンドーム西
1%
佐世保市 すえたちばな
1%
千葉市 スポーツセンター
1%
越前市 スポーツ公園
1%
関市 せきてらす前
1%
芦北町 たのうら御立岬公園
1%
高知市 デンテツターミナルビル前
1%
香南市 のいち
1%
涌谷町 のの岳
1%
福井市 ハーモニーホール
1%
長久手市 はなみずき通
1%
筑西市 ひぐち
1%
彦根市 ひこね芹川
1%
川根本町 ひらんだ
1%
熊谷市 ひろせ野鳥の森
1%
深谷市 ふかや花園
1%
浜松市 フルーツパーク
1%
下郷町 ふるさと公園
1%
福井市 ベル前
1%
福井市 まつもと町屋
1%
千葉市 みつわ台
1%
神戸市 みなとじま
1%
郡上市 みなみ子宝温泉
1%
長崎市 めがね橋
1%
伊達市 やながわ希望の森公園前
1%
宇都宮市 ゆいの杜西
1%
宇都宮市 ゆいの杜中央
1%
宇都宮市 ゆいの杜東
1%
西和賀町 ゆだ高原
1%
取手市 ゆめみ野
1%
札幌市 ロープウェイ入口
1%
いなべ市 阿下喜
1%
北秋田市 阿仁合
1%
北秋田市 阿仁前田温泉
1%
下関市 阿川
1%
南阿蘇村 阿蘇下田城
1%
御浜町 阿田和
1%
阿南市 阿波橘
1%
吉野川市 阿波山川
1%
三好市 阿波川口
1%
吉野川市 阿波川島
1%
つるぎ町 阿波半田
1%
徳島市 阿波富田
1%
中津川市 阿木
1%
豊田市 愛環梅坪
1%
東温市 愛大医学部南口
1%
愛荘町 愛知川
1%
豊橋市 愛知大学前
1%
仙台市 愛宕橋
1%
黒部市 愛本
1%
仙台市 | 高岡市 旭ヶ丘
1%
会津若松市 芦ノ牧温泉
1%
会津若松市 芦ノ牧温泉南
1%
市川三郷町 芦川
1%
堺市 綾ノ町
1%
下関市 綾羅木
1%
大船渡市 綾里
1%
徳島市 鮎喰
1%
内灘町 粟ヶ崎
1%
松山市 粟井
1%
富山市 粟島(大阪屋ショップ前)
1%
敦賀市 粟野
1%
呉市 安浦
1%
三原市 安芸幸崎
1%
呉市 安芸川尻
1%
東広島市 安芸津
1%
広島市 安芸矢口
1%
郡山市 安子ケ島
1%
京丹波町 安栖里
1%
広島市 安東
1%
安曇野市 安曇追分
1%
八幡平市 安比高原
1%
久留米市 安武
1%
北九州市 安部山公園
1%
那覇市 安里
1%
大阪市 安立町
1%
佐賀市 伊賀屋
1%
小国町 伊佐領
1%
日置市 伊集院
1%
四日市市 伊勢松本
1%
津市 伊勢石橋
1%
宇治市 伊勢田
1%
神戸市 伊川谷
1%
函南町 伊豆仁田
1%
東伊豆町 伊豆大川
1%
伊奈町 伊奈中央
1%
天龍村 伊那小沢
1%
箕輪町 伊那松島
1%
伊那市 伊那北
1%
日南市 伊比井
1%
備前市 伊部
1%
高砂市 伊保
1%
いの町 伊野駅前
1%
松前町 伊予横田
1%
今治市 伊予亀岡
1%
宇和島市 伊予宮野下
1%
西条市 伊予三芳
1%
大洲市 伊予出石
1%
西条市 伊予小松
1%
西予市 伊予石城
1%
伊予市 伊予大平
1%
伊予市 伊予中山
1%
大洲市 伊予長浜
1%
四国中央市 伊予土居
1%
大洲市 伊予白滝
1%
西条市 伊予氷見
1%
今治市 伊予富田
1%
大洲市 伊予平野
1%
内子町 伊予立川
1%
松山市 伊予和気
1%
備前市 伊里
1%
伊賀市 依那古
1%
神戸市 医療センター
1%
津市 井関
1%
泉佐野市 井原里
1%
小田原市 井細田
1%
南部町 井出
1%
新見市 井倉
1%
亀山市 井田川
1%
和歌山市 磯ノ浦
1%
ひたちなか市 磯崎
1%
鈴鹿市 磯山
1%
標茶町 磯分内
1%
津市 一志
1%
福井市 一乗谷
1%
安曇野市 一日市場
1%
下田市 稲梓
1%
富士宮市 稲子
1%
鎌倉市 稲村ヶ崎
1%
大町市 稲尾
1%
柏崎市 茨目
1%
鳥取市 因幡社
1%
八頭町 因幡船岡
1%
東かがわ市 引田
1%
津山市 院庄
1%
那智勝浦町 宇久井
1%
鹿児島市 宇宿
1%
宇都宮市 宇都宮大学陽東キャンパス
1%
豊前市 宇島
1%
宇部市 宇部岬
1%
かほく市 宇野気
1%
茨木市 宇野辺
1%
まんのう町 羽間
1%
由利本荘市 羽後亀田
1%
秋田市 羽後牛島
1%
大仙市 羽後境
1%
仙北市 羽後長戸呂
1%
潟上市 羽後飯塚
1%
長野原町 羽根尾
1%
中山町 羽前金沢
1%
山辺町 羽前山辺
1%
川西町 羽前小松
1%
小国町 羽前沼沢
1%
鶴岡市 羽前水沢
1%
長井市 羽前成田
1%
新庄市 羽前前波
1%
鶴岡市 羽前大山
1%
上山市 羽前中山
1%
鮭川村 羽前豊里
1%
西予市 卯之町
1%
府中市 鵜飼
1%
釜石市 鵜住居
1%
喜多方市 姥堂
1%
秩父市 浦山口
1%
女川町 浦宿
1%
倉敷市 | 飯塚市 浦田
1%
浜松市 曳馬
1%
豊田市 永覚
1%
武雄市 永尾
1%
南九州市 頴娃大川
1%
福山市 駅家
1%
豊橋市 駅前大通
1%
宇都宮市 駅東公園前
1%
射水市 越ノ潟
1%
豊田市 越戸
1%
長岡市 越後岩塚
1%
関川村 越後金丸
1%
魚沼市 越後広瀬
1%
柏崎市 越後広田
1%
津南町 越後鹿渡
1%
魚沼市 越後須原
1%
十日町市 越後水沢
1%
村上市 越後早川
1%
関川村 越後大島
1%
長岡市 越後滝谷
1%
津南町 越後田中
1%
関川村 越後片貝
1%
魚沼市 越後堀之内
1%
大野市 越前下山
1%
福井市 越前高田
1%
福井市 越前新保
1%
福井市 越前大宮
1%
永平寺町 越前竹原
1%
大野市 越前田野
1%
福井市 越前島橋
1%
福井市 越前東郷
1%
大野市 越前富田
1%
永平寺町 越前野中
1%
福井市 越前薬師
1%
富山市 越中荏原
1%
高岡市 越中国分
1%
富山市 越中三郷
1%
立山町 越中泉
1%
高岡市 越中中川
1%
滑川市 越中中村
1%
富山市 越中中島
1%
大淀町 越部
1%
琴平町 榎井
1%
日南市 榎原
1%
高知市 円行寺口
1%
高松市 円座
1%
札幌市 円山公園
1%
森町 円田
1%
中野市 延徳
1%
五泉市 猿和田
1%
広島市 猿猴橋町
1%
浜松市 遠州岩水寺
1%
浜松市 遠州小松
1%
浜松市 遠州小林
1%
浜松市 遠州病院
1%
安平町 遠浅
1%
上田市 塩田町
1%
一宮市 奥町
1%
那覇市 奥武山公園
1%
神戸市 押部谷
1%
東温市 横河原
1%
立山町 横江
1%
広島市 横川駅
1%
北上市 横川目
1%
福山市 横尾
1%
湯沢市 横堀
1%
猪苗代町 翁島
1%
和歌山市 岡崎前
1%
岡山市 岡山駅前
1%
浜松市 岡地
1%
泉南市 岡田浦
1%
黒部市 荻生
1%
新潟市 荻川
1%
高岡市 荻布
1%
千曲市 屋代高校前
1%
小諸市 乙女
1%
仙台市 | 福島市 卸町
1%
八尾市 恩智
1%
泰阜村 温田
1%
黒部市 音沢
1%
臼杵市 下ノ江
1%
田川市 下伊田
1%
西予市 下宇和
1%
石井町 下浦
1%
筑西市 下館二高前
1%
富士吉田市 下吉田
1%
君津市 下郡
1%
九度山町 下古沢
1%
下妻市 下妻
1%
飯田市 下山村
1%
福岡市 下山門
1%
永平寺町 下志比
1%
常陸大宮市 下小川
1%
十日町市 下条
1%
桐生市 下新田
1%
小田原市 下曽我
1%
北九州市 下曽根
1%
大野城市 下大利
1%
丹波市 下滝
1%
長泉町 下土狩
1%
多賀城市 下馬
1%
秋田市 下浜
1%
浜田市 下府
1%
坂井市 下兵庫こうふく
1%
北栄町 下北条
1%
川辺町 下麻生
1%
大子町 下野宮
1%
那智勝浦町 下里
1%
黒部市 下立
1%
黒部市 下立口
1%
三次市 下和知
1%
姶良市 加治木
1%
南阿蘇村 加勢
1%
小浜市 加斗
1%
海南市 加茂郷
1%
雲南市 加茂中
1%
五所川原市 嘉瀬
1%
霧島市 嘉例川
1%
小野町 夏井
1%
越前市 家久
1%
津市 家城
1%
四万十町 家地川
1%
栃木市 家中
1%
広島市 家庭裁判所前
1%
広島市 河戸帆待川
1%
小野市 河合西
1%
米子市 河崎口
1%
上郡町 河野原円心
1%
都留市 禾生
1%
宮古市 花原市
1%
堺市 花田口
1%
久留米市 花畑
1%
金沢市 蚊爪
1%
福岡市 賀茂
1%
金山町 会津越川
1%
只見町 会津塩沢
1%
金山町 会津横田
1%
只見町 会津蒲生
1%
三島町 会津宮下
1%
会津美里町 会津高田
1%
会津坂下町 会津坂本
1%
南会津町 会津山村道場
1%
金山町 会津水沼
1%
三島町 会津西方
1%
金山町 会津大塩
1%
金山町 会津中川
1%
南会津町 会津長野
1%
三島町 会津桧原
1%
喜多方市 会津豊川
1%
会津若松市 会津本郷
1%
横浜市 海の公園柴口
1%
横浜市 海の公園南口
1%
福岡市 海ノ中道
1%
射水市 海王丸
1%
多度津町 海岸寺
1%
佐伯市 海崎
1%
四日市市 海山道
1%
皆野町 皆野
1%
一宮市 開明
1%
多気町 外城田
1%
各務原市 各務ケ原
1%
洋野町 角の浜
1%
久留米市 学校前
1%
御坊市 学門
1%
富士市 岳南原田
1%
富士市 岳南富士岡
1%
広島市 楽々園
1%
犬山市 楽田
1%
森町 掛澗
1%
七尾市 笠師保
1%
柏崎市 笠島
1%
田原本町 笠縫
1%
下関市 梶栗郷台地
1%
北区 梶原
1%
上越市 潟町
1%
金沢市 割出
1%
仙台市 葛岡
1%
木古内町 釜谷
1%
吉野川市 鴨島
1%
高知市 鴨部
1%
標茶町 茅沼
1%
北秋田市 萱草
1%
大仙市 刈和野
1%
一宮市 苅安賀
1%
諫早市 干拓の里
1%
札幌市 環状通東
1%
市川町 甘地
1%
紀の川市 甘露寺前
1%
広島市 | 永平寺町 観音町
1%
村上市 間島
1%
春日井市 間内
1%
静岡市 閑蔵
1%
関市 関市役所前
1%
猪苗代町 関都
1%
熊本市 韓々坂
1%
平川市 館田
1%
桐生市 丸山下
1%
稲沢市 丸渕
1%
横浜市 岸根公園
1%
伯耆町 岸本
1%
湯沢町 岩原スキー場前
1%
新見市 岩山
1%
新潟市 岩室
1%
山田町 岩手船越
1%
由利本荘市 岩城みなと
1%
富山市 岩瀬浜
1%
村上市 岩船町
1%
恵那市 岩村
1%
宮津市 岩滝口
1%
東吾妻町 岩島
1%
諫早市 喜々津
1%
大洲市 喜多灘
1%
宇部市 岐波
1%
若狭町 気山
1%
伊達市 稀府
1%
紀宝町 紀伊井田
1%
那智勝浦町 紀伊浦神
1%
有田市 紀伊宮原
1%
新宮市 紀伊佐野
1%
橋本市 紀伊山田
1%
和歌山市 紀伊小倉
1%
橋本市 紀伊清水
1%
那智勝浦町 紀伊天満
1%
串本町 紀伊田原
1%
白浜町 紀伊富田
1%
橋本市 紀見峠
1%
京都市 貴船口
1%
豊島区 鬼子母神前
1%
高松市 鬼無
1%
半田市 亀崎
1%
那覇市 儀保
1%
弘前市 義塾高校前
1%
今治市 菊間
1%
札幌市 菊水
1%
佐世保市 | 高崎市 吉井
1%
呉市 吉浦
1%
田尻町 吉見ノ里
1%
富士市 吉原本町
1%
三次市 吉舎
1%
湧水町 吉松
1%
佐野市 吉水
1%
安芸高田市 吉田口
1%
倉敷市 吉備真備
1%
岡山市 吉備津
1%
吉野ヶ里町 吉野ケ里公園
1%
松野町 吉野生
1%
横浜市 吉野町
1%
和歌山市 吉礼
1%
早島町 久々原
1%
高山市 久々野
1%
大多喜町 久我原
1%
真庭市 久世
1%
浜田市 久代
1%
新温泉町 久谷
1%
京丹後市 久美浜
1%
佐賀市 | 由利本荘市 久保田
1%
久留米市 久留米高校前
1%
久留米市 久留米大学前
1%
真室川町 及位
1%
木曽町 宮ノ越
1%
箱根町 宮ノ下
1%
久留米市 宮の陣
1%
遠野市 宮守
1%
仙台市 宮城野通
1%
伊勢市 宮町
1%
松山市 宮田町
1%
米子市 弓ケ浜
1%
久米南町 弓削
1%
北九州市 朽網
1%
倉敷市 | 安芸市 球場前
1%
春日井市 牛山
1%
吉野川市 牛島
1%
魚沼市 魚沼田中
1%
大津市 京阪大津京
1%
京丹後市 京丹後大宮
1%
京都市 京都精華大前
1%
富山市 | 豊橋市 競輪場前
1%
宗像市 教育大前
1%
鳴門市 教会前
1%
京田辺市 興戸
1%
東吾妻町 郷原
1%
鎌倉市 極楽寺
1%
筑西市 玉戸
1%
萩市 玉江
1%
井手町 玉水
1%
常陸大宮市 玉川村
1%
常総市 玉村
1%
岡山市 玉柏
1%
長岡市 | 長野市 桐原
1%
桐生市 桐生球場前
1%
苫小牧市 錦岡
1%
姶良市 錦江
1%
高松市 琴電屋島
1%
さぬき市 琴電志度
1%
貝塚市 近義の里
1%
大津市 近江神宮前
1%
棚倉町 近津
1%
葛城市 近鉄新庄
1%
にかほ市 金浦
1%
中能登町 金丸
1%
浜松市 金指
1%
善通寺市 金蔵寺
1%
新発田市 金塚
1%
久留米市 | 渋川市 金島
1%
五所川原市 金木
1%
飯田市 金野
1%
広島市 銀山町
1%
尾鷲市 九鬼
1%
福岡市 九産大前
1%
福岡市 九大学研都市
1%
羽曳野市 駒ヶ谷
1%
函館市 駒場車庫前
1%
高松市 空港通り
1%
福岡市 櫛田神社前
1%
仙台市 熊ケ根
1%
臼杵市 熊崎
1%
熊本市 熊本駅前
1%
薩摩川内市 隈之城
1%
宮津市 栗田
1%
村上市 桑川
1%
東吾妻町 群馬原町
1%
郡上市 郡上大和
1%
伊予市 郡中
1%
伊予市 郡中港
1%
新見市 刑部
1%
蒲郡市 形原
1%
羽曳野市 恵我ノ荘
1%
川西市 畦野
1%
浦添市 経塚
1%
魚津市 経田
1%
高知市 蛍橋
1%
長崎市 蛍茶屋
1%
神戸市 計算科学センター(神戸どうぶつ王国・「富岳」前)
1%
福井市 計石
1%
松山市 警察署前
1%
長久手市 芸大通
1%
柏崎市 鯨波
1%
美馬市 穴吹
1%
北九州市 穴生
1%
南山城村 月ケ瀬口
1%
富士吉田市 月江寺
1%
熊本市 健軍町
1%
岡山市 建部
1%
川西市 絹延橋
1%
静岡市 県総合運動場
1%
熊本市 県立体育館前
1%
静岡市 県立美術館前
1%
東温市 見奈良
1%
すさみ町 見老津
1%
平群町 元山上口
1%
飯田市 元善光寺
1%
上尾市 原市
1%
木曽町 原野
1%
唐津市 厳木
1%
赤村 源じいの森
1%
久留米市 古賀茶屋
1%
信濃町 古間
1%
高松市 古高松
1%
広島市 古市橋
1%
静岡市 古庄
1%
松山市 古町
1%
那覇市 古島
1%
広島市 戸坂
1%
高岡市 戸出
1%
千曲市 戸倉
1%
仙北市 戸沢
1%
出雲市 湖遊館新駅
1%
静岡市 狐ヶ崎
1%
広島市 胡町
1%
鹿児島市 五位野
1%
神戸市 五社
1%
内子町 五十崎
1%
都城市 五十市
1%
鶴岡市 五十川
1%
阿賀町 五十島
1%
大田市 五十猛
1%
志摩市 五知
1%
立山町 五百石
1%
小田原市 五百羅漢
1%
函館市 五稜郭公園前
1%
熊本市 | 福岡市 呉服町
1%
青森市 後潟
1%
那珂市 後台
1%
南国市 後免中町
1%
南国市 後免町
1%
橋本市 御幸辻
1%
合志市 御代志
1%
御代田町 御代田
1%
堺市 御陵前
1%
南九州市 | 福山市 御領
1%
三種町 鯉川
1%
和歌山市 交通センター前
1%
熊本市 光の森
1%
市原市 | 豊能町 光風台
1%
永平寺町 光明寺
1%
松山市 光洋台
1%
箱根町 公園下
1%
箱根町 公園上
1%
長久手市 公園西
1%
吹田市 公園東口
1%
福知山市 公庄
1%
仙台市 勾当台公園
1%
美祢市 厚保
1%
伊予市 向井原
1%
由布市 向之原
1%
能代市 向能代
1%
ひたちなか市 工機前
1%
宿毛市 工業団地
1%
横浜市 幸浦
1%
大分市 幸崎
1%
広島市 広域公園前
1%
伊賀市 | 高岡市 広小路
1%
仙台市 広瀬通
1%
広島市 広電五日市
1%
広島市 広電西広島(己斐)
1%
広島市 広電本社前
1%
三木市 広野ゴルフ場前
1%
豊島区 庚申塚
1%
弘前市 弘高下
1%
明石市 江井ヶ島
1%
羽島市 江吉良
1%
鴨川市 江見
1%
すさみ町 江住
1%
四万十市 江川崎
1%
北上市 江釣子
1%
豊川市 江島
1%
広島市 江波
1%
前橋市 江木
1%
東洋町 甲浦
1%
日野市 甲州街道
1%
市川三郷町 甲斐上野
1%
身延町 甲斐常葉
1%
身延町 甲斐大島
1%
八幡平市 荒屋新町
1%
名古屋市 荒子川公園
1%
荒川区 荒川一中前
1%
荒川区 荒川七丁目
1%
白鷹町 荒砥
1%
安来市 荒島
1%
名古屋市 荒畑
1%
岩国市 行波
1%
高松市 香西
1%
姫路市 香呂
1%
高岡市 高岡駅
1%
戸沢村 高屋
1%
南砺市 高儀
1%
彦根市 | 福岡市 高宮
1%
松原市 高見ノ里
1%
宇和島市 高光
1%
高崎市 高崎商科大学前
1%
都城市 高崎新田
1%
広島市 | 高知市 高須
1%
堺市 高須神社
1%
市原市 高滝
1%
高知市 高知商業前
1%
津市 高茶屋
1%
ひたちなか市 高田の鉄橋
1%
津市 高田本山
1%
高浜市 高浜港
1%
九度山町 高野下
1%
伊予市 高野川
1%
羽曳野市 高鷲
1%
天童市 高擶
1%
那須烏山市 鴻野山
1%
北秋田市 合川
1%
総社市 豪渓
1%
鳥取市 国英
1%
いすみ市 国吉
1%
壬生町 国谷
1%
昭和町 国母
1%
下関市 黒井村
1%
日野町 黒坂
1%
黒部市 黒薙
1%
精華町 狛田
1%
河津町 今井浜海岸
1%
京都市 今出川
1%
大阪市 今船
1%
多治見市 根本
1%
黒潮町 佐賀公園
1%
弥富市 佐古木
1%
臼杵市 佐志生
1%
宮崎市 佐土原
1%
多気町 佐奈
1%
伊賀市 佐那具
1%
河合町 佐味田川
1%
高崎市 佐野のわたし
1%
青森市 左堰
1%
茨木市 彩都西
1%
香春町 採銅所
1%
明和町 斎宮
1%
大阪市 細井川
1%
松川村 細野
1%
曽於市 財部
1%
鹿児島市 坂之上
1%
茨木市 阪大病院前
1%
最上町 堺田
1%
室蘭市 崎守
1%
千葉市 作草部
1%
福岡市 桜坂
1%
福島市 笹木野
1%
京都市 撮影所前
1%
木古内町 札苅
1%
南九州市 薩摩塩屋
1%
薩摩川内市 薩摩高城
1%
指宿市 薩摩今和泉
1%
鹿児島市 薩摩松元
1%
指宿市 薩摩川尻
1%
枕崎市 薩摩板敷
1%
貝塚市 三ヶ山口
1%
浜松市 三ヶ日
1%
貝塚市 三ツ松
1%
西桂町 三つ峠
1%
大津市 三井寺
1%
豊川市 三河一宮
1%
豊田市 三河上郷
1%
新城市 三河川合
1%
新城市 三河大野
1%
新城市 三河東郷
1%
新城市 三河槙原
1%
島原市 三会
1%
武雄市 三間坂
1%
三股町 三股
1%
上田市 三好町
1%
小郡市 三国が丘
1%
坂井市 三国神社
1%
常総市 三妻
1%
豊後大野市 三重町
1%
高浜町 三松
1%
山口市 | 矢掛町 三谷
1%
松山市 三津浜
1%
佐用町 三日月
1%
倉敷市 三菱自工前
1%
米子市 三本松口
1%
前橋市 三俣
1%
豊前市 三毛門
1%
三木市 三木上の丸
1%
尾鷲市 三木里
1%
いすみ市 三門
1%
いなべ市 三里
1%
大船渡市 三陸
1%
神戸市 山の街
1%
京都市 | 庄原市 山ノ内
1%
恵那市 山岡
1%
盛岡市 山岸
1%
智頭町 山郷
1%
高森町 山吹
1%
松山市 山西
1%
有田町 山谷
1%
伊勢市 山田上口
1%
香美市 山田西町
1%
和歌山市 山東
1%
都城市 山之口
1%
札幌市 山鼻9条
1%
常陸大宮市 山方宿
1%
高崎市 山名
1%
高砂市 山陽曽根
1%
姫路市 山陽天満
1%
横浜市 産業振興センター
1%
京都市 蚕ノ社
1%
丸亀市 讃岐塩屋
1%
三豊市 讃岐財田
1%
東かがわ市 讃岐白鳥
1%
坂出市 讃岐府中
1%
仙北市 刺巻
1%
伊賀市 四十九
1%
金沢市 四十万
1%
浜中町 姉別
1%
中之条町 市城
1%
市川三郷町 市川本町
1%
横浜市 市大医学部
1%
松山市 市坪
1%
高森町 市田
1%
丹波市 市島
1%
福井市 市波
1%
高取町 市尾
1%
諫早市 市布
1%
伊賀市 市部
1%
神戸市 市民広場
1%
北九州市 志井
1%
名古屋市 志賀本通
1%
伊奈町 志久
1%
三木市 志染
1%
香芝市 志都美
1%
さぬき市 志度
1%
永平寺町 志比堺
1%
鳥羽市 志摩赤崎
1%
広島市 志和口
1%
長崎市 思案橋
1%
いの町 枝川
1%
本巣市 糸貫
1%
糸田町 糸田
1%
糸島市 糸島高校前
1%
広島市 紙屋町西
1%
広島市 紙屋町東
1%
花巻市 似内
1%
久慈市 侍浜
1%
取手市 寺原
1%
堺市 寺地町
1%
真岡市 寺内
1%
新潟市 寺尾
1%
鹿児島市 慈眼寺
1%
福岡市 次郎丸
1%
大津市 滋賀里
1%
浜松市 自動車学校前
1%
横浜市 蒔田
1%
鹿児島市 鹿児島駅前
1%
阿賀町 鹿瀬
1%
三種町 鹿渡
1%
鉾田市 鹿島旭
1%
鹿嶋市 鹿島大野
1%
鹿嶋市 鹿島灘
1%
中富良野町 鹿討
1%
海陽町 宍喰
1%
南会津町 七ヶ岳登山口
1%
福岡市 七隈
1%
広島市 七軒茶屋
1%
北斗市 七重浜
1%
庄原市 七塚
1%
福岡市 室見
1%
邑楽町 篠塚
1%
立川市 柴崎体育館
1%
富士宮市 芝川
1%
加東市 社町
1%
京都市 車折神社
1%
会津坂下町 若宮
1%
若狭町 若狭有田
1%
黒部市 若栗
1%
飯豊町 手ノ子
1%
松島町 手樽
1%
佐伯市 狩生
1%
広島市 狩留家
1%
浜田市 周布
1%
山口市 周防下郷
1%
岩国市 周防高森
1%
京都市 修学院
1%
松江市 秋鹿町
1%
舟形町 舟形
1%
大阪市 住ノ江
1%
大阪市 住吉鳥居前
1%
瑞穂市 十九条
1%
函館市 十字街
1%
五所川原市 | 四万十町 十川
1%
若狭町 十村
1%
南部町 十島
1%
深浦町 十二湖
1%
広島市 十日市町
1%
横手市 十文字
1%
佐伯市 重岡
1%
姶良市 重富
1%
堺市 宿院
1%
洋野町 宿戸
1%
大鰐町 宿川原
1%
奥出雲町 出雲坂根
1%
長崎市 出島
1%
浜松市 出馬
1%
鬼北町 出目
1%
大洲市 春賀
1%
静岡市 春日町
1%
雫石町 春木場
1%
川根本町 駿河徳山
1%
有田市 初島
1%
高知市 曙町
1%
東浦町 緒川
1%
周南市 勝間
1%
勝央町 勝間田
1%
藍住町 勝瑞
1%
村上市 勝木
1%
福井市 商工会議所前
1%
佐々町 小浦
1%
鶴岡市 小岩川
1%
松戸市 小金城趾
1%
一戸町 小繋
1%
つくばみらい市 小絹
1%
美咲町 小原
1%
諫早市 小江
1%
花巻市 小山田
1%
横手市 小松川
1%
小城市 小城
1%
いわき市 小川郷
1%
東北町 小川原
1%
荒川区 小台
1%
みどり市 小中
1%
八戸市 小中野
1%
一戸町 小鳥谷
1%
京丹後市 小天橋
1%
苅田町 小波瀬西工大前
1%
鶴岡市 小波渡
1%
那須烏山市 小塙
1%
名古屋市 小本
1%
山陽小野田市 小野田港
1%
箱根町 小涌谷
1%
福井市 小和清水
1%
君津市 小櫃
1%
北秋田市 小渕
1%
豊中市 少路
1%
泉大津市 松ノ浜
1%
伊勢市 松下
1%
松野町 松丸
1%
美里町 松久
1%
松江市 松江イングリッシュガーデン前
1%
松江市 松江フォーゲルパーク
1%
松山市 松山市駅前
1%
大和高田市 松塚
1%
舞鶴市 松尾寺
1%
八幡平市 松尾八幡平
1%
函館市 松風町
1%
弘前市 松木平
1%
上尾市 沼南
1%
藤沢市 湘南海岸公園
1%
鎌倉市 湘南深沢
1%
鎌倉市 湘南町屋
1%
下呂市 焼石
1%
北秋田市 笑内
1%
黒部市 鐘釣
1%
羽曳野市 上ノ太子
1%
倉敷市 上の町
1%
鹿児島市 上伊集院
1%
松山市 上一万
1%
西予市 上宇和
1%
臼杵市 上臼杵
1%
朝倉市 上浦
1%
大津市 上栄町
1%
佐伯市 上岡
1%
稲沢市 上丸渕
1%
箱根町 上強羅
1%
山口市 上郷
1%
熊谷市 上熊谷
1%
九度山町 上古沢
1%
猪苗代町 上戸
1%
木津川市 上狛
1%
中野市 上今井
1%
高山市 上枝
1%
富岡市 上州七日市
1%
富岡市 上州富岡
1%
甘楽町 上州福島
1%
山ノ内町 | 魚沼市 上条
1%
広島市 上深川
1%
北秋田市 上杉
1%
盛岡市 上盛岡
1%
日南町 上石見
1%
前橋市 上泉
1%
市原市 上総久保
1%
市原市 上総牛久
1%
市原市 上総三又
1%
市原市 上総山田
1%
木更津市 上総清川
1%
市原市 上総村上
1%
市原市 上総大久保
1%
市原市 上総鶴舞
1%
いすみ市 上総東
1%
大井町 上大井
1%
富山市 上滝
1%
上田市 上田原
1%
潟上市 上二田
1%
志摩市 上之郷
1%
秋田市 上飯島
1%
にかほ市 上浜
1%
豊田市 上豊田
1%
七宗町 上麻生
1%
西会津町 上野尻
1%
有田町 上有田
1%
涌谷町 上涌谷
1%
北九州市 城野
1%
水戸市 常澄
1%
岡山市 植松
1%
三郷町 信貴山下
1%
大町市 信濃常盤
1%
白馬村 信濃森上
1%
川上村 信濃川上
1%
軽井沢町 信濃追分
1%
大町市 信濃木崎
1%
橿原市 新ノ口
1%
新潟市 新関
1%
新宮町 新宮中央
1%
新見市 | 羽生市 新郷
1%
豊島区 新庚申塚
1%
日光市 新高徳
1%
新潟市 新崎
1%
筑西市 新治
1%
取手市 新取手
1%
富山市 新庄田中
1%
豊田市 新上挙母
1%
大阪市 新森古市
1%
熊本市 新水前寺駅前
1%
瀬戸市 新瀬戸
1%
金沢市 新西金沢
1%
西脇市 新西脇
1%
上市町 新相ノ木
1%
松本市 新村
1%
長崎市 新大工町
1%
長崎市 新地中華街
1%
長崎市 新中川町
1%
福井市 新田塚
1%
いすみ市 新田野
1%
宮古市 新田老
1%
伊賀市 新堂
1%
札幌市 新道東
1%
東近江市 新八日市
1%
三種町 森岳
1%
栄村 森宮野原
1%
鬼北町 深田
1%
橿原市 真菅
1%
舞鶴市 真倉
1%
松野町 真土
1%
本巣市 神海
1%
旭川市 神楽岡
1%
大仙市 神宮寺
1%
神埼市 神埼
1%
白馬村 神城
1%
さぬき市 | 和歌山市 神前
1%
いちき串木野市 神村学園前
1%
東根市 神町
1%
富岡市 神農原
1%
島田市 神尾
1%
田村市 神俣
1%
鯖江市 神明
1%
堺市 神明町
1%
久米南町 神目
1%
皆野町 親鼻
1%
宮津市 辛皮
1%
福井市 仁愛女子高校
1%
山口市 仁保津
1%
呉市 仁方
1%
大田市 仁万
1%
大館市 陣場
1%
堺市 諏訪ノ森
1%
南部町 諏訪ノ平
1%
長崎市 諏訪神社
1%
須恵町 須恵
1%
大桑村 須原
1%
萩市 須佐
1%
富士市 須津
1%
三原市 須波
1%
遊佐町 吹浦
1%
坂井市 水居
1%
桐生市 水沼
1%
南九州市 水成川
1%
鹿児島市 水族館口
1%
熊本市 水道町
1%
鯖江市 水落
1%
長崎市 崇福寺
1%
飛騨市 杉崎
1%
函館市 杉並町
1%
山陽小野田市 雀田
1%
札幌市 澄川
1%
鹿児島市 瀬々串
1%
最上町 瀬見温泉
1%
瀬戸市 瀬戸市役所前
1%
みやま市 瀬高
1%
福島市 瀬上
1%
蓬田村 瀬辺地
1%
小浜市 勢浜
1%
三郷町 勢野北口
1%
米沢市 | 館林市 成島
1%
貝塚市 清児
1%
北斗市 清川口
1%
佐々町 清峰高校前
1%
福井市 清明
1%
岩国市 清流みはらし
1%
高知市 清和学園前
1%
鹿児島市 生見
1%
大阪市 聖天坂
1%
札幌市 西28丁目
1%
北区 西ヶ原四丁目
1%
和歌山市 西ノ庄
1%
一宮市 西一宮
1%
羽生市 西羽生
1%
長崎市 西浦上
1%
宇佐市 西屋敷
1%
滑川市 西加積
1%
銚子市 西海鹿島
1%
掛川市 西掛川
1%
笠松町 西笠松
1%
かつらぎ町 西笠田
1%
滑川市 西滑川
1%
鎌倉市 西鎌倉
1%
寒河江市 西寒河江
1%
七尾市 西岸
1%
魚津市 西魚津
1%
雲仙市 西郷
1%
たつの市 西栗栖
1%
桑名市 西桑名
1%
大崎市 西古川
1%
名古屋市 西高蔵
1%
三次市 西三次
1%
鯖江市 西山公園
1%
紀の川市 西山口
1%
取手市 西取手
1%
坂井市 西春江ハートピア
1%
勝央町 西勝間田
1%
松本市 西松本
1%
上田市 西上田
1%
姫路市 西飾磨
1%
明石市 西新町
1%
旭川市 西瑞穂
1%
旭川市 西聖和
1%
宇都宮市 西川田
1%
大垣市 西大垣
1%
いすみ市 西大原
1%
大崎市 西大崎
1%
柏崎市 西中通
1%
富山市 西中野
1%
坂井市 西長田ゆりの里
1%
大牟田市 西鉄銀水
1%
太宰府市 西鉄五条
1%
福岡市 西鉄香椎
1%
小郡市 西鉄小郡
1%
新宮町 西鉄新宮
1%
柳川市 西鉄柳川
1%
四日市市 西日野
1%
浜田市 西浜田
1%
芸西村 西分
1%
米沢市 西米沢
1%
福井市 西別院
1%
薩摩川内市 西方
1%
松山市 西堀端
1%
筑後市 西牟田
1%
由利本荘市 西目
1%
熊本市 西里
1%
諫早市 西諫早
1%
都城市 青井岳
1%
高浜町 青郷
1%
朝来市 青倉
1%
鳥取市 青谷
1%
小野市 青野ケ原
1%
仙台市 青葉通一番町
1%
大田市 静間
1%
長万部町 静狩
1%
益田市 石見津田
1%
大田市 石見福光
1%
貝塚市 石才
1%
松山市 石手川公園
1%
藤沢市 石上
1%
堺市 石津川
1%
堺市 石津北
1%
西条市 石鎚山
1%
豊橋市 赤岩口
1%
福井市 赤十字前
1%
松山市 赤十字病院前
1%
阿蘇市 赤水
1%
宇土市 赤瀬
1%
四国中央市 赤星
1%
伊那市 赤木
1%
安芸市 赤野
1%
雫石町 赤渕
1%
印南町 切目
1%
川根本町 接岨峡温泉
1%
浜田市 折居
1%
寄居町 折原
1%
宮崎市 折生迫
1%
黒部市 舌山
1%
一関市 千厩
1%
東北町 千曳
1%
函館市 | 長崎市 千歳町
1%
八幡浜市 千丈
1%
千葉市 千城台
1%
千葉市 千城台北
1%
深浦町 千畳敷
1%
河内長野市 千早口
1%
福岡市 千代県庁口
1%
鈴鹿市 千代崎
1%
和歌山市 千旦
1%
八代市 千丁
1%
猪苗代町 川桁
1%
呉市 川原石
1%
四日市市 川原町
1%
島田市 川根温泉笹間渡
1%
出雲市 川跡
1%
いわき市 川前
1%
川棚町 川棚
1%
下関市 川棚温泉
1%
伊東市 川奈
1%
横浜市 川和町
1%
足立区 扇大橋
1%
大館市 扇田
1%
玉川村 泉郷
1%
木古内町 泉沢
1%
松山市 浅海
1%
佐伯市 浅海井
1%
福井市 浅水
1%
江津市 浅利
1%
男鹿市 船越
1%
紀北町 | 鳥羽市 船津
1%
堺市 | 田川市 船尾
1%
盛岡市 前潟
1%
天理市 前栽
1%
北秋田市 前山
1%
長岡市 前川
1%
鹿児島市 前之浜
1%
犬山市 善師野
1%
大津市 膳所本町
1%
福島市 曽根田
1%
いなべ市 楚原
1%
三好市 祖谷口
1%
各務原市 蘇原
1%
八幡浜市 双岩
1%
上松町 倉本
1%
綾川町 挿頭丘
1%
箱根町 早雲山
1%
滑川市 早月加積
1%
三島町 早戸
1%
大館市 早口
1%
浜松市 早瀬
1%
新潟市 早通
1%
豊島区 巣鴨新田
1%
松阪市 漕代
1%
上市町 相ノ木
1%
多気町 相可
1%
紀北町 相賀
1%
大井町 相模金子
1%
南足柄市 相模沼田
1%
広島市 草津南
1%
さぬき市 造田
1%
福井市 足羽山公園口
1%
岡山市 足守
1%
津南町 足滝
1%
日光市 足尾
1%
枚方市 村野
1%
新居浜市 多喜浜
1%
市貝町 多田羅
1%
雲仙市 多比良
1%
多良木町 多良木
1%
姫路市 太市
1%
筑前町 太刀洗
1%
いすみ市 太東
1%
坂井市 太郎丸エンゼルランド
1%
東近江市 太郎坊宮前
1%
熊本市 打越
1%
飛騨市 打保
1%
三条市 帯織
1%
上郡町 苔縄
1%
仙台市 台原
1%
大淀町 大阿太
1%
岡山市 大安寺
1%
長崎市 大浦天主堂
1%
田村市 大越
1%
大刀洗町 大堰
1%
上田市 大屋
1%
松山市 大街道
1%
滝沢市 大釜
1%
八戸市 大久喜
1%
那須烏山市 大金
1%
曽於市 大隅大川原
1%
前橋市 大胡
1%
八幡平市 大更
1%
福知山市 大江山口内宮
1%
山口市 大歳
1%
大分市 大在
1%
島原市 大三東
1%
出雲市 大寺
1%
米子市 大篠津町
1%
階上町 大蛇
1%
青森市 大釈迦
1%
堺市 大小路
1%
富山市 大庄
1%
名古屋市 大森・金城学院前
1%
伊豆の国市 大仁
1%
今別町 大川平
1%
尾鷲市 大曽根浦
1%
諫早市 大草
1%
明石市 大蔵谷
1%
大村市 大村車両基地
1%
岡山市 大多羅
1%
札幌市 大谷地
1%
紀の川市 大池遊園
1%
秋田市 大張野
1%
仙台市 大町西公園
1%
若狭町 大鳥羽
1%
出雲市 大津町
1%
大槌町 大槌
1%
佐世保市 大塔
1%
大紀町 大内山
1%
箱根町 大平台
1%
最上町 大堀
1%
熊谷市 大麻生
1%
玉名市 大野下
1%
郡上市 大矢
1%
鉾田市 大洋
1%
河合町 大輪田
1%
五條市 大和二見
1%
浜松市 第一通り
1%
鳥取市 鷹狩
1%
綾川町 滝宮
1%
川西市 滝山
1%
富田林市 滝谷不動
1%
大分市 滝尾
1%
下関市 滝部
1%
札幌市 拓北
1%
大阪市 沢ノ町
1%
石巻市 沢田
1%
伊那市 沢渡
1%
みどり市 沢入
1%
茨木市 沢良宜
1%
三宅町 但馬
1%
木津川市 棚倉
1%
常陸太田市 谷河原
1%
揖斐川町 谷汲口
1%
足立区 谷在家
1%
都留市 谷村町
1%
函館市 谷地頭
1%
札幌市 狸小路
1%
宮津市 丹後由良
1%
八頭町 丹比
1%
高松市 端岡
1%
久米南町 誕生寺
1%
津山市 知和
1%
廿日市市 地御前
1%
富山市 地鉄ビル前
1%
川根本町 地名
1%
河合町 池部
1%
池田町 池野
1%
米沢市 置賜
1%
大和高田市 築山
1%
築上町 築城
1%
白老町 竹浦
1%
大分市 竹中
1%
羽島市 竹鼻
1%
糸島市 筑前深江
1%
飯塚市 筑前大分
1%
新城市 茶臼山
1%
名古屋市 茶屋ヶ坂
1%
福岡市 茶山
1%
札幌市 中央区役所前
1%
神戸市 中央市場前
1%
八王子市 中央大学・明星大学
1%
滑川市 中加積
1%
滑川市 中滑川
1%
安曇野市 中萱
1%
中間市 中間
1%
箱根町 中強羅
1%
神戸市 中公園
1%
南会津町 中荒井
1%
佐久市 中込
1%
常総市 中妻
1%
大山町 中山口
1%
杵築市 中山香
1%
郡山市 中山宿
1%
大崎市 中山平温泉
1%
常陸大宮市 中舟生
1%
南阿蘇村 中松
1%
和歌山市 中松江
1%
射水市 中新湊
1%
広島市 中深川
1%
瀬戸市 中水野
1%
四日市市 中川原
1%
直方市 中泉
1%
青森市 中沢
1%
富山市 中町(西町北)
1%
広島市 中電前
1%
小谷村 中土
1%
新居浜市 中萩
1%
明石市 中八木
1%
大分市 中判田
1%
かつらぎ町 中飯降
1%
神戸市 中埠頭
1%
鹿児島市 中名
1%
仙台市 中野栄
1%
佐世保市 中里
1%
銚子市 仲ノ町
1%
竹原市 忠海
1%
上越市 虫川大杉
1%
姶良市 帖佐
1%
高知市 朝倉駅前
1%
筑紫野市 朝倉街道
1%
長野市 朝陽
1%
荒川区 町屋二丁目
1%
愛西市 町方
1%
松浦市 調川
1%
黒部市 長屋
1%
松江市 長江
1%
長崎市 長崎駅前
1%
粕屋町 長者原
1%
長洲町 長洲
1%
岐阜市 長森
1%
鈴鹿市 長太ノ浦
1%
舟形町 長沢
1%
東近江市 長谷野
1%
城陽市 長池
1%
仙台市 長町一丁目
1%
仙台市 長町南
1%
柏崎市 長鳥
1%
大鰐町 長峰
1%
下関市 長門粟野
1%
山口市 長門峡
1%
長門市 長門古市
1%
長門市 長門三隅
1%
下関市 長門二見
1%
長与町 長与
1%
南阿蘇村 長陽
1%
伊予市 鳥ノ木
1%
鯖江市 鳥羽中
1%
生駒市 鳥居前
1%
阪南市 鳥取ノ荘
1%
横浜市 鳥浜
1%
甲賀市 勅旨
1%
佐伯市 直見
1%
佐伯市 直川
1%
鳥取市 津ノ井
1%
渋川市 津久田
1%
弘前市 津軽大沢
1%
平川市 津軽湯の沢
1%
今別町 津軽浜名
1%
津山市 津山口
1%
大阪市 津守
1%
三豊市 津島ノ宮
1%
津奈木町 津奈木
1%
銚子市 椎柴
1%
築上町 椎田
1%
福井市 追分口
1%
津山市 坪井
1%
さぬき市 鶴羽
1%
湧水町 鶴丸
1%
泉佐野市 鶴原
1%
白山市 鶴来
1%
日野市 程久保
1%
姫路市 的形
1%
広島市 的場町
1%
松山市 鉄砲町
1%
大阪市 天神ノ森
1%
千葉市 天台
1%
飯塚市 天道
1%
筑紫野市 天拝山
1%
茂木町 天矢場
1%
浜松市 天竜二俣
1%
添田町 添田
1%
ひたちなか市 殿山
1%
和歌山市 田井ノ瀬
1%
玉城町 田丸
1%
出雲市 田儀
1%
伊豆の国市 田京
1%
熊本市 田原坂
1%
八幡平市 田山
1%
田川市 田川伊田
1%
鳥栖市 田代
1%
和歌山市 田中口
1%
七尾市 田鶴浜
1%
南会津町 田島高校前
1%
串本町 田並
1%
黒部市 電鉄石田
1%
富山市 電鉄富山駅・エスタ前
1%
石巻市 渡波
1%
浜松市 都筑
1%
横浜市 都筑ふれあいの丘
1%
太宰府市 都府楼南
1%
江津市 都野津
1%
延岡市 土々呂
1%
松山市 土居田
1%
中土佐町 土佐久礼
1%
四万十町 土佐昭和
1%
黒潮町 土佐上川口
1%
四万十町 土佐大正
1%
大豊町 土佐北川
1%
上越市 土底浜
1%
泰阜村 唐笠
1%
大津市 唐橋前
1%
鹿児島市 唐湊
1%
神戸市 唐櫃台
1%
箱根町 塔ノ沢
1%
会津坂下町 塔寺
1%
島原市 島原船津
1%
松本市 島内
1%
阿賀町 東下条
1%
熊本市 東海学園前
1%
名古屋市 東海通
1%
指宿市 東開聞
1%
矢祭町 東館
1%
北斗市 東久根別
1%
さいたま市 東宮原
1%
札幌市 東区役所前
1%
八頭町 東郡家
1%
都留市 東桂
1%
三条市 東光寺
1%
都城市 東高崎
1%
黒部市 東三日市
1%
横浜市 東山田
1%
山北町 東山北
1%
酒田市 東酒田
1%
宇都宮市 東宿郷
1%
宿毛市 東宿毛
1%
小諸市 東小諸
1%
富山市 東新庄
1%
宇部市 | 桐生市 東新川
1%
新城市 東新町
1%
射水市 東新湊
1%
神戸市 東垂水
1%
半田市 東成岩
1%
木更津市 東清川
1%
総社市 東総社
1%
大館市 東大館
1%
大崎市 東大崎
1%
名古屋市 東大手
1%
中津市 東中津
1%
都農町 東都農
1%
唐津市 東唐津
1%
いなべ市 東藤原
1%
柏崎市 東柏崎
1%
荒川区 東尾久三丁目
1%
美浜町 東美浜
1%
岩美町 東浜
1%
福津市 東福間
1%
毛呂山町 東毛呂
1%
一宮町 東浪見
1%
諫早市 東諫早
1%
湯前町 湯前
1%
日置市 湯之元
1%
福山市 湯野
1%
下郷町 湯野上温泉
1%
大田市 湯里
1%
熊本市 藤崎宮前
1%
鶴岡市 藤島
1%
有田川町 藤並
1%
千葉市 動物公園
1%
松山市 道後公園
1%
庄原市 道後山
1%
御坊市 道成寺
1%
山口市 徳佐
1%
西会津町 徳沢
1%
松阪市 徳和
1%
黒部市 栃屋
1%
智頭町 那岐
1%
伊奈町 内宿
1%
南部町 内船
1%
赤村 内田
1%
新潟市 内野西が丘
1%
本巣市 鍋原
1%
佐賀市 鍋島
1%
北秋田市 縄文小ヶ田
1%
津市 南が丘
1%
伊予市 南伊予
1%
羽咋市 南羽咋
1%
旭川市 南永山
1%
寒河江市 南寒河江
1%
燕市 南吉田
1%
札幌市 南郷13丁目
1%
札幌市 南郷18丁目
1%
札幌市 南郷7丁目
1%
御殿場市 南御殿場
1%
神戸市 南公園
1%
名古屋市 南荒子
1%
荒尾市 南荒尾
1%
行橋市 南行橋
1%
高崎市 南高崎
1%
大津市 南滋賀
1%
松江市 南宍道
1%
富岡市 南蛇井
1%
会津若松市 南若松
1%
羽島市 南宿
1%
小松島市 南小松島
1%
山陽小野田市 南小野田
1%
白馬村 南神城
1%
大分市 南大分
1%
酒田市 南鳥海
1%
日向市 南日向
1%
横浜市 南部市場
1%
佐世保市 南風崎
1%
札幌市 南平岸
1%
米沢市 南米沢
1%
安曇野市 南豊科
1%
松山市 南堀端
1%
庄内町 南野
1%
丹波篠山市 南矢代
1%
能代市 二ツ井
1%
指宿市 二月田
1%
京都市 | 鹿児島市 二軒茶屋
1%
札幌市 二十四軒
1%
貝塚市 二色浜
1%
高岡市 二塚
1%
潟上市 二田
1%
北九州市 二島
1%
宇和島市 二名
1%
和歌山市 二里ヶ浜
1%
名古屋市 尼ヶ坂
1%
甲良町 尼子
1%
唐津市 虹ノ松原
1%
佐世保市 日宇
1%
総社市 日羽
1%
四日市市 日永
1%
加古川市 日岡
1%
日高村 日下
1%
福井市 日華化学前
1%
横浜市 日吉本町
1%
宮崎市 日向住吉
1%
新富町 日向新富
1%
延岡市 日向長井
1%
阿賀町 日出谷
1%
和歌山市 日前宮
1%
美波町 日和佐
1%
魚沼市 入広瀬
1%
小田原市 入生田
1%
龍ケ崎市 入地
1%
高知市 入明
1%
伊豆の国市 韮山
1%
太田市 韮川
1%
葛城市 忍海
1%
名古屋市 熱田神宮西
1%
高岡市 能町
1%
七尾市 能登中島
1%
中能登町 能登部
1%
姫路市 播磨高岡
1%
佐用町 播磨徳久
1%
長瀞町 波久礼
1%
大田市 波根
1%
今治市 波止浜
1%
松本市 波田
1%
熊野市 波田須
1%
今治市 波方
1%
境港市 馬場崎町
1%
木更津市 馬来田
1%
大田市 馬路
1%
大紀町 梅ケ谷
1%
下関市 梅ケ峠
1%
高知市 梅の辻
1%
美濃市 梅山
1%
松山市 梅津寺
1%
綾部市 梅迫
1%
松山市 梅本
1%
生駒市 萩の台
1%
飯豊町 萩生
1%
伯耆町 伯耆溝口
1%
函館市 柏木町
1%
普代村 白井海岸
1%
秩父市 白久
1%
八戸市 白銀
1%
津市 白塚
1%
長井市 白兎
1%
小谷村 白馬大池
1%
姫路市 白浜の宮
1%
広島市 白木山
1%
前橋市 粕川
1%
福岡市 箱崎宮前
1%
福岡市 箱崎九大前
1%
三好市 箸蔵
1%
王寺町 畠田
1%
福井市 八ツ島
1%
姫路市 八家
1%
高松市 八栗
1%
高松市 八栗口
1%
高松市 八栗新道
1%
三次市 八次
1%
坂出市 八十場
1%
南魚沼市 八色
1%
八峰町 八森
1%
長崎市 八千代町
1%
佐久穂町 八千穂
1%
大洲市 八多喜
1%
仙北市 八津
1%
八頭町 八東
1%
八頭町 八頭高校前
1%
京都市 | 和歌山市 八幡前
1%
玉野市 八浜
1%
上田市 八木沢
1%
札幌市 発寒南
1%
広島市
1%
広島市 伴中央
1%
板柳町 板柳
1%
萩市 飯井
1%
益田市 飯浦
1%
市原市 飯給
1%
郡山市 磐城守山
1%
田村市 磐城常葉
1%
矢祭町 磐城石井
1%
浅川町 磐城浅川
1%
塙町 磐城塙
1%
西脇市 比延
1%
勝山市 比島
1%
富士市 比奈
1%
庄原市 比婆山
1%
北秋田市 比立内
1%
八代市 肥後高田
1%
錦町 肥後西村
1%
芦北町 肥後田浦
1%
鳥栖市 肥前旭
1%
唐津市 肥前久保
1%
長崎市 肥前古賀
1%
鹿島市 肥前七浦
1%
太良町 肥前大浦
1%
諫早市 肥前長田
1%
白石町 肥前白石
1%
鹿島市 肥前飯田
1%
鹿島市 肥前浜
1%
白石町 肥前竜王
1%
鳥栖市 肥前麓
1%
宇都宮市 飛山城跡
1%
高山市 飛騨一ノ宮
1%
下呂市 飛騨金山
1%
高山市 飛騨国府
1%
飛騨市 飛騨細江
1%
下呂市 飛騨小坂
1%
下呂市 飛騨萩原
1%
北区 飛鳥山
1%
長瀞町 樋口
1%
庄原市 備後三日市
1%
庄原市 備後西城
1%
福山市 備後本庄
1%
府中市 備後矢野
1%
岡山市 備前一宮
1%
岡山市 備前三門
1%
赤穂市 備前福河
1%
備前市 備前片上
1%
高梁市 備中広瀬
1%
加古川市 尾上の松
1%
川根本町 尾盛
1%
東浦町 尾張森岡
1%
森町 尾白内
1%
五所川原市 毘沙門
1%
日向市 美々津
1%
那覇市 美栄橋
1%
札幌市 美園
1%
浜松市 美薗中央公園
1%
名張市 美旗
1%
瑞穂市 美江寺
1%
津山市 美作加茂
1%
津山市 美作河井
1%
津山市 美作千代
1%
真庭市 美作落合
1%
福井市 美山
1%
美濃市 美濃市
1%
美濃加茂市 美濃川合
1%
美瑛町 美馬牛
1%
弟子屈町 美留和
1%
岡山市 彦崎
1%
君津市 俵田
1%
流山市 鰭ヶ崎
1%
加古川市 浜の宮
1%
滑川市 浜加積
1%
堺市 浜寺駅前
1%
鳥取市 浜村
1%
浜松市 浜北
1%
浜松市 浜名湖佐久米
1%
富山市 不二越
1%
羽島市 不破一色
1%
富山市 婦中鵜坂
1%
富加町 富加
1%
伊東市 富戸
1%
富山市 富山大学前
1%
南足柄市 富士フイルム前
1%
御殿場市 富士岡
1%
城陽市 富野荘
1%
新見市 布原
1%
和歌山市 布施屋
1%
松原市 布忍
1%
大分市 敷戸
1%
宝達志水町 敷浪
1%
普代村 普代
1%
大和高田市 浮孔
1%
長野市 附属中学前
1%
鳴門市 撫養
1%
出雲市 武志
1%
秩父市 武州中川
1%
越生町 武州唐沢
1%
秩父市 武州日野
1%
深谷市 武川
1%
熊本市 武蔵塚
1%
上田市 舞田
1%
郡山市 舞木
1%
深浦町 風合瀬
1%
名古屋市 伏屋
1%
高松市 伏石
1%
高岡市 伏木
1%
八尾市 服部川
1%
福井市 福井城址大名町
1%
横浜市 福浦
1%
足利市 福居
1%
南砺市 福光
1%
下関市 福江
1%
札幌市 福住
1%
岡山市 福渡
1%
串間市 福島高松
1%
串間市 福島今町
1%
広島市 福島町
1%
南砺市 | 郡上市 福野
1%
綾部市 淵垣
1%
高松市 仏生山
1%
大阪市 粉浜
1%
徳島市 文化の森
1%
高知市 文珠通
1%
平川市 平賀
1%
姫路市 平松
1%
宇都宮市 平石中央小学校前
1%
四日市市 平津
1%
三木町 平木
1%
胎内市 平木田
1%
長崎市 平和公園
1%
北九州市 平和通
1%
横浜市 並木中央
1%
横浜市 並木北
1%
高岡市 米島口
1%
根室市 別当賀
1%
釧路町 別保
1%
前橋市 片貝
1%
高岡市 | 高松市 片原町
1%
東伊豆町 片瀬白田
1%
北九州市 片野
1%
伊達市 保原
1%
三条市 保内
1%
京都市 宝ヶ池
1%
生駒市 宝山寺
1%
宝達志水町 宝達
1%
鳥取市 宝木
1%
大仙市 峰吉川
1%
京丹後市 峰山
1%
高梁市 方谷
1%
岡山市 法界院
1%
柏原市 法善寺
1%
田辺市 芳養
1%
大豊町 豊永
1%
豊橋市 豊橋公園前
1%
豊郷町 豊郷
1%
日出町 豊後豊岡
1%
阿賀町 豊実
1%
豊前市 豊前松江
1%
宇佐市 豊前善光寺
1%
津市 豊津上野
1%
札幌市 豊平公園
1%
橿原市 坊城
1%
札幌市 北12条
1%
札幌市 北18条
1%
札幌市 北24条
1%
札幌市 北34条
1%
松前町 北伊予
1%
延岡市 北延岡
1%
白老町 北吉原
1%
燕市 北吉田
1%
前橋市 北原
1%
五泉市 北五泉
1%
八戸市 北高岩
1%
佐世保市 北佐世保
1%
松川村 北細野
1%
横浜市 | 玖珠町 北山田
1%
鹿沼市 北鹿沼
1%
伊達市 北舟岡
1%
泉大津市 北助松
1%
藤崎町 北常盤
1%
松本市 北新・松本大学前
1%
常総市 北水海道
1%
大仙市 北大曲
1%
大石田町 北大石田
1%
大野市 北大野
1%
佐久市 北中込
1%
大阪市 北天下茶屋
1%
四日市市 北楠
1%
飯山市 北飯山
1%
美瑛町 北美瑛
1%
神戸市 北埠頭
1%
本巣市 北方真桑
1%
魚沼市 北堀之内
1%
野辺地町 北野辺地
1%
神戸市 北鈴蘭台
1%
岡山市 牧山
1%
那覇市 牧志
1%
伊豆市 牧之郷
1%
松山市 堀江
1%
熊本市 堀川
1%
佐野市 堀米
1%
札幌市 幌南小学校前
1%
札幌市 幌平橋
1%
酒田市 本楯
1%
邑楽町 本中野
1%
松山市 本町一丁目
1%
松山市 本町三丁目
1%
松山市 本町四丁目
1%
松山市 本町六丁目
1%
広島市 本通
1%
金山町 本名
1%
吉野川市 麻植塚
1%
鳥取市 末恒
1%
日野市 万願寺
1%
石巻市 万石浦
1%
小牧市 味岡
1%
観音寺市 箕浦
1%
神戸市 箕谷
1%
鈴鹿市 箕田
1%
堺市 妙国寺前
1%
かつらぎ町 妙寺
1%
宇和島市 務田
1%
姫路市 夢前川
1%
飯綱町 牟礼
1%
霧島市 霧島温泉
1%
貝塚市 名越
1%
伊勢市 明野
1%
宝達志水町 免田
1%
上山市 茂吉記念館前
1%
宮古市 茂市
1%
長崎市 茂里町
1%
加西市 網引
1%
松山市 木屋町
1%
宮崎市 木花
1%
倉敷市 木見
1%
薩摩川内市 木場茶屋
1%
高梁市 木野山
1%
阿武町 木与
1%
玉東町 木葉
1%
三股町 餅原
1%
粕屋町 門松
1%
会津若松市 門田
1%
香南市 夜須
1%
日田市 夜明
1%
岡山市 野々口
1%
野々市市 野々市工大前
1%
栃木市 野州大塚
1%
栃木市 野州平川
1%
常陸大宮市 野上原
1%
名古屋市 野跡
1%
金沢市 野町
1%
野田村 野田玉川
1%
新城市 野田城
1%
下郷町 弥五島
1%
鳥栖市 弥生が丘
1%
矢掛町 矢掛
1%
新見市 矢神
1%
新潟市 矢代田
1%
福岡市 薬院大通
1%
仙台市 | 由利本荘市 薬師堂
1%
豊橋市 柳生橋
1%
天理市 柳本
1%
大仙市 鑓見内
1%
日南市 油津
1%
砺波市 油田
1%
庄原市 油木
1%
松江市 揖屋
1%
揖斐川町 揖斐
1%
洋野町 有家
1%
伊達市 有珠
1%
京都市 有栖川
1%
大崎市 有備館
1%
粕屋町 柚須
1%
富士市 | 静岡市 柚木
1%
美波町 由岐
1%
京丹後市 夕日ヶ浦木津温泉
1%
松山市 余戸
1%
境港市 余子
1%
鳥取市 用瀬
1%
小野市 葉多
1%
田村市 要田
1%
下郷町 養鱒公園
1%
市原市 養老渓谷
1%
米子市 淀江
1%
松江市 来待
1%
神戸市 藍那
1%
つがる市 陸奥森田
1%
鰺ヶ沢町 陸奥赤石
1%
鶴田町 陸奥鶴田
1%
八戸市 陸奥白浜
1%
石巻市 陸前稲井
1%
大船渡市 陸前赤崎
1%
東松島市 陸前大塚
1%
仙台市 陸前白沢
1%
松島町 陸前富山
1%
登米市 陸前豊里
1%
久慈市 陸中夏井
1%
一関市 陸中松川
1%
鹿角市 陸中大里
1%
洋野町 陸中中野
1%
一関市 陸中門崎
1%
宇和島市 立間
1%
杵築市 立石
1%
北上市 立川目
1%
南国市 立田
1%
京丹波町 立木
1%
鹿児島市 竜ケ水
1%
平群町 竜田川
1%
京都市 龍安寺
1%
富山市 龍谷富山高校前(永楽町)
1%
朝来市 梁瀬
1%
中能登町 良川
1%
広島市 緑井
1%
宇土市 緑川
1%
明石市 林崎松江海岸
1%
高松市 林道
1%
美作市 林野
1%
柏崎市 礼拝
1%
島原市 霊丘公園体育館
1%
大船渡市 恋し浜
1%
桑名市 蓮花寺
1%
仙台市 連坊
1%
射水市 六渡寺
1%
四万十町 六反地
1%
高松市 六万寺
1%
岡崎市 六名
1%
稲沢市 六輪
1%
北上市 和賀仙人
1%
日高川町 和佐
1%
芸西村 和食
1%
串本町 和深
1%
南足柄市 和田河原
1%
鎌倉市 和田塚
1%
福岡市 和白
1%
鹿児島市 脇田
1%
男鹿市 脇本
1%
那覇市 壺川
1%
京都市 帷子ノ辻
1%
御所市 掖上
1%
日出町 暘谷
1%
長久手市 杁ヶ池公園
1%
京都市 椥辻
1%
鉾田市 涸沼
1%
一関市 猊鼻渓
1%
深浦町 艫作
1%
千葉市 葭川公園
1%
富士吉田市 葭池温泉前
1%
高知市 薊野
1%
魚沼市 藪神
1%
諫早市 諫早東高校
1%
糸魚川市 頸城大野
1%
川西市 鶯の森
1%
天龍村 鶯巣
1%
出雲市 遙堪
1%
宇都宮市 陽東3丁目
1%
安芸市 あき総合病院前
0%
長井市 あやめ公園
0%
掛川市 いこいの広場
0%
井原市 いずえ
0%
鹿児島市 いづろ通
0%
富山市 インテック本社前
0%
富山市 オークスカナルパークホテル富山前
0%
あさぎり町 おかどめ幸福
0%
南陽市 おりはた
0%
芳賀町 かしの森公園前
0%
京丹後市 かぶと山
0%
富山市 グランドプラザ前
0%
高知市 グランド通
0%
八幡市 ケーブル八幡宮口
0%
八幡市 ケーブル八幡宮山上
0%
北九州市 ノーフォーク広場
0%
福智町 ふれあい生力
0%
長崎市 メディカルセンター
0%
田原市 やぐま台
0%
南阿蘇村 阿蘇白川
0%
四日市市 阿倉川
0%
山口市 阿知須
0%
東みよし町 阿波加茂
0%
小松島市 阿波赤石
0%
板野町 阿波川端
0%
板野町 阿波大宮
0%
鳴門市 阿波大谷
0%
阿南市 阿波中島
0%
阿南市 阿波福井
0%
雲仙市 阿母崎
0%
延岡市 旭ケ丘
0%
高知市 旭駅前通
0%
高知市 旭町一丁目
0%
高知市 旭町三丁目
0%
尾花沢市 芦沢
0%
五所川原市 芦野公園
0%
遠野市 綾織
0%
白鷹町 鮎貝
0%
広島市 安芸長束
0%
竹原市 安芸長浜
0%
呉市 安登
0%
富山市 安野屋
0%
長門市 伊上
0%
津市 伊勢鎌倉
0%
いなべ市 伊勢治田
0%
津市 伊勢上野
0%
津市 伊勢川口
0%
四日市市 伊勢川島
0%
津市 伊勢大井
0%
津市 伊勢竹原
0%
大紀町 伊勢柏崎
0%
津市 伊勢八太
0%
津市 伊勢八知
0%
飯田市 伊那上郷
0%
辰野町 伊那新町
0%
松川町 伊那大島
0%
中川村 伊那田島
0%
飯田市 伊那八幡
0%
駒ヶ根市 伊那福岡
0%
飯島町 伊那本郷
0%
安芸市 伊尾木
0%
いの町 伊野商業前
0%
出雲市 伊野灘
0%
黒潮町 伊与喜
0%
松山市 衣山
0%
福島市 医王寺前
0%
宮古市 磯鶏
0%
川西市 一の鳥居
0%
宮古市 一の渡
0%
糸島市 一貴山
0%
球磨村 一勝地
0%
高知市 一条橋
0%
出雲市 一畑口
0%
錦町 一武
0%
取手市 稲戸井
0%
尾張旭市 印場
0%
九重町 引治
0%
下関市 宇賀本郷
0%
いの町 宇治団地前
0%
鹿児島市 宇宿一丁目
0%
京都市 宇多野
0%
阿武町 宇田郷
0%
広島市 宇品五丁目
0%
広島市 宇品三丁目
0%
広島市 宇品四丁目
0%
広島市 宇品二丁目
0%
養老町 烏江
0%
阿南市 羽ノ浦
0%
伊奈町 羽貫
0%
由利本荘市 羽後岩谷
0%
大仙市 羽後四ツ屋
0%
仙北市 羽後太田
0%
仙北市 羽後中里
0%
佐久穂町 羽黒下
0%
綾川町 羽床
0%
寒河江市 羽前高松
0%
小国町 羽前松岡
0%
男鹿市 羽立
0%
最上町 鵜杉
0%
佐久市 臼田
0%
熊本市 蔚山町
0%
伊万里市 浦ノ崎
0%
長崎市 浦上駅前
0%
長崎市 浦上車庫
0%
甲賀市 雲井
0%
出雲市 雲州平田
0%
四万十町 影野
0%
北九州市 永犬丸
0%
桑名市 益生
0%
萩市 越ケ浜
0%
小千谷市 越後岩沢
0%
十日町市 越後田沢
0%
つがる市 越水
0%
南砺市 越中山田
0%
立山町 榎町
0%
直方市 遠賀野
0%
森町 遠江一宮
0%
浜松市 遠州芝本
0%
浜松市 遠州西ヶ崎
0%
川根本町 塩郷
0%
柳川市 塩塚
0%
身延町 塩之沢
0%
美祢市 於福
0%
北秋田市 奥阿仁
0%
川根本町 奥泉
0%
富山市 奥田中学校前
0%
北九州市 奥洞海
0%
青森市 奥内
0%
浜松市 奥浜名湖
0%
長岡市 押切
0%
野々市市 押野
0%
深浦町 横磯
0%
瑞穂市 横屋
0%
八幡平市 横間
0%
広島市 横川一丁目
0%
栄村 | 角田市 横倉
0%
長門市 黄波戸
0%
日高村 岡花
0%
浜田市 岡見
0%
高松市 沖松島
0%
金沢市 乙丸
0%
静岡市 音羽町
0%
紀の川市 下井阪
0%
富山市 下奥井
0%
嘉麻市 下鴨生
0%
広島市 下祇園
0%
雲南市 下久野
0%
高森町 下市田
0%
亀山市 下庄
0%
桑名市 下深谷
0%
可児市 下切
0%
大館市 下川沿
0%
浜松市 下川合
0%
府中市 下川辺
0%
川根本町 下泉
0%
立山町 下段
0%
福知山市 下天津
0%
湯沢市 下湯沢
0%
上田市 下之郷
0%
高森町 下平
0%
桑名市 下野代
0%
白川町 下油井
0%
大野市 下唯野
0%
石巻市 佳景山
0%
鈴鹿市 加佐登
0%
鹿児島市 加治屋町
0%
糸島市 加布里
0%
美濃加茂市 加茂野
0%
島田市 家山
0%
鈴鹿市 河曲
0%
津市 河芸
0%
府中市 河佐
0%
岩国市 河山
0%
東近江市 河辺の森
0%
福島市 花水坂
0%
恵那市 花白温泉
0%
熊本市 花畑町
0%
黒潮町 荷稲
0%
尾鷲市 賀田
0%
大分市 賀来
0%
高知市 介良通
0%
芦北町 海浦
0%
広島市 海岸通
0%
南牧村 海尻
0%
佐久穂町 海瀬
0%
芦北町 海路
0%
広島市 皆実町二丁目
0%
広島市 皆実町六丁目
0%
佐世保市 皆瀬
0%
豊田市 貝津
0%
大野市 柿ケ島
0%
香春町 柿下温泉口
0%
新城市 柿平
0%
大豊町 角茂谷
0%
三木町 学園通り
0%
金沢市 額住宅前
0%
小野市 樫山
0%
三次市 梶田
0%
高松市 潟元
0%
佐久市 滑津
0%
高知市 葛島橋東詰
0%
立山町 釜ヶ淵
0%
諫早市 釜ノ鼻
0%
真室川町 釜淵
0%
益田市 鎌手
0%
八代市 鎌瀬
0%
鹿児島市 鴨池
0%
伊賀市 茅町
0%
松山市 萱町六丁目
0%
大津市 瓦ヶ浜
0%
直方市 感田
0%
長崎市 観光通
0%
津市 関ノ宮
0%
関市 関下有知
0%
関市 関富岡
0%
北九州市 関門海峡めかり
0%
宇部市 丸尾
0%
一関市 岩ノ下
0%
長崎市 岩屋橋
0%
八峰町 岩館
0%
遠野市 岩根橋
0%
遠野市 岩手上郷
0%
遠野市 岩手二日町
0%
大崎市 岩出山
0%
大村市 岩松
0%
浜松市 岩水寺
0%
岩泉町 岩泉小本
0%
佐久市 岩村田
0%
福島市 岩代清水
0%
北上市 岩沢
0%
裾野市 岩波
0%
宇部市 岩鼻
0%
北秋田市 岩野目
0%
福岡市 雁ノ巣
0%
北九州市 企救丘
0%
南部町 寄畑
0%
中間市 希望が丘高校前
0%
浜松市 気賀
0%
御浜町 紀伊市木
0%
紀の川市 紀伊長田
0%
鹿児島市 騎射場
0%
由布市 鬼瀬
0%
唐津市 鬼塚
0%
奥出雲町 亀嵩
0%
熊本市 祇園橋
0%
広島市 祇園新橋北
0%
高岡市 吉久
0%
徳島市 吉成
0%
由利本荘市 吉沢
0%
芦北町 吉尾
0%
竹原市 吉名
0%
さいたま市 吉野原
0%
真岡市 久下田
0%
伊万里市 久原
0%
佐用町 久崎
0%
城陽市 久津川
0%
身延町 久那土
0%
指宿市 宮ケ浜
0%
高知市 宮の奥
0%
荒川区 宮ノ前
0%
浜松市 宮口
0%
宮津市 宮村
0%
廿日市市 宮島ボートレース場
0%
辰野町 宮木
0%
高岡市 急患医療センター前
0%
球磨村 球泉洞
0%
湯川村 笈川
0%
大野市 牛ケ原
0%
阿久根市 牛ノ浜
0%
小城市 牛津
0%
東温市 牛渕
0%
東温市 牛渕団地前
0%
函館市 魚市場通
0%
十日町市 魚沼中条
0%
阿賀野市 京ケ瀬
0%
えびの市 京町温泉
0%
黒石市 境松
0%
蓬田村 郷沢
0%
高知市 鏡川橋
0%
四日市市 暁学園前
0%
由利本荘市 曲沢
0%
鈴鹿市 玉垣
0%
甲賀市 玉桂寺前
0%
西条市 玉之江
0%
竹田市 玉来
0%
岩国市 欽明路
0%
宇部市 琴芝
0%
佐川町 襟野々
0%
むつ市 近川
0%
福山市 近田
0%
名古屋市 金屋
0%
ひたちなか市 金上
0%
伊万里市 金石原
0%
むつ市 金谷沢
0%
鳴門市 金比羅前
0%
八戸市 金浜
0%
伊万里市 金武
0%
北九州市 九州鉄道記念館
0%
熊本市 九品寺交差点
0%
飯塚市 九郎原
0%
岩国市 玖珂
0%
広島市 玖村
0%
伊万里市 駒鳴
0%
海津市 駒野
0%
四万十市 具同
0%
久留米市 櫛原
0%
北九州市 熊西
0%
合志市 熊本高専前
0%
熊本市 熊本城・市役所前
0%
丸亀市 栗熊
0%
湧水町 栗野
0%
伊賀市 桑町
0%
飯山市 桑名川
0%
阿南市 桑野
0%
銚子市 君ヶ浜
0%
鹿児島市 郡元南
0%
八幡平市 兄畑
0%
九重町 恵良
0%
熊本市 慶徳校前
0%
江津市 敬川
0%
秋田市 桂根
0%
北秋田市 桂瀬
0%
安芸市 穴内
0%
小田原市 穴部
0%
市原市 月崎
0%
真庭市 月田
0%
熊本市 健軍交番前
0%
熊本市 健軍校前
0%
松阪市 権現前
0%
豊後大野市 犬飼
0%
川西町 犬川
0%
久留米市 犬塚
0%
富山市 犬島新町
0%
岡山市 県庁通り
0%
広島市 県病院前
0%
高知市 県立美術館通
0%
南阿蘇村 見晴台
0%
阿南市 見能林
0%
広島市 元宇品口
0%
日光市 原向
0%
菊陽町 原水
0%
掛川市 原谷
0%
長崎市 原爆資料館
0%
富士宮市 源道寺
0%
長崎市 現川
0%
戸沢村 古口
0%
広島市 古江
0%
高松市 古高松南
0%
大分市 古国府
0%
松前町 古泉
0%
四万十市 古津賀
0%
雲仙市 古部
0%
北九州市 呼野
0%
福山市 戸手
0%
益田市 戸田小浜
0%
取手市 戸頭
0%
森町 戸綿
0%
鈴鹿市 鼓ヶ浦
0%
川西市 鼓滝
0%
東近江市 五箇荘
0%
仙台市 五橋
0%
長崎市 五島町
0%
五所川原市 五農校前
0%
久留米市 五郎丸
0%
須崎市 吾桑
0%
南国市 後免西町
0%
南国市 後免東町
0%
久留米市 御井
0%
登米市 御岳堂
0%
広島市 御幸橋
0%
京都市 御室仁和寺
0%
静岡市 御門台
0%
熊本市 交通局前
0%
日田市 光岡
0%
三木町 公文明
0%
多良木町 公立病院前
0%
香春町 勾金
0%
浜松市 向市場
0%
福島市 向瀬上
0%
鹿児島市 工学部前
0%
富山市 広貫堂前
0%
高原町 広原
0%
深浦町 広戸
0%
神戸町 広神戸
0%
広島市 広大附属学校前
0%
姫路市 広畑
0%
鹿児島市 広木
0%
弘前市 弘前学院大前
0%
弘前市 弘前東高前
0%
みやま市 江の浦
0%
佐世保市 江迎鹿町
0%
東みよし町 江口
0%
萩市 江崎
0%
高岡市 江尻
0%
福井市 江端
0%
松山市 港山
0%
三次市 甲奴
0%
鹿児島市 甲東中学校前
0%
市川三郷町 甲斐岩間
0%
甲府市 甲斐住吉
0%
安芸高田市 甲立
0%
北秋田市 糠沢
0%
福知山市 荒河かしの木台
0%
北秋田市 荒瀬
0%
遠野市 荒谷前
0%
富山市 荒町
0%
鹿児島市 荒田八幡
0%
刈羽村 荒浜
0%
鹿嶋市 荒野台
0%
札幌市 行啓通
0%
香南市 香我美
0%
北九州市 香春口三萩野
0%
福岡市 香椎花園前
0%
福岡市 香椎宮前
0%
福岡市 香椎神宮
0%
備前市 香登
0%
松江市 高ノ宮
0%
八尾市 高安山
0%
飯島町 高遠原
0%
揖斐川町 高科
0%
四日市市 高角
0%
佐世保市 | 佐久穂町 高岩
0%
鹿児島市 高見橋
0%
鹿児島市 高見馬場
0%
松山市 高砂町
0%
伊達市 高子
0%
境港市 高松町
0%
周南市 高水
0%
高知市 高知橋
0%
高知市 高知城前
0%
出水市 高尾野
0%
富山市 国際会議場前
0%
北九州市 黒崎駅前
0%
筑西市 黒子
0%
熊本市 黒髪町
0%
さいたま市 今羽
0%
高松市 今橋
0%
小郡市 今隈
0%
福岡市 今宿
0%
行橋市 今川河童
0%
岩国市 根笠
0%
高崎市 根小屋
0%
糸魚川市 根知
0%
宮古市 佐羽根
0%
南牧村 佐久海ノ口
0%
南牧村 佐久広瀬
0%
広島市 佐伯区役所前
0%
芦北町 佐敷
0%
唐津市 佐里
0%
津山市 佐良山
0%
佐世保市 左石
0%
仙北市 左通
0%
酒田市 砂越
0%
立川市 砂川七番
0%
合志市 再春医療センター前
0%
宇部市 妻崎
0%
みやこ町 犀川
0%
高知市 菜園場町
0%
桑名市 在良
0%
日向市 財光寺
0%
大分市 坂ノ市
0%
高岡市 坂下町
0%
新見市 坂根
0%
みやこ町 崎山
0%
川根本町 崎平
0%
東大和市 桜街道
0%
福島市 桜水
0%
鹿児島市 桜島桟橋通
0%
福岡市 桜並木
0%
鹿児島市 笹貫
0%
市貝町 笹原田
0%
福島市 笹谷
0%
富山市 笹津
0%
川西市 笹部
0%
豊橋市 札木
0%
阿久根市 薩摩大川
0%
海陽町 鯖瀬
0%
大鰐町 鯖石
0%
北九州市 三ヶ森
0%
金沢市 三ツ屋
0%
合志市 三ツ石
0%
奥出雲町 三井野原
0%
小諸市 三岡
0%
東みよし町 三加茂
0%
佐世保市 三河内
0%
湯沢市 三関
0%
萩市 三見
0%
金沢市 三口
0%
松本市 三溝
0%
福井市 三十八社
0%
有田町 三代橋
0%
広島市 三滝
0%
京都市 三宅八幡
0%
福岡市 三苫
0%
三好市 三縄
0%
紀北町 三野瀬
0%
菊陽町 三里木
0%
三次市 三良坂
0%
久留米市 三潴
0%
佐世保市 山の田
0%
美波町 山河内
0%
筑前町 山隈
0%
宮古市 山口団地
0%
吉野川市 山瀬
0%
札幌市 山鼻19条
0%
廿日市市 山陽女学園前
0%
高知市 桟橋車庫前
0%
高知市 桟橋通一丁目
0%
高知市 桟橋通五丁目
0%
高知市 桟橋通三丁目
0%
高知市 桟橋通四丁目
0%
高知市 桟橋通二丁目
0%
白鷹町 蚕桑
0%
東かがわ市 讃岐相生
0%
さぬき市 讃岐津田
0%
高松市 讃岐牟礼
0%
白鷹町 四季の郷
0%
豊田市 四郷
0%
舞鶴市 四所
0%
美祢市 四郎ケ原
0%
由利本荘市 子吉
0%
井原市 子守唄の里高屋
0%
身延町 市ノ瀬
0%
阿蘇市 市ノ川
0%
新見市 市岡
0%
市貝町 市塙
0%
東近江市 市辺
0%
高岡市 市民病院前
0%
熊本市 市立体育館前
0%
北九州市 志井公園
0%
高岡市 志貴野中学校前
0%
三次市 志和地
0%
札幌市 資生館小学校前
0%
上田市 寺下
0%
広島市 寺町
0%
行田市 持田
0%
長井市 時庭
0%
飯田市 時又
0%
東御市 滋野
0%
郡上市 自然園前
0%
河内長野市 汐ノ宮
0%
京都市 鹿王院
0%
糸島市 鹿家
0%
東松島市 鹿妻
0%
石巻市 鹿又
0%
金沢市 七ツ屋
0%
益子町 七井
0%
飯島町 七久保
0%
桑名市 七和
0%
山形市 漆山
0%
山口市 篠目
0%
寒河江市 柴橋
0%
一関市 柴宿
0%
鹿角市 柴平
0%
石巻市 蛇田
0%
長崎市 若葉町
0%
北九州市 守恒
0%
岩国市 守内かさ神
0%
庄内町 狩川
0%
粕屋町 酒殿
0%
福岡市 周船寺
0%
下松市 周防花岡
0%
下松市 周防久保
0%
山口市 周防佐山
0%
下妻市 宗道
0%
広島市 修大協創中高前
0%
美濃市 洲原
0%
高知市 舟戸
0%
広島市 舟入幸町
0%
広島市 舟入川口町
0%
広島市 舟入町
0%
広島市 舟入南
0%
広島市 舟入本町
0%
南国市 住吉通
0%
大館市 十二所
0%
野田村 十府ヶ浦海岸
0%
長門市 渋木
0%
美祢市 重安
0%
広島市 縮景園前
0%
出雲市 出雲科学館パークタウン前
0%
奥出雲町 出雲三成
0%
雲南市 出雲大東
0%
奥出雲町 出雲八代
0%
潟上市 出戸浜
0%
北九州市 出光美術館
0%
高松市 春日川
0%
鹿児島市 純心学園前
0%
高知市 曙町東町
0%
豊後大野市 緒方
0%
浜松市 助信
0%
広島市 女学院前
0%
松山市 勝山町
0%
小竹町 勝野
0%
新庄市 升形
0%
熊本市 商業高校前
0%
広島市 商工センター入口
0%
中央市 小井川
0%
須賀川市 小塩江
0%
八幡平市 小屋の畑
0%
坂町 小屋浦
0%
岡山市 小橋
0%
川棚町 小串郷
0%
弘前市 小栗山
0%
四日市市 小古曽
0%
釜石市 小佐野
0%
にかほ市 小砂川
0%
永平寺町 小舟渡
0%
千葉市 小倉台
0%
日高村 小村神社前
0%
糸魚川市 小滝
0%
大多喜町 小谷松
0%
豊橋市 小池
0%
駒ヶ根市 小町屋
0%
諫早市 小長井
0%
庄原市 小奴可
0%
長岡市 小島谷
0%
宮崎市 小内海
0%
名古屋市 小幡緑地
0%
広島市 小網町
0%
出雲崎町 小木ノ城
0%
由布市 小野屋
0%
一関市 小梨
0%
南国市 小篭通
0%
射水市 庄川口
0%
宇部市 床波
0%
函館市 昭和橋
0%
長崎市 昭和町通
0%
八王子市 松が谷
0%
南九州市 松ケ浦
0%
大津市 松ノ馬場
0%
小海町 松原湖
0%
美濃市 松森
0%
深浦町 松神
0%
釜石市 松倉
0%
宮古市 松草
0%
大阪市 松虫
0%
大阪市 松田町
0%
高松市 松島二丁目
0%
仙北市 松葉
0%
富士宮市 沼久保
0%
松阪市 上ノ庄
0%
広島市 上安
0%
田川市 上伊田
0%
伊万里市 上伊万里
0%
鹿児島市 上塩屋
0%
山口市 上嘉川
0%
飯山市 上境
0%
福智町 上金田
0%
飯山市 上桑名川
0%
福山市 上戸手
0%
飯塚市 上三緒
0%
広島市 上三田
0%
浜松市 上市場
0%
富岡市 上州一ノ宮
0%
甘楽町 上州新屋
0%
金沢市 上諸江
0%
福島市 上松川
0%
みどり市 上神梅
0%
薩摩川内市 上川内
0%
三次市 上川立
0%
佐世保市 上相浦
0%
市原市 上総川間
0%
いすみ市 上総中川
0%
高知市 上町一丁目
0%
高知市 上町五丁目
0%
高知市 上町四丁目
0%
高知市 上町二丁目
0%
芦北町 上田浦
0%
湯沢市 上湯沢
0%
広島市 上八木
0%
仙北市 上桧木内
0%
松川町 上片桐
0%
伊達市 上保原
0%
飯塚市 上穂波
0%
富山市 上堀
0%
郡上市 上万場
0%
磐田市 上野部
0%
大崎市 上野目
0%
住田町 上有住
0%
伊賀市 上林
0%
上田市 | 岡山市 城下
0%
大多喜町 城見ヶ丘
0%
篠栗町 城戸南蔵院前
0%
浜松市 城西
0%
富山市 城川原
0%
昭和町 常永
0%
玉野市 常山
0%
浜松市 常葉大学前
0%
霧島市 植村
0%
山田町 織笠
0%
本巣市 織部
0%
長野市 信濃吉田
0%
松本市 信濃荒井
0%
上田市 信濃国分寺
0%
長野市 信濃浅野
0%
中野市 信濃竹原
0%
栄村 信濃白鳥
0%
飯山市 信濃平
0%
鹿児島市 新屋敷
0%
高岡市 新吉久
0%
上市町 新宮川
0%
一関市 新月
0%
須恵町 新原
0%
福山市 新市
0%
合志市 新須屋
0%
四日市市 新正
0%
岡山市 新西大寺町筋
0%
射水市 新町口
0%
多良木町 新鶴羽
0%
直方市 新入
0%
高岡市 新能町
0%
小浜市 新平野
0%
みやこ町 新豊津
0%
北九州市 新木屋瀬
0%
森町 森町病院前
0%
中泊町 深郷田
0%
郡上市 深戸
0%
山口市 深溝
0%
函館市 深堀町
0%
えびの市 真幸
0%
佐世保市 真申
0%
一関市 真滝
0%
大阪市 神ノ木
0%
御浜町 神志山
0%
熊本市 神水交差点
0%
三次市 神杉
0%
上田市 神畑
0%
熊本市 辛島町
0%
福智町 人見
0%
富山市 諏訪川原
0%
合志市 須屋
0%
須恵町 須恵中央
0%
横浜町 吹越
0%
日田市 杉河内
0%
熊本市 杉塘
0%
田村市 菅谷
0%
豊後大野市 菅尾
0%
一関市 摺沢
0%
浜松市 寸座
0%
八代市 瀬戸石
0%
花巻市 晴山
0%
岡山市 清輝橋
0%
宇都宮市 清原地区市民センター前
0%
宇都宮市 清陵高校前
0%
下松市 生野屋
0%
久留米市 聖マリア病院前
0%
弘前市 聖愛中高前
0%
札幌市 西11丁目
0%
札幌市 西15丁目
0%
札幌市 西18丁目
0%
札幌市 西4丁目
0%
札幌市 西8丁目
0%
四万十市 西ケ方
0%
松山市 西衣山
0%
広島市 西観音町
0%
浜松市 西気賀
0%
高崎市 西吉井
0%
高知市 西高須
0%
北九州市 西黒崎
0%
佐川町 西佐川
0%
高崎市 西山名
0%
出水市 西出水
0%
小林市 西小林
0%
熊本市 西辛島町
0%
人吉市 西人吉
0%
岡山市 西川緑道公園
0%
金沢市 西泉
0%
札幌市 西線11条
0%
札幌市 西線14条
0%
札幌市 西線16条
0%
札幌市 西線6条
0%
札幌市 西線9条旭山公園通
0%
高松市 西前田
0%
唐津市 西相知
0%
大刀洗町 西太刀洗
0%
岡山市 西大寺町・岡山芸術創造劇場ハレノワ前
0%
伊賀市 西大手
0%
飯山市 西大滝
0%
川西町 西大塚
0%
黒潮町 西大方
0%
京都市 西大路三条
0%
北秋田市 西鷹巣
0%
由利本荘市 西滝沢
0%
富山市 西町
0%
福岡市 西鉄千早
0%
柳川市 西鉄中島
0%
大牟田市 西鉄渡瀬
0%
福岡市 西鉄平尾
0%
添田町 西添田
0%
真岡市 西田井
0%
平戸市 西田平
0%
大多喜町 西畑
0%
長崎市 西浜町
0%
倉敷市 西富井
0%
富岡市 西富岡
0%
桑名市 西別所
0%
備前市 西片上
0%
吉野川市 西麻植
0%
仙北市 西明寺
0%
松浦市 西木場
0%
いなべ市 西野尻
0%
有田町 西有田
0%
遠野市 青笹
0%
佐久市 青沼
0%
川根本町 青部
0%
津和野町 青野山
0%
函館市 青柳町
0%
札幌市 静修学園前
0%
常総市 石下
0%
新見市 石蟹
0%
益田市 石見横田
0%
北九州市 石原町
0%
札幌市 石山通
0%
大津市 石場
0%
弘前市 石川プール前
0%
柏崎市 石地
0%
東浦町 石浜
0%
那覇市 石嶺
0%
浜松市 積志
0%
上田市 赤坂上
0%
八幡平市 赤坂田
0%
最上町 赤倉温泉
0%
長崎市 赤迫
0%
四日市市 赤堀
0%
飯田市 切石
0%
宮古市 摂待
0%
阿久根市 折口
0%
由利本荘市 折渡
0%
一関市 折壁
0%
筑西市 折本
0%
立山町 千垣
0%
旭川市 千代ケ岡
0%
函館市 千代台
0%
宮古市 千徳
0%
富岡市 千平
0%
東彼杵町 千綿
0%
千葉市 千葉公園
0%
羽咋市 千路
0%
名古屋市 川宮
0%
川根本町 川根小山
0%
川根本町 川根両国
0%
五所川原市 川倉
0%
大台町 川添
0%
大崎市 川渡温泉
0%
玉川村 川辺沖
0%
倉敷市 川辺宿
0%
飯田市 川路
0%
立川市 泉体育館
0%
佐世保市 泉福寺
0%
熊本市 洗馬橋
0%
佐世保市 潜竜ヶ滝
0%
岩出市 船戸
0%
西脇市 船町口
0%
山口市 船平山
0%
長崎市 銭座町
0%
由利本荘市 前郷
0%
北秋田市 前田南
0%
豊橋市 前畑
0%
松浦市 前浜
0%
美濃加茂市 前平公園
0%
久留米市 善導寺
0%
下呂市 禅昌寺
0%
宮崎市 曽山寺
0%
白山市 曽谷
0%
石巻市 曽波神
0%
大牟田市 倉永
0%
井原市 早雲の里荏原
0%
佐世保市 相浦
0%
浜松市 相月
0%
唐津市 相知
0%
横手市 相野々
0%
人吉市 相良藩願成寺
0%
大多喜町 総元
0%
宇部市 草江
0%
薩摩川内市 草道
0%
有田町 蔵宿
0%
徳島市 蔵本
0%
遠野市 足ケ瀬
0%
村山市 袖崎
0%
須崎市 多ノ郷
0%
京都市 太秦広隆寺
0%
佐久市 太田部
0%
四万十町 打井川
0%
紀の川市 打田
0%
飯田市 駄科
0%
中野市 替佐
0%
福井市 泰澄の里
0%
広島市 袋町
0%
島田市 代官町
0%
菰野町 大羽根園
0%
長崎市 大浦海岸通
0%
岡山市 大雲寺前
0%
金沢市 大河端
0%
周南市 大河内
0%
大垣市 大外羽
0%
長崎市 大学病院
0%
深浦町 大間越
0%
高知市 大橋通
0%
霧島市 大隅横川
0%
志布志市 大隅夏井
0%
深浦町 大戸瀬
0%
福知山市 大江高校前
0%
大木町 大溝
0%
富山市 大手モール
0%
竹原市 大乗
0%
豊橋市 大清水
0%
富山市 大川寺
0%
伊万里市 大川野
0%
久留米市 大善寺
0%
大館市 大滝温泉
0%
中泊町 大沢内
0%
八王子市 大塚・帝京大学
0%
松本市 大庭
0%
筑西市 大田郷
0%
大豊町 大田口
0%
駒ヶ根市 大田切
0%
日南市 大堂津
0%
糸島市 大入
0%
長崎市 大波止
0%
熊野市 大泊
0%
小郡市 大板井
0%
瀬戸内市 大富
0%
小郡市 大保
0%
下妻市 大宝
0%
北秋田市 大野台
0%
四日市市 大矢知
0%
田川市 大藪
0%
射水市 第一イン新湊 クロスベイ前
0%
松山市 鷹ノ子
0%
松浦市 鷹島口
0%
広島市 鷹野橋
0%
八峰町 滝ノ間
0%
大台町 滝原
0%
阿蘇市 滝水
0%
北区 滝野川一丁目
0%
川根本町 沢間
0%
大館市 沢尻
0%
立山町 沢中山
0%
八峰町 沢目
0%
富士市 竪堀
0%
佐世保市 棚方
0%
郡山市 谷田川
0%
都城市 谷頭
0%
日南市 谷之口
0%
舞鶴市 丹後神崎
0%
新見市 丹治部
0%
いなべ市 丹生川
0%
北九州市 旦過
0%
小郡市 端間
0%
広島市 段原一丁目
0%
熊本市 段山町
0%
高知市 知寄町
0%
高知市 知寄町一丁目
0%
高知市 知寄町三丁目
0%
高知市 知寄町二丁目
0%
湖西市 知波田
0%
徳島市 地蔵橋
0%
松前町 地蔵町
0%
山口市 地福
0%
大崎市 池月
0%
三木町 池戸
0%
新城市 池場
0%
立山町 稚子塚
0%
大村市 竹松
0%
うきは市 筑後吉井
0%
久留米市 筑後草野
0%
うきは市 筑後大石
0%
中間市 筑前垣生
0%
筑紫野市 筑前山家
0%
篠栗町 筑前山手
0%
飯塚市 筑前庄内
0%
直方市 筑前植木
0%
飯塚市 筑前内野
0%
北九州市 筑豊香月
0%
中間市 筑豊中間
0%
直方市 筑豊直方
0%
京都市 茶山・京都芸術大学
0%
大津市 中ノ庄
0%
上田市 中塩田
0%
札幌市 中央図書館前
0%
函館市 中央病院前
0%
福井市 中角
0%
広島市 中筋
0%
川西町 | 鹿児島市 中郡
0%
菰野町 中菰野
0%
ひたちなか市 中根
0%
佐久市 中佐都
0%
広島市 中三田
0%
鹿児島市 中洲通
0%
鈴鹿市 中瀬古
0%
川辺町 中川辺
0%
多久市 中多久
0%
平戸市 中田平
0%
札幌市 中島公園通
0%
岡山市 中納言
0%
府中市 中畑
0%
境港市 中浜
0%
射水市 中伏木
0%
霧島市 中福良
0%
棚倉町 中豊
0%
中野市 中野松川
0%
岩国市 柱野
0%
伊賀市 猪田道
0%
富山市 朝菜町
0%
高知市 朝倉神社前
0%
豊後大野市 朝地
0%
松江市 朝日ヶ丘
0%
東近江市 朝日大塚
0%
鹿児島市 朝日通
0%
東近江市 朝日野
0%
広島市 長楽寺
0%
長崎市 長崎大学
0%
川根本町 長島ダム
0%
萩市 長門大井
0%
宇部市 長門長沢
0%
長門市 長門湯本
0%
諫早市 長里
0%
彦根市 鳥居本
0%
能代市 鳥形
0%
松江市 津ノ森
0%
青森市 津軽宮田
0%
宮古市 津軽石
0%
五所川原市 津軽飯詰
0%
平川市 津軽尾上
0%
小郡市 津古
0%
戸沢村 津谷
0%
久留米市 津福
0%
深浦町 追良瀬
0%
中間市 通谷
0%
熊本市 通町筋
0%
日光市 通洞
0%
南足柄市 塚原
0%
長岡市 塚山
0%
大阪市 塚西
0%
大崎市 塚目
0%
熊本市 坪井川公園
0%
青森市 鶴ケ坂
0%
能代市 鶴形
0%
鶴田町 鶴泊
0%
つるぎ町 貞光
0%
大阪市 帝塚山三丁目
0%
大阪市 帝塚山四丁目
0%
日田市 天ケ瀬
0%
桐生市 天王宿
0%
由布市 天神山
0%
鹿児島市 天文館通
0%
広島市 天満町
0%
赤穂市 天和
0%
美波町 田井ノ浜
0%
東温市 田窪
0%
熊本市 田崎橋
0%
久留米市 田主丸
0%
飯島町 田切
0%
田川市 田川市立病院
0%
立山町 田添
0%
高知市 田辺島通
0%
川根本町 田野口
0%
都留市 田野倉
0%
富山市 電気ビル前
0%
札幌市 電車事業所前
0%
佐川町 斗賀野
0%
山口市 渡川
0%
福岡市 渡辺通
0%
小布施町 都住
0%
鹿児島市 都通
0%
浜松市 都田
0%
太宰府市 都府楼前
0%
佐川町 土佐加茂
0%
大豊町 土佐岩原
0%
大豊町 土佐穴内
0%
須崎市 土佐新荘
0%
高知市 土佐大津
0%
南国市 土佐長岡
0%
黒潮町 土佐入野
0%
黒潮町 土佐白浜
0%
十日町市 土市
0%
鹿角市 土深井
0%
花巻市 土沢
0%
川根本町 土本
0%
福岡市 唐の原
0%
釜石市 唐丹
0%
安田町 唐浜
0%
伊賀市 島ケ原
0%
大津市 島ノ関
0%
田野畑村 島越
0%
松本市 島高松
0%
氷見市 島尾
0%
諫早市 東園
0%
大牟田市 東甘木
0%
富山市 東岩瀬
0%
大阪市 東玉出
0%
山形市 東金井
0%
南国市 東工業前
0%
行田市 東行田
0%
広島市 東高須
0%
みやこ町 東犀川三四郎
0%
岡山市 東山・おかでんミュージアム駅
0%
伊万里市 東山代
0%
日置市 東市来
0%
高知市 東新木
0%
水巻町 東水巻
0%
津和野町 東青原
0%
南砺市 東石黒
0%
神戸町 東赤坂
0%
柴田町 東船岡
0%
大多喜町 東総元
0%
多久市 東多久
0%
多良木町 東多良木
0%
八幡平市 東大更
0%
岡山市 東中央町
0%
中間市 東中間
0%
会津若松市 東長原
0%
舟形町 東長沢
0%
大阪市 東天下茶屋
0%
豊橋市 東田坂上
0%
平戸市 東田平
0%
浜松市 東都筑
0%
福井市 東藤島
0%
札幌市 東屯田通
0%
八峰町 東八森
0%
豊橋市 東八町
0%
富山市 東八尾
0%
富岡市 東富岡
0%
大阪市 東粉浜
0%
札幌市 東本願寺前
0%
堺市 東湊
0%
あさぎり町 東免田
0%
砺波市 東野尻
0%
たつの市 東觜崎
0%
伊万里市 桃川
0%
美濃市 湯の洞温泉口
0%
山陽小野田市 湯ノ峠
0%
芦北町 湯浦
0%
下関市 湯玉
0%
鹿角市 湯瀬温泉
0%
福山市 湯田村
0%
由布市 湯平
0%
京都市 等持院・立命館大学衣笠キャンパス前
0%
北九州市 藤ノ木
0%
北上市 藤根
0%
直方市 藤棚
0%
豊田市 陶磁資料館南
0%
下妻市 騰波ノ江
0%
熊本市 動植物園入口
0%
会津若松市 堂島
0%
釜石市 洞泉
0%
長崎市 道ノ尾
0%
福山市 道上
0%
由利本荘市 道川
0%
白山市 道法寺
0%
郡上市 徳永
0%
柳川市 徳益
0%
八頭町 徳丸
0%
鉾田市 徳宿
0%
北九州市 徳力公団前
0%
北九州市 徳力嵐山口
0%
大台町 栃原
0%
福岡市 奈多
0%
球磨村 那良口
0%
小千谷市 内ケ巻
0%
日南市 内之田
0%
四日市市 内部
0%
阿蘇市 内牧
0%
庄原市 内名
0%
山口市 鍋倉
0%
美作市 楢原
0%
南阿蘇村 南阿蘇白川水源
0%
豊橋市 南栄
0%
岩国市 南河内
0%
角田市 南角田
0%
久留米市 南久留米
0%
広島市 南区役所前
0%
岩国市 南桑
0%
鹿児島市 南鹿児島駅前
0%
守谷市 南守谷
0%
那珂市 南酒出
0%
山形市 南出羽
0%
みやま市 南瀬高
0%
矢祭町 南石井
0%
常総市 南石下
0%
雲南市 南大東
0%
美祢市 南大嶺
0%
山陽小野田市 南中川
0%
長井市 南長井
0%
直方市 南直方御殿口
0%
四日市市 南日永
0%
由布市 南由布
0%
南陽市 南陽市役所
0%
伊万里市 楠久
0%
北九州市 楠橋
0%
京都市 二ノ瀬
0%
伊達市 二井田
0%
徳島市 二軒屋
0%
鹿児島市 二中通
0%
熊本市 二本木口
0%
浜松市 二俣本町
0%
熊野市 二木島
0%
静岡市 日吉町
0%
白山市 日御子
0%
宮崎市 日向沓掛
0%
都城市 日向庄内
0%
都城市 日向前田
0%
串間市 日向大束
0%
串間市 日向北方
0%
広島市 日赤病院前
0%
島田市 日切
0%
津久見市 日代
0%
雲南市 日登
0%
本巣市 日当
0%
霧島市 日当山
0%
八代市 日奈久温泉
0%
静岡市 入江岡
0%
富士市 入山瀬
0%
津幡町 能瀬
0%
高岡市 能町口
0%
中能登町 能登二宮
0%
三木町 農学部前
0%
加西市 播磨横田
0%
加西市 播磨下里
0%
身延町 波高島
0%
江津市 波子
0%
伊万里市 波瀬
0%
いの町 波川
0%
宇城市 波多浦
0%
糸島市 波多江
0%
阿蘇市 波野
0%
金沢市 馬替
0%
高崎市 馬庭
0%
朝倉市 馬田
0%
桑名市 馬道
0%
市原市 馬立
0%
小海町 馬流
0%
いなべ市 梅戸井
0%
富山市 萩浦小学校前
0%
平川市 柏農高校前
0%
遠野市 柏木平
0%
郡上市 白山長滝
0%
深浦町 白神岳登山口
0%
名古屋市 白沢渓谷
0%
郡上市 白鳥高原
0%
大野城市 白木原
0%
岡山市 迫川
0%
函館市 函館アリーナ前
0%
宮古市 箱石
0%
広陵町 箸尾
0%
雲南市 幡屋
0%
綾川町 畑田
0%
熊本市 八景水谷
0%
いの町 八代通
0%
熊本市 八丁馬場
0%
大木町 八丁牟田
0%
宮古市 八木沢・宮古短大
0%
勝山市 発坂
0%
島田市 抜里
0%
長門市 板持
0%
鳴門市 板東
0%
香美市 繁藤
0%
恵那市 飯羽間
0%
美郷町 飯詰
0%
中津川市 飯沼
0%
小田原市 飯田岡
0%
東彼杵町 彼杵
0%
広島市 比治山下
0%
広島市 比治山橋
0%
三豊市 比地大
0%
津市 比津
0%
伊賀市 比土
0%
玉名市 肥後伊倉
0%
宇土市 肥後長浜
0%
八代市 肥後二見
0%
伊万里市 肥前長野
0%
下呂市 飛騨宮田
0%
前橋市 樋越
0%
三次市 備後安田
0%
世羅町 備後三川
0%
庄原市 備後八幡
0%
岡山市 備前原
0%
玉野市 備前田井
0%
岡山市 備前片岡
0%
倉敷市 備中呉妹
0%
平川市 尾上高校前
0%
西会津町 尾登
0%
浜松市 尾奈
0%
広島市 毘沙門台
0%
糸島市 美咲が丘
0%
美作市 美作江見
0%
津山市 美作大崎
0%
津山市 美作滝尾
0%
真庭市 美作追分
0%
美作市 美作土居
0%
福島市 美術館図書館前
0%
出雲市 美談
0%
ひたちなか市 美乃浜学園
0%
養老町 美濃高田
0%
海津市 美濃山崎
0%
海津市 美濃松山
0%
大垣市 美濃青柳
0%
海津市 美濃津屋
0%
池田町 美濃本郷
0%
郡上市 美並苅安
0%
行橋市 美夜古泉
0%
彦根市 彦根口
0%
大阪市 姫松
0%
霧島市 表木山
0%
山陽小野田市 浜河内
0%
唐津市 浜崎
0%
出雲市 浜山公園北口
0%
長崎市 浜町アーケード
0%
広島市 不動院前
0%
有田町 夫婦石
0%
真庭市 富原
0%
熊本市 富合
0%
能代市 富根
0%
富士市 富士根
0%
出雲市 布崎
0%
富山市 布市
0%
高知市 布師田
0%
磐田市 敷地
0%
黒潮町 浮鞭
0%
行田市 武州荒木
0%
鹿児島市 武之橋
0%
福岡市 舞松原
0%
東広島市 風早
0%
松山市 福音寺
0%
糸島市 福吉
0%
福知山市 福知山市民病院口
0%
福島市 福島学院前
0%
伊万里市 福島口
0%
島田市 福用
0%
宮古市 腹帯
0%
宮古市 払川
0%
ひたちなか市 平磯
0%
八幡平市 平館
0%
庄原市 平子
0%
遠野市 平倉
0%
栄村 平滝
0%
佐用町 平福
0%
松山市 平和通一丁目
0%
出水市 米ノ津
0%
岩国市 米川
0%
北秋田市 米内沢
0%
広島市 別院前
0%
鎌倉市 片瀬山
0%
牟岐町 辺川
0%
四日市市 保々
0%
豊田市 保見
0%
大船渡市 甫嶺
0%
郡上市 母野
0%
高知市 宝永町
0%
函館市 宝来町
0%
加西市 法華口
0%
芳賀町 芳賀台
0%
芳賀町 芳賀町工業団地管理センター前
0%
山田町 豊間根
0%
竹田市 豊後荻
0%
大分市 豊後国分
0%
日田市 豊後三芳
0%
豊後大野市 豊後清川
0%
日田市 豊後中川
0%
九重町 豊後中村
0%
川崎町 豊前川崎
0%
糸田町 豊前大熊
0%
宇佐市 豊前長洲
0%
観音寺市 豊浜
0%
高松市 房前
0%
札幌市 北13条東
0%
鉾田市 北浦湖畔
0%
霧島市 北永野田
0%
岩国市 | 美波町 北河内
0%
金沢市 北間
0%
丸森町 北丸森
0%
松山市 北久米
0%
深浦町 北金ケ沢
0%
三種町 北金岡
0%
八幡平市 北森
0%
真岡市 北真岡
0%
神戸町 北神戸
0%
須坂市 北須坂
0%
四日市市 北勢中央公園口
0%
大垣市 北大垣
0%
池田町 北池野
0%
南箕輪村 北殿
0%
いの町 北内
0%
能代市 北能代
0%
大阪市 北畠
0%
曽於市 北俣
0%
岡崎市 北野桝塚
0%
庄内町 北余目
0%
高知市 堀詰
0%
富山市 堀川小泉
0%
函館市 堀川町
0%
富士市 本吉原
0%
広島市 本川町
0%
長与町 本川内
0%
松山市 本町五丁目
0%
益田市 本俣賀
0%
熊本市 本妙寺入口
0%
唐津市 本牟田部
0%
いなべ市 麻生田
0%
遠野市 鱒沢
0%
豊田市 末野原
0%
都城市 万ケ塚
0%
郡上市 万場
0%
小郡市 味坂
0%
熊本市 味噌天神前
0%
京都市 妙心寺
0%
岩国市 椋野
0%
紀の川市 名手
0%
山口市 名草
0%
福岡市 名島
0%
高知市 明見橋
0%
深谷市 明戸
0%
伊万里市 鳴石
0%
京都市 鳴滝
0%
鰺ヶ沢町 鳴沢
0%
いの町 鳴谷
0%
飯田市 毛賀
0%
宇土市 網田
0%
箕輪町 木ノ下
0%
北九州市 木屋瀬
0%
美波町 木岐
0%
錦町 木上
0%
高松市 木太町
0%
高松市 木太東口
0%
本巣市 木知原
0%
郡上市 木尾
0%
山陽小野田市 目出
0%
藤沢市 目白山下
0%
岡山市 門田屋敷
0%
泰阜村 門島
0%
山ノ内町 夜間瀬
0%
福岡市 野芥
0%
恵那市 野志
0%
新見市 野馳
0%
佐世保市 野中
0%
出水市 野田郷
0%
横浜市 野島公園
0%
石川町 野木沢
0%
九重町 野矢
0%
一関市 矢越
0%
柳川市 矢加部
0%
人吉市 矢岳
0%
宇佐市 柳ケ浦
0%
藤沢市 柳小路
0%
赤村 油須原
0%
大垣市 友江
0%
熊野市 有井
0%
黒潮町 有井川
0%
四万十市 有岡
0%
野辺地町 有戸
0%
八代市 有佐
0%
横浜町 有畑
0%
富山市 有峰口
0%
島原市 有明湯江
0%
岡山市 郵便局前
0%
八代市 葉木
0%
白山市 陽羽里
0%
市川三郷町 落居
0%
天童市 乱川
0%
京都市 嵐電天神川
0%
南陽市 梨郷
0%
市原市 里見
0%
浅川町 里白石
0%
深浦町 陸奥岩崎
0%
深浦町 陸奥沢辺
0%
深浦町 陸奥柳田
0%
久慈市 陸中宇部
0%
長野市 立ケ花
0%
小松島市 立江
0%
最上町 立小路
0%
広島市 立町
0%
鳴門市 立道
0%
熊本市 竜田口
0%
佐久市 龍岡城
0%
出雲市 旅伏
0%
釜石市 両石
0%
高知市 領石通
0%
鹿児島市 涙橋
0%
宮崎市 蓮ケ池
0%
高知市 蓮池町通
0%
富山市 蓮町(馬場記念公園前)
0%
大槌町 浪板海岸
0%
豊橋市 老津
0%
唐津市 和多田
0%
米子市 和田浜
0%
石巻市 和渕
0%
高知市 咥内
0%
高知市 枡形
0%
富山市 楡原
0%
愛西市 渕高
0%
松本市 渕東
0%
田川市
0%
宮古市 蟇目
0%
飯塚市 鯰田
0%
大仙市 鶯野
0%
No matching quizzes found
Score Distribution
Percent of People with Each Score
Percentile by Number Answered
Your Score History
You have not taken this quiz